Toutes les communes de Nouvelle-Aquitaine sur une carte - Statistiques

Statistiques générales
  • Ce quiz a été pris 3 462 fois
    2 767 depuis la dernière actualisation
  • Le résultat moyen est 225 sur 4293
Réponses sur la Carte
Les réponses sont colorées sur une échelle allant du rouge au vert en fonction du pourcentage des utilisateurs qui les ont devinées à leur premier essai. Vous pouvez retrouver ces pourcentages ci-dessous.
 
Statistiques - réponses
Département Commune Population (2021) % Correct
Creuse (23) Bord-Saint-Georges 364
91%
Gironde (33) Bordeaux 261 804
73%
Corrèze (19) La Roche-Canillac 126
73%
Dordogne (24) La Roche-Chalais 3 018
73%
Haute-Vienne (87) La Roche-l’Abeille 594
73%
Vienne (86) La Roche-Posay 1 570
73%
Vienne (86) La Roche-Rigault 559
73%
Gironde (33) Bayon-sur-Gironde 732
69%
Corrèze (19) Laroche-près-Feyt 73
69%
Pyrénées-Atlantiques (64) Biarritz 25 764
67%
Pyrénées-Atlantiques (64) Pau 77 066
67%
Pyrénées-Atlantiques (64) Mont 1 124
66%
Landes (40) Mont-de-Marsan 30 674
66%
Pyrénées-Atlantiques (64) Mont-Disse 79
66%
Charente-Maritime (17) Saint-Jean-d’Angély 6 705
66%
Charente-Maritime (17) Saint-Jean-d’Angle 696
66%
Dordogne (24) Saint-Jean-d'Ataux 135
66%
Gironde (33) Saint-Jean-de-Blaignac 455
66%
Dordogne (24) Saint-Jean-de-Côle 366
66%
Lot-et-Garonne (47) Saint-Jean-de-Duras 250
66%
Landes (40) Saint-Jean-de-Lier 409
66%
Charente-Maritime (17) Saint-Jean-de-Liversay 3 038
66%
Pyrénées-Atlantiques (64) Saint-Jean-de-Luz 14 601
66%
Landes (40) Saint-Jean-de-Marsacq 1 779
66%
Vienne (86) Saint-Jean-de-Sauves 1 331
66%
Dordogne (24) Saint-Jean-d'Estissac 160
66%
Deux-Sèvres (79) Saint-Jean-de-Thouars 1 339
66%
Lot-et-Garonne (47) Saint-Jean-de-Thurac 564
66%
Gironde (33) Saint-Jean-d’Illac 9 304
66%
Pyrénées-Atlantiques (64) Saint-Jean-le-Vieux 857
66%
Haute-Vienne (87) Saint-Jean-Ligoure 491
66%
Pyrénées-Atlantiques (64) Saint-Jean-Pied-de-Port 1 499
66%
Pyrénées-Atlantiques (64) Saint-Jean-Poudge 69
66%
Charente-Maritime (17) La Rochelle 78 535
65%
Gironde (33) Arcachon 11 259
63%
Pyrénées-Atlantiques (64) Bayonne 52 749
58%
Haute-Vienne (87) Limoges 129 760
56%
Vienne (86) Poitiers 90 240
56%
Pyrénées-Atlantiques (64) Saint-Pée-sur-Nivelle 7 170
53%
Charente (16) Angoulême 41 086
52%
Landes (40) Dax 21 347
52%
Gironde (33) Mérignac 75 729
50%
Charente-Maritime (17) Mérignac 230
50%
Charente (16) Mérignac 822
50%
Deux-Sèvres (79) Niort 59 309
49%
Creuse (23) Saint-Pierre-Bellevue 211
49%
Creuse (23) Saint-Pierre-Chérignat 164
49%
Charente-Maritime (17) Saint-Pierre-d’Amilly 552
49%
Gironde (33) Saint-Pierre-d’Aurillac 1 309
49%
Gironde (33) Saint-Pierre-de-Bat 285
49%
Lot-et-Garonne (47) Saint-Pierre-de-Buzet 282
49%
Dordogne (24) Saint-Pierre-de-Chignac 917
49%
Lot-et-Garonne (47) Saint-Pierre-de-Clairac 842
49%
Dordogne (24) Saint-Pierre-de-Côle 424
49%
Dordogne (24) Saint-Pierre-de-Frugie 444
49%
Charente-Maritime (17) Saint-Pierre-de-Juillers 347
49%
Charente-Maritime (17) Saint-Pierre-de-l’Isle 264
49%
Vienne (86) Saint-Pierre-de-Maillé 867
49%
Gironde (33) Saint-Pierre-de-Mons 1 236
49%
Deux-Sèvres (79) Saint-Pierre-des-Échaubrognes 1 412
49%
Vienne (86) Saint-Pierre-d’Exideuil 763
49%
Dordogne (24) Saint-Pierre-d'Eyraud 1 808
49%
Pyrénées-Atlantiques (64) Saint-Pierre-d’Irube 5 822
49%
Charente-Maritime (17) Saint-Pierre-d’Oléron 6 627
49%
Landes (40) Saint-Pierre-du-Mont 9 871
49%
Charente-Maritime (17) Saint-Pierre-du-Palais 340
49%
Charente-Maritime (17) Saint-Pierre-la-Noue 1 508
49%
Creuse (23) Saint-Pierre-le-Bost 121
49%
Lot-et-Garonne (47) Saint-Pierre-sur-Dropt 357
49%
Dordogne (24) Périgueux 29 516
48%
Gironde (33) Pessac 66 760
48%
Gironde (33) Pessac-sur-Dordogne 443
48%
Pyrénées-Atlantiques (64) Eaux-Bonnes 190
46%
Charente-Maritime (17) Saintes 25 518
45%
Lot-et-Garonne (47) Agen 32 485
44%
Corrèze (19) Saint-Paul 236
44%
Gironde (33) Saint-Paul 1 021
44%
Haute-Vienne (87) Saint-Paul 1 230
44%
Dordogne (24) Saint-Paul-de-Serre 323
44%
Landes (40) Saint-Paul-en-Born 980
44%
Deux-Sèvres (79) Saint-Paul-en-Gâtine 478
44%
Dordogne (24) Saint-Paul-la-Roche 523
44%
Landes (40) Saint-Paul-lès-Dax 14 317
44%
Dordogne (24) Saint-Paul-Lizonne 279
44%
Landes (40) Sainte-Marie-de-Gosse 1 214
43%
Charente-Maritime (17) Sainte-Marie-de-Ré 3 372
43%
Haute-Vienne (87) Sainte-Marie-de-Vaux 204
43%
Corrèze (19) Sainte-Marie-Lapanouze 56
43%
Charente (16) Saint-Mary 347
43%
Corrèze (19) Roche-le-Peyroux 97
42%
Pyrénées-Atlantiques (64) Autevielle-Saint-Martin-Bideren 207
41%
Charente-Maritime (17) Bernay-Saint-Martin 753
41%
Corrèze (19) Brive-la-Gaillarde 46 599
41%
Deux-Sèvres (79) Fontenille-Saint-Martin-d’Entraigues 534
41%
Gironde (33) Lège-Cap-Ferret 8 193
41%
Creuse (23) Saint-Martin-Château 148
41%
Lot-et-Garonne (47) Saint-Martin-Curton 307
41%
Pyrénées-Atlantiques (64) Saint-Martin-d’Arberoue 343
41%
Pyrénées-Atlantiques (64) Saint-Martin-d’Arrossa 546
41%
Charente-Maritime (17) Saint-Martin-d’Ary 471
41%
Lot-et-Garonne (47) Saint-Martin-de-Beauville 162
41%
Deux-Sèvres (79) Saint-Martin-de-Bernegoue 799
41%
Charente-Maritime (17) Saint-Martin-de-Coux 474
41%
Dordogne (24) Saint-Martin-de-Fressengeas 362
41%
Dordogne (24) Saint-Martin-de-Gurson 645
41%
Landes (40) Saint-Martin-de-Hinx 1 717
41%
Charente-Maritime (17) Saint-Martin-de-Juillers 153
41%
Haute-Vienne (87) Saint-Martin-de-Jussac 566
41%
Gironde (33) Saint-Martin-de-Laye 549
41%
Gironde (33) Saint-Martin-de-Lerm 157
41%
Deux-Sèvres (79) Saint-Martin-de-Mâcon 311
41%
Charente-Maritime (17) Saint-Martin-de-Ré 2 263
41%
Dordogne (24) Saint-Martin-de-Ribérac 734
41%
Deux-Sèvres (79) Saint-Martin-de-Saint-Maixent 1 068
41%
Deux-Sèvres (79) Saint-Martin-de-Sanzay 1 053
41%
Dordogne (24) Saint-Martin-des-Combes 200
41%
Landes (40) Saint-Martin-de-Seignanx 6 076
41%
Gironde (33) Saint-Martin-de-Sescas 568
41%
Lot-et-Garonne (47) Saint-Martin-de-Villeréal 104
41%
Landes (40) Saint-Martin-d'Oney 1 366
41%
Gironde (33) Saint-Martin-du-Bois 831
41%
Charente (16) Saint-Martin-du-Clocher 123
41%
Deux-Sèvres (79) Saint-Martin-du-Fouilloux 247
41%
Gironde (33) Saint-Martin-du-Puy 161
41%
Gironde (33) Saint-Martin-Lacaussade 1 166
41%
Corrèze (19) Saint-Martin-la-Méanne 338
41%
Vienne (86) Saint-Martin-la-Pallu 5 620
41%
Vienne (86) Saint-Martin-l’Ars 376
41%
Dordogne (24) Saint-Martin-l'Astier 140
41%
Haute-Vienne (87) Saint-Martin-le-Mault 142
41%
Dordogne (24) Saint-Martin-le-Pin 268
41%
Haute-Vienne (87) Saint-Martin-le-Vieux 895
41%
Lot-et-Garonne (47) Saint-Martin-Petit 624
41%
Creuse (23) Saint-Martin-Sainte-Catherine 334
41%
Haute-Vienne (87) Saint-Martin-Terressus 566
41%
Charente-Maritime (17) Royan 19 029
40%
Corrèze (19) Tulle 13 992
40%
Dordogne (24) Bergerac 26 323
39%
Charente-Maritime (17) Le Gué-d’Alleré 975
39%
Gironde (33) Libourne 24 557
37%
Pyrénées-Atlantiques (64) Anglet 41 153
36%
Pyrénées-Atlantiques (64) Hendaye 17 796
36%
Charente-Maritime (17) Rochefort 23 092
35%
Charente (16) Cognac 18 448
34%
Haute-Vienne (87) Cognac-la-Forêt 1 198
34%
Gironde (33) La Teste-de-Buch 26 556
31%
Landes (40) Biscarrosse 14 551
30%
Creuse (23) La Villeneuve 47
30%
Gironde (33) Talence 45 225
30%
Gironde (33) Villeneuve 408
30%
Lot-et-Garonne (47) Villeneuve-de-Duras 320
30%
Landes (40) Villeneuve-de-Marsan 2 465
30%
Charente-Maritime (17) Villeneuve-la-Comtesse 744
30%
Lot-et-Garonne (47) Villeneuve-sur-Lot 21 629
30%
Gironde (33) Bègles 30 813
29%
Dordogne (24) Cénac-et-Saint-Julien 1 194
28%
Creuse (23) Guéret 12 840
28%
Lot-et-Garonne (47) Saint-Georges 528
28%
Charente (16) Saint-Georges 45
28%
Charente-Maritime (17) Le Château-d’Oléron 4 319
27%
Charente (16) Louzac-Saint-André 982
27%
Dordogne (24) Saint-André-d'Allas 875
27%
Gironde (33) Saint-André-de-Cubzac 12 854
27%
Dordogne (24) Saint-André-de-Double 175
27%
Charente-Maritime (17) Saint-André-de-Lidon 1 169
27%
Landes (40) Saint-André-de-Seignanx 1 881
27%
Gironde (33) Saint-André-du-Bois 431
27%
Gironde (33) Saint-André-et-Appelles 670
27%
Deux-Sèvres (79) Saint-André-sur-Sèvre 642
27%
Corrèze (19) Saint-Julien-aux-Bois 440
27%
Gironde (33) Saint-Julien-Beychevelle 616
27%
Landes (40) Saint-Julien-d'Armagnac 111
27%
Dordogne (24) Saint-Julien-de-Lampon 650
27%
Charente-Maritime (17) Saint-Julien-de-l’Escap 859
27%
Landes (40) Saint-Julien-en-Born 1 689
27%
Dordogne (24) Saint-Julien-Innocence-Eulalie 311
27%
Creuse (23) Saint-Julien-la-Genête 220
27%
Vienne (86) Saint-Julien-l’Ars 2 863
27%
Creuse (23) Saint-Julien-le-Châtel 140
27%
Corrèze (19) Saint-Julien-le-Pèlerin 118
27%
Haute-Vienne (87) Saint-Julien-le-Petit 294
27%
Corrèze (19) Saint-Julien-le-Vendômois 242
27%
Corrèze (19) Saint-Julien-Maumont 162
27%
Dordogne (24) Sarlat-la-Canéda 8 812
27%
Corrèze (19) Sarroux - Saint Julien 860
27%
Landes (40) Soorts-Hossegor 3 520
27%
Gironde (33) Camiac-et-Saint-Denis 362
26%
Gironde (33) Saint-Denis-de-Pile 5 816
26%
Haute-Vienne (87) Saint-Denis-des-Murs 544
26%
Charente-Maritime (17) Saint-Denis-d’Oléron 1 315
26%
Lot-et-Garonne (47) Saint-Laurent 487
26%
Creuse (23) Saint-Laurent 685
26%
Pyrénées-Atlantiques (64) Saint-Laurent-Bretagne 445
26%
Gironde (33) Saint-Laurent-d’Arce 1 526
26%
Charente (16) Saint-Laurent-de-Céris 745
26%
Charente (16) Saint-Laurent-de-Cognac 824
26%
Landes (40) Saint-Laurent-de-Gosse 717
26%
Vienne (86) Saint-Laurent-de-Jourdes 199
26%
Charente-Maritime (17) Saint-Laurent-de-la-Prée 2 271
26%
Gironde (33) Saint-Laurent-des-Combes 237
26%
Charente (16) Saint-Laurent-des-Combes 91
26%
Dordogne (24) Saint-Laurent-des-Hommes 1 031
26%
Dordogne (24) Saint-Laurent-des-Vignes 1 001
26%
Gironde (33) Saint-Laurent-du-Bois 250
26%
Gironde (33) Saint-Laurent-du-Plan 83
26%
Dordogne (24) Saint-Laurent-la-Vallée 234
26%
Haute-Vienne (87) Saint-Laurent-les-Églises 822
26%
Gironde (33) Saint-Laurent-Médoc 4 940
26%
Haute-Vienne (87) Saint-Laurent-sur-Gorre 1 402
26%
Haute-Vienne (87) Château-Chervix 802
25%
Vienne (86) Château-Garnier 604
25%
Vienne (86) Château-Larcher 1 059
25%
Dordogne (24) Château-l'Évêque 2 151
25%
Charente-Maritime (17) Île-d’Aix 207
25%
Gironde (33) Lacanau 5 031
25%
Pyrénées-Atlantiques (64) Saint-Vincent 391
25%
Dordogne (24) Saint-Vincent-de-Connezac 669
25%
Dordogne (24) Saint-Vincent-de-Cosse 376
25%
Lot-et-Garonne (47) Saint-Vincent-de-Lamontjoie 228
25%
Landes (40) Saint-Vincent-de-Paul 3 360
25%
Gironde (33) Saint-Vincent-de-Paul 997
25%
Gironde (33) Saint-Vincent-de-Pertignas 339
25%
Landes (40) Saint-Vincent-de-Tyrosse 7 956
25%
Dordogne (24) Saint-Vincent-Jalmoutiers 238
25%
Deux-Sèvres (79) Saint-Vincent-la-Châtre 610
25%
Dordogne (24) Saint-Vincent-le-Paluel 293
25%
Dordogne (24) Saint-Vincent-sur-l'Isle 311
25%
Lot-et-Garonne (47) Marmande 17 239
24%
Landes (40) Mimizan 7 364
24%
Pyrénées-Atlantiques (64) Oloron-Sainte-Marie 10 616
24%
Gironde (33) Saint-Émilion 1 769
24%
Gironde (33) Braud-et-Saint-Louis 1 510
23%
Gironde (33) Langon 7 345
23%
Landes (40) Le Sen 227
23%
Pyrénées-Atlantiques (64) Saint-Michel 290
23%
Charente (16) Saint-Michel 3 224
23%
Gironde (33) Saint-Michel-de-Castelnau 244
23%
Dordogne (24) Saint-Michel-de-Double 231
23%
Gironde (33) Saint-Michel-de-Fronsac 522
23%
Gironde (33) Saint-Michel-de-Lapujade 214
23%
Dordogne (24) Saint-Michel-de-Montaigne 322
23%
Gironde (33) Saint-Michel-de-Rieufret 884
23%
Creuse (23) Saint-Michel-de-Veisse 164
23%
Dordogne (24) Saint-Michel-de-Villadeix 299
23%
Landes (40) Saint-Michel-Escalus 316
23%
Charente (16) Ars 699
22%
Creuse (23) Ars 232
22%
Charente-Maritime (17) Ars-en-Ré 1 297
22%
Gironde (33) Blaye 4 957
22%
Landes (40) Canenx-et-Réaut 169
22%
Pyrénées-Atlantiques (64) Làas 138
22%
Dordogne (24) Port-Sainte-Foy-et-Ponchapt 2 501
22%
Gironde (33) Saint-Louis-de-Montferrand 2 144
22%
Dordogne (24) Saint-Louis-en-l'Isle 305
22%
Creuse (23) Saint-Marc-à-Frongier 427
22%
Creuse (23) Saint-Marc-à-Loubaud 126
22%
Deux-Sèvres (79) Saint-Marc-la-Lande 377
22%
Pyrénées-Atlantiques (64) Saint-Médard 200
22%
Charente-Maritime (17) Saint-Médard 86
22%
Charente (16) Saint-Médard 310
22%
Charente-Maritime (17) Saint-Médard-d’Aunis 2 349
22%
Gironde (33) Saint-Médard-de-Guizières 2 389
22%
Dordogne (24) Saint-Médard-de-Mussidan 1 648
22%
Dordogne (24) Saint-Médard-d'Excideuil 544
22%
Gironde (33) Saint-Médard-d’Eyrans 3 263
22%
Gironde (33) Saint-Médard-en-Jalles 32 538
22%
Creuse (23) Saint-Médard-la-Rochette 556
22%
Corrèze (19) Bar 304
21%
Vienne (86) Châtellerault 31 284
21%
Charente-Maritime (17) Jonzac 3 550
21%
Corrèze (19) Saint-Étienne-aux-Clos 246
21%
Pyrénées-Atlantiques (64) Saint-Étienne-de-Baïgorry 1 520
21%
Lot-et-Garonne (47) Saint-Étienne-de-Fougères 858
21%
Gironde (33) Saint-Étienne-de-Lisse 187
21%
Dordogne (24) Saint-Étienne-de-Puycorbier 108
21%
Lot-et-Garonne (47) Saint-Étienne-de-Villeréal 268
21%
Landes (40) Saint-Étienne-d'Orthe 719
21%
Corrèze (19) Saint-Étienne-la-Geneste 88
21%
Deux-Sèvres (79) Saint-Jacques-de-Thouars 424
21%
Pyrénées-Atlantiques (64) Sauguis-Saint-Étienne 170
21%
Charente (16) Barbezieux-Saint-Hilaire 4 732
20%
Landes (40) Capbreton 9 185
20%
Gironde (33) Cenon 26 778
20%
Vienne (86) Cenon-sur-Vienne 1 701
20%
Haute-Vienne (87) Sainte-Anne-Saint-Priest 144
20%
Landes (40) Castel-Sarrazin 574
19%
Pyrénées-Atlantiques (64) Espelette 2 032
19%
Pyrénées-Atlantiques (64) Orthez 10 684
19%
Vienne (86) Saint-Germain 892
19%
Creuse (23) Saint-Germain-Beaupré 357
19%
Dordogne (24) Saint-Germain-de-Belvès 173
19%
Gironde (33) Saint-Germain-de-Grave 149
19%
Gironde (33) Saint-Germain-de-la-Rivière 395
19%
Deux-Sèvres (79) Saint-Germain-de-Longue-Chaume 394
19%
Charente-Maritime (17) Saint-Germain-de-Lusignan 1 299
19%
Charente (16) Saint-Germain-de-Montbron 476
19%
Dordogne (24) Saint-Germain-des-Prés 462
19%
Gironde (33) Saint-Germain-d’Esteuil 1 315
19%
Charente-Maritime (17) Saint-Germain-de-Vibrac 184
19%
Gironde (33) Saint-Germain-du-Puch 2 276
19%
Dordogne (24) Saint-Germain-du-Salembre 920
19%
Charente-Maritime (17) Saint-Germain-du-Seudre 411
19%
Dordogne (24) Saint-Germain-et-Mons 876
19%
Corrèze (19) Saint-Germain-Lavolps 97
19%
Haute-Vienne (87) Saint-Germain-les-Belles 1 145
19%
Corrèze (19) Saint-Germain-les-Vergnes 1 140
19%
Landes (40) Villenave 310
19%
Gironde (33) Villenave-de-Rions 373
19%
Gironde (33) Villenave-d’Ornon 40 500
19%
Dordogne (24) Cubjac-Auvézère-Val-d'Ans 1 104
18%
Gironde (33) Lormont 23 291
18%
Deux-Sèvres (79) Parthenay 10 058
18%
Lot-et-Garonne (47) Pont-du-Casse 4 173
18%
Charente-Maritime (17) Pont-l’Abbé-d’Arnoult 1 792
18%
Landes (40) Port-de-Lanne 1 217
18%
Charente-Maritime (17) Port-d’Envaux 1 152
18%
Vienne (86) Port-de-Piles 556
18%
Charente-Maritime (17) Port-des-Barques 1 761
18%
Lot-et-Garonne (47) Port-Sainte-Marie 1 839
18%
Charente-Maritime (17) Rives-de-Boutonne 422
18%
Pyrénées-Atlantiques (64) Saint-Pé-de-Léren 265
18%
Lot-et-Garonne (47) Saint-Pé-Saint-Simon 189
18%
Pyrénées-Atlantiques (64) Sus 379
18%
Charente (16) Val-d’Auge 796
18%
Charente (16) Val-de-Bonnieure 1 329
18%
Charente (16) Val-de-Cognac 3 468
18%
Vienne (86) Val-de-Comporté 1 014
18%
Gironde (33) Val-de-Livenne 1 793
18%
Charente (16) Val des Vignes 1 365
18%
Gironde (33) Val de Virvée 3 705
18%
Haute-Vienne (87) Val d’Issoire 1 000
18%
Haute-Vienne (87) Val-d’Oire-et-Gartempe 1 691
18%
Deux-Sèvres (79) Val-du-Mignon 1 082
18%
Deux-Sèvres (79) Val en Vignes 2 027
18%
Gironde (33) Bourg 2 283
17%
Vienne (86) Bourg-Archambault 176
17%
Charente (16) Bourg-Charente 884
17%
Dordogne (24) Bourg-des-Maisons 70
17%
Dordogne (24) Bourg-du-Bost 226
17%
Deux-Sèvres (79) Bressuire 19 906
17%
Creuse (23) Le Bourg-d’Hem 226
17%
Creuse (23) Le Grand-Bourg 1 195
17%
Gironde (33) Lesparre-Médoc 5 844
17%
Landes (40) Pey 788
17%
Charente-Maritime (17) Saint-Georges-Antignac 399
17%
Dordogne (24) Saint-Georges-Blancaneix 286
17%
Charente-Maritime (17) Saint-Georges-de-Didonne 5 170
17%
Dordogne (24) Saint-Georges-de-Montclard 276
17%
Deux-Sèvres (79) Saint-Georges-de-Noisné 686
17%
Deux-Sèvres (79) Saint-Georges-de-Rex 439
17%
Charente-Maritime (17) Saint-Georges-des-Agoûts 283
17%
Charente-Maritime (17) Saint-Georges-des-Coteaux 2 810
17%
Charente-Maritime (17) Saint-Georges-d’Oléron 3 948
17%
Charente-Maritime (17) Saint-Georges-du-Bois 1 838
17%
Creuse (23) Saint-Georges-la-Pouge 368
17%
Vienne (86) Saint-Georges-lès-Baillargeaux 4 271
17%
Haute-Vienne (87) Saint-Georges-les-Landes 233
17%
Creuse (23) Saint-Georges-Nigremont 144
17%
Dordogne (24) Val de Louyre et Caudeau 1 590
17%
Pyrénées-Atlantiques (64) Bidart 7 449
16%
Gironde (33) Bruges 20 215
16%
Pyrénées-Atlantiques (64) Bruges-Capbis-Mifaget 854
16%
Charente-Maritime (17) Le Bois-Plage-en-Ré 2 229
16%
Vienne (86) Saint-Benoît 7 307
16%
Gironde (33) Soulac-sur-Mer 2 922
16%
Corrèze (19) Ussel 9 159
16%
Landes (40) Vieux-Boucau-les-Bains 1 660
16%
Corrèze (19) Aix 382
15%
Gironde (33) Andernos-les-Bains 12 472
15%
Vienne (86) Beaumont Saint-Cyr 2 947
15%
Gironde (33) Gujan-Mestras 22 399
15%
Dordogne (24) La Tour-Blanche-Cercles 555
15%
Creuse (23) Les Mars 182
15%
Charente-Maritime (17) Le Thou 2 052
15%
Dordogne (24) Marcillac-Saint-Quentin 829
15%
Vienne (86) Saint-Christophe 277
15%
Charente-Maritime (17) Saint-Christophe 1 389
15%
Charente (16) Saint-Christophe 312
15%
Creuse (23) Saint-Christophe 152
15%
Gironde (33) Saint-Christophe-de-Double 611
15%
Gironde (33) Saint-Christophe-des-Bardes 396
15%
Deux-Sèvres (79) Saint-Christophe-sur-Roc 575
15%
Haute-Vienne (87) Saint-Hilaire-Bonneval 1 001
15%
Gironde (33) Saint-Hilaire-de-la-Noaille 378
15%
Lot-et-Garonne (47) Saint-Hilaire-de-Lusignan 1 512
15%
Dordogne (24) Saint-Hilaire-d'Estissac 122
15%
Charente-Maritime (17) Saint-Hilaire-de-Villefranche 1 339
15%
Gironde (33) Saint-Hilaire-du-Bois 80
15%
Charente-Maritime (17) Saint-Hilaire-du-Bois 296
15%
Corrèze (19) Saint-Hilaire-Foissac 187
15%
Deux-Sèvres (79) Saint-Hilaire-la-Palud 1 523
15%
Creuse (23) Saint-Hilaire-la-Plaine 213
15%
Haute-Vienne (87) Saint-Hilaire-la-Treille 362
15%
Creuse (23) Saint-Hilaire-le-Château 226
15%
Corrèze (19) Saint-Hilaire-les-Courbes 166
15%
Haute-Vienne (87) Saint-Hilaire-les-Places 820
15%
Corrèze (19) Saint-Hilaire-Luc 65
15%
Corrèze (19) Saint-Hilaire-Peyroux 1 015
15%
Corrèze (19) Saint-Hilaire-Taurieux 100
15%
Creuse (23) Sous-Parsat 114
15%
Pyrénées-Atlantiques (64) Urrugne 10 543
15%
Dordogne (24) Villefranche-de-Lonchat 958
15%
Dordogne (24) Villefranche-du-Périgord 666
15%
Lot-et-Garonne (47) Villefranche-du-Queyran 404
15%
Creuse (23) Aubusson 3 108
14%
Lot-et-Garonne (47) Bon-Encontre 6 233
14%
Gironde (33) Floirac 17 749
14%
Charente-Maritime (17) Floirac 427
14%
Gironde (33) Gradignan 25 835
14%
Dordogne (24) Javerlhac-et-la-Chapelle-Saint-Robert 823
14%
Charente (16) La Chapelle 206
14%
Dordogne (24) La Chapelle-Aubareil 538
14%
Corrèze (19) La Chapelle-aux-Brocs 442
14%
Corrèze (19) La Chapelle-aux-Saints 266
14%
Creuse (23) La Chapelle-Baloue 122
14%
Vienne (86) La Chapelle-Bâton 352
14%
Deux-Sèvres (79) La Chapelle-Bâton 411
14%
Deux-Sèvres (79) La Chapelle-Bertrand 461
14%
Charente-Maritime (17) La Chapelle-des-Pots 1 003
14%
Dordogne (24) La Chapelle-Faucher 390
14%
Dordogne (24) La Chapelle-Gonaguet 1 067
14%
Dordogne (24) La Chapelle-Grésignac 103
14%
Dordogne (24) La Chapelle-Montabourlet 59
14%
Haute-Vienne (87) La Chapelle-Montbrandeix 264
14%
Dordogne (24) La Chapelle-Montmoreau 74
14%
Vienne (86) La Chapelle-Moulière 736
14%
Deux-Sèvres (79) La Chapelle-Pouilloux 174
14%
Corrèze (19) La Chapelle-Saint-Géraud 197
14%
Dordogne (24) La Chapelle-Saint-Jean 86
14%
Deux-Sèvres (79) La Chapelle-Saint-Laurent 2 071
14%
Creuse (23) La Chapelle-Saint-Martial 77
14%
Creuse (23) La Chapelle-Taillefert 441
14%
Corrèze (19) Lagarde-Marc-la-Tour 946
14%
Creuse (23) La Souterraine 4 933
14%
Charente-Maritime (17) Le Pin 73
14%
Deux-Sèvres (79) Le Pin 1 041
14%
Charente (16) L’Isle-d’Espagnac 5 662
14%
Vienne (86) L’Isle-Jourdain 1 167
14%
Gironde (33) Saint-Palais 492
14%
Pyrénées-Atlantiques (64) Saint-Palais 2 052
14%
Charente-Maritime (17) Saint-Palais-de-Négrignac 425
14%
Charente-Maritime (17) Saint-Palais-de-Phiolin 212
14%
Charente (16) Saint-Palais-du-Né 306
14%
Charente-Maritime (17) Saint-Palais-sur-Mer 3 918
14%
Gironde (33) Saint-Sulpice-et-Cameyrac 4 879
14%
Charente-Maritime (17) Saint-Thomas-de-Conac 575
14%
Haute-Vienne (87) Bellac 3 596
13%
Gironde (33) Biganos 11 095
13%
Charente-Maritime (17) Bois 518
13%
Charente-Maritime (17) Fouras 4 061
13%
Gironde (33) Le Puy 398
13%
Dordogne (24) Saint-Antoine-de-Breuilh 1 844
13%
Lot-et-Garonne (47) Saint-Antoine-de-Ficalba 715
13%
Gironde (33) Saint-Antoine-du-Queyret 57
13%
Gironde (33) Saint-Antoine-sur-l’Isle 580
13%
Corrèze (19) Saint-Clément 1 363
13%
Charente-Maritime (17) Saint-Clément-des-Baleines 698
13%
Deux-Sèvres (79) Sainte-Eanne 603
13%
Lot-et-Garonne (47) Saint-Maurice-de-Lestapel 104
13%
Charente (16) Saint-Maurice-des-Lions 895
13%
Deux-Sèvres (79) Saint Maurice Étusson 880
13%
Vienne (86) Saint-Maurice-la-Clouère 1 302
13%
Creuse (23) Saint-Maurice-la-Souterraine 1 158
13%
Haute-Vienne (87) Saint-Maurice-les-Brousses 1 042
13%
Creuse (23) Saint-Maurice-près-Crocq 96
13%
Landes (40) Saint-Maurice-sur-Adour 621
13%
Gironde (33) Saint-Quentin-de-Baron 2 675
13%
Gironde (33) Saint-Quentin-de-Caplong 246
13%
Charente (16) Saint-Quentin-de-Chalais 245
13%
Lot-et-Garonne (47) Saint-Quentin-du-Dropt 190
13%
Creuse (23) Saint-Quentin-la-Chabanne 373
13%
Charente (16) Saint-Quentin-sur-Charente 207
13%
Charente-Maritime (17) Saint-Sulpice-d’Arnoult 915
13%
Gironde (33) Saint-Sulpice-de-Faleyrens 1 319
13%
Gironde (33) Saint-Sulpice-de-Guilleragues 233
13%
Gironde (33) Saint-Sulpice-de-Pommiers 263
13%
Dordogne (24) Saint-Sulpice-de-Roumagnac 286
13%
Charente-Maritime (17) Saint-Sulpice-de-Royan 3 387
13%
Charente (16) Saint-Sulpice-de-Ruffec 36
13%
Dordogne (24) Saint-Sulpice-d'Excideuil 359
13%
Haute-Vienne (87) Saint-Sulpice-Laurière 811
13%
Creuse (23) Saint-Sulpice-le-Dunois 570
13%
Creuse (23) Saint-Sulpice-le-Guérétois 1 911
13%
Corrèze (19) Saint-Sulpice-les-Bois 80
13%
Creuse (23) Saint-Sulpice-les-Champs 345
13%
Haute-Vienne (87) Saint-Sulpice-les-Feuilles 1 204
13%
Charente-Maritime (17) Tugéras-Saint-Maurice 380
13%
Landes (40) Castelnau-Chalosse 596
12%
Gironde (33) Castelnau-de-Médoc 4 829
12%
Lot-et-Garonne (47) Castelnau-sur-Gupie 909
12%
Landes (40) Castelnau-Tursan 185
12%
Lot-et-Garonne (47) Caubon-Saint-Sauveur 265
12%
Dordogne (24) Champagne-et-Fontaine 347
12%
Charente (16) Confolens 2 722
12%
Vienne (86) Dangé-Saint-Romain 2 958
12%
Dordogne (24) La Roque-Gageac 430
12%
Vienne (86) Lathus-Saint-Rémy 1 213
12%
Gironde (33) Le Bouscat 24 339
12%
Gironde (33) Les Salles-de-Castillon 323
12%
Haute-Vienne (87) Les Salles-Lavauguyon 151
12%
Charente-Maritime (17) Marennes-Hiers-Brouage 6 175
12%
Lot-et-Garonne (47) Nérac 6 881
12%
Corrèze (19) Puy-d'Arnac 292
12%
Charente-Maritime (17) Puy-du-Lac 517
12%
Creuse (23) Puy-Malsignat 147
12%
Landes (40) Saint-Aubin 500
12%
Lot-et-Garonne (47) Saint-Aubin 386
12%
Gironde (33) Saint-Aubin-de-Blaye 844
12%
Gironde (33) Saint-Aubin-de-Branne 379
12%
Dordogne (24) Saint-Aubin-de-Cadelech 347
12%
Dordogne (24) Saint-Aubin-de-Lanquais 357
12%
Gironde (33) Saint-Aubin-de-Médoc 7 583
12%
Dordogne (24) Saint-Aubin-de-Nabirat 154
12%
Deux-Sèvres (79) Saint-Aubin-du-Plain 554
12%
Deux-Sèvres (79) Saint-Aubin-le-Cloud 1 677
12%
Gironde (33) Sainte-Eulalie 4 925
12%
Dordogne (24) Sainte-Eulalie-d'Ans 297
12%
Landes (40) Sainte-Eulalie-en-Born 1 398
12%
Haute-Vienne (87) Saint-Junien 11 387
12%
Creuse (23) Saint-Junien-la-Bregère 144
12%
Haute-Vienne (87) Saint-Junien-les-Combes 182
12%
Dordogne (24) Saint-Just 147
12%
Pyrénées-Atlantiques (64) Saint-Just-Ibarre 198
12%
Haute-Vienne (87) Saint-Just-le-Martel 2 701
12%
Charente-Maritime (17) Saint-Just-Luzac 2 063
12%
Lot-et-Garonne (47) Saint-Léon 322
12%
Gironde (33) Saint-Léon 312
12%
Dordogne (24) Saint-Léon-d'Issigeac 145
12%
Dordogne (24) Saint-Léon-sur-l'Isle 2 051
12%
Dordogne (24) Saint-Léon-sur-Vézère 426
12%
Dordogne (24) Saint-Sauveur 859
12%
Gironde (33) Saint-Sauveur 1 258
12%
Charente-Maritime (17) Saint-Sauveur-d’Aunis 1 744
12%
Lot-et-Garonne (47) Saint-Sauveur-de-Meilhan 343
12%
Gironde (33) Saint-Sauveur-de-Puynormand 366
12%
Dordogne (24) Saint-Sauveur-Lalande 148
12%
Landes (40) Seignosse 3 900
12%
Vienne (86) Senillé-Saint-Sauveur 1 735
12%
Landes (40) Tarnos 12 920
12%
Gironde (33) Castets et Castillon 1 513
11%
Gironde (33) Cestas 16 789
11%
Charente (16) Jarnac 4 470
11%
Charente-Maritime (17) Jarnac-Champagne 870
11%
Dordogne (24) Nontron 3 041
11%
Haute-Vienne (87) Saint-Cyr 677
11%
Charente-Maritime (17) Saint-Cyr-du-Doret 685
11%
Deux-Sèvres (79) Saint-Cyr-la-Lande 378
11%
Corrèze (19) Saint-Cyr-la-Roche 464
11%
Dordogne (24) Saint-Cyr-les-Champagnes 280
11%
Lot-et-Garonne (47) Saint-Nicolas-de-la-Balerme 424
11%
Dordogne (24) Saint-Rémy 502
11%
Corrèze (19) Saint-Rémy 229
11%
Deux-Sèvres (79) Saint-Rémy 1 102
11%
Vienne (86) Saint-Rémy-sur-Creuse 432
11%
Vienne (86) Saint-Romain 393
11%
Charente (16) Saint-Romain 511
11%
Charente-Maritime (17) Saint-Romain-de-Benet 1 754
11%
Dordogne (24) Saint-Romain-de-Monpazier 112
11%
Dordogne (24) Saint-Romain-et-Saint-Clément 328
11%
Gironde (33) Saint-Romain-la-Virvée 922
11%
Lot-et-Garonne (47) Saint-Romain-le-Noble 390
11%
Lot-et-Garonne (47) Salles 285
11%
Gironde (33) Salles 7 887
11%
Deux-Sèvres (79) Salles 325
11%
Charente (16) Salles-d’Angles 1 011
11%
Charente (16) Salles-de-Barbezieux 403
11%
Dordogne (24) Salles-de-Belvès 76
11%
Charente (16) Salles-de-Villefagnan 313
11%
Charente (16) Salles-Lavalette 318
11%
Pyrénées-Atlantiques (64) Salles-Mongiscard 307
11%
Charente-Maritime (17) Salles-sur-Mer 2 350
11%
Deux-Sèvres (79) Thouars 14 000
11%
Lot-et-Garonne (47) Thouars-sur-Garonne 222
11%
Landes (40) Aire-sur-l'Adour 6 220
10%
Gironde (33) Ambarès-et-Lagrave 16 798
10%
Gironde (33) Arès 6 441
10%
Gironde (33) Blanquefort 16 004
10%
Lot-et-Garonne (47) Blanquefort-sur-Briolance 511
10%
Dordogne (24) Bouteilles-Saint-Sébastien 179
10%
Haute-Vienne (87) Châteauneuf-la-Forêt 1 530
10%
Charente (16) Châteauneuf-sur-Charente 3 554
10%
Charente-Maritime (17) Châtelaillon-Plage 6 227
10%
Gironde (33) Eysines 24 374
10%
Gironde (33) Hourtin 3 983
10%
Haute-Vienne (87) Isle 7 853
10%
Gironde (33) Isle-Saint-Georges 520
10%
Lot-et-Garonne (47) Lachapelle 99
10%
Gironde (33) La Lande-de-Fronsac 2 659
10%
Creuse (23) La Serre-Bussière-Vieille 122
10%
Pyrénées-Atlantiques (64) Luc-Armau 107
10%
Deux-Sèvres (79) Mauléon 8 597
10%
Pyrénées-Atlantiques (64) Mauléon-Licharre 2 954
10%
Dordogne (24) Montignac-Lascaux 2 759
10%
Vienne (86) Montmorillon 5 919
10%
Charente (16) Oradour 147
10%
Charente (16) Oradour-Fanais 363
10%
Haute-Vienne (87) Oradour-Saint-Genest 341
10%
Haute-Vienne (87) Oradour-sur-Glane 2 500
10%
Haute-Vienne (87) Oradour-sur-Vayres 1 564
10%
Charente-Maritime (17) Pons 4 273
10%
Haute-Vienne (87) Rochechouart 3 681
10%
Deux-Sèvres (79) Saint-Maixent-de-Beugné 417
10%
Deux-Sèvres (79) Saint-Maixent-l’École 7 254
10%
Dordogne (24) Saint-Marcel-du-Périgord 141
10%
Haute-Vienne (87) Saint-Mathieu 1 072
10%
Landes (40) Soustons 8 421
10%
Charente-Maritime (17) Aytré 9 578
9%
Pyrénées-Atlantiques (64) Boucau 8 809
9%
Landes (40) Carcen-Ponson 634
9%
Pyrénées-Atlantiques (64) Castillon-d’Arthez 339
9%
Pyrénées-Atlantiques (64) Castillon-de-Lembeye 74
9%
Gironde (33) Castillon-la-Bataille 3 279
9%
Vienne (86) Chasseneuil-du-Poitou 4 767
9%
Charente (16) Chasseneuil-sur-Bonnieure 3 101
9%
Pyrénées-Atlantiques (64) Haut-de-Bosdarros 333
9%
Gironde (33) Jau-Dignac-et-Loirac 956
9%
Charente (16) La Boixe 2 862
9%
Gironde (33) La Sauve 1 586
9%
Gironde (33) Le Haillan 11 572
9%
Lot-et-Garonne (47) Le Mas-d'Agenais 1 485
9%
Creuse (23) Le Mas-d’Artige 96
9%
Gironde (33) Léognan 10 708
9%
Pyrénées-Atlantiques (64) Lescar 9 524
9%
Gironde (33) Le Verdon-sur-Mer 1 369
9%
Deux-Sèvres (79) Melle 5 904
9%
Charente-Maritime (17) Mons 448
9%
Charente (16) Mons 230
9%
Pyrénées-Atlantiques (64) Nay 3 224
9%
Gironde (33) Pauillac 5 098
9%
Landes (40) Sainte-Foy 252
9%
Dordogne (24) Sainte-Foy-de-Belvès 140
9%
Dordogne (24) Sainte-Foy-de-Longas 242
9%
Gironde (33) Sainte-Foy-la-Grande 2 615
9%
Gironde (33) Sainte-Foy-la-Longue 137
9%
Haute-Vienne (87) Saint-Gilles-les-Forêts 45
9%
Gironde (33) Saint-Philippe-d’Aiguille 382
9%
Gironde (33) Saint-Philippe-du-Seignal 501
9%
Creuse (23) Saint-Sébastien 627
9%
Gironde (33) Saint-Sève 250
9%
Creuse (23) Saint-Yrieix-la-Montagne 221
9%
Haute-Vienne (87) Saint-Yrieix-la-Perche 6 825
9%
Corrèze (19) Saint-Yrieix-le-Déjalat 333
9%
Creuse (23) Saint-Yrieix-les-Bois 287
9%
Haute-Vienne (87) Saint-Yrieix-sous-Aixe 439
9%
Charente (16) Saint-Yrieix-sur-Charente 7 525
9%
Charente-Maritime (17) Surgères 6 825
9%
Charente (16) Vaux-Lavalette 80
9%
Charente (16) Vaux-Rouillac 295
9%
Charente-Maritime (17) Vaux-sur-Mer 3 996
9%
Vienne (86) Vaux-sur-Vienne 542
9%
Gironde (33) Vendays-Montalivet 2 684
9%
Corrèze (19) Arnac-Pompadour 1 160
8%
Charente-Maritime (17) Bran 140
8%
Pyrénées-Atlantiques (64) Cambo-les-Bains 6 669
8%
Pyrénées-Atlantiques (64) Castet 145
8%
Dordogne (24) Couze-et-Saint-Front 722
8%
Charente-Maritime (17) Dolus-d’Oléron 3 155
8%
Charente-Maritime (17) Fontaine-Chalendray 210
8%
Vienne (86) Fontaine-le-Comte 3 969
8%
Pyrénées-Atlantiques (64) Laà-Mondrans 433
8%
Landes (40) Labenne 7 007
8%
Charente-Maritime (17) La Brée-les-Bains 688
8%
Gironde (33) La Réole 4 396
8%
Landes (40) Larrivière-Saint-Savin 589
8%
Charente-Maritime (17) La Tremblade 4 436
8%
Landes (40) Léon 2 057
8%
Gironde (33) Le Porge 3 371
8%
Vienne (86) Loudun 6 743
8%
Gironde (33) Lussac 1 184
8%
Charente-Maritime (17) Lussac 46
8%
Charente (16) Lussac 293
8%
Vienne (86) Lussac-les-Châteaux 2 268
8%
Haute-Vienne (87) Lussac-les-Églises 463
8%
Charente (16) Magnac-lès-Gardes 743
8%
Gironde (33) Mios 11 469
8%
Landes (40) Moliets-et-Maa 1 264
8%
Vienne (86) Monts-sur-Guesnes 911
8%
Landes (40) Parentis-en-Born 7 195
8%
Landes (40) Peyre 234
8%
Haute-Vienne (87) Pierre-Buffière 1 155
8%
Dordogne (24) Ribérac 3 828
8%
Landes (40) Roquefort 1 957
8%
Lot-et-Garonne (47) Roquefort 2 102
8%
Charente (16) Roullet-Saint-Estèphe 4 312
8%
Charente (16) Ruffec 3 353
8%
Gironde (33) Saint-Avit-Saint-Nazaire 1 488
8%
Charente (16) Saint-Claud 1 040
8%
Gironde (33) Sainte-Hélène 3 004
8%
Charente-Maritime (17) Saint-Ouen-d’Aunis 2 083
8%
Charente-Maritime (17) Saint-Ouen-la-Thène 132
8%
Haute-Vienne (87) Saint-Ouen-sur-Gartempe 215
8%
Landes (40) Uchacq-et-Parentis 606
8%
Pyrénées-Atlantiques (64) Ustaritz 7 476
8%
Charente (16) Vieux-Ruffec 109
8%
Dordogne (24) Annesse-et-Beaulieu 1 445
7%
Haute-Vienne (87) Arnac-la-Poste 919
7%
Gironde (33) Artigues-près-Bordeaux 8 645
7%
Gironde (33) Bazas 4 799
7%
Deux-Sèvres (79) Beaulieu-sous-Parthenay 672
7%
Corrèze (19) Beaulieu-sur-Dordogne 1 300
7%
Charente (16) Beaulieu-sur-Sonnette 209
7%
Corrèze (19) Beaumont 112
7%
Haute-Vienne (87) Beaumont-du-Lac 139
7%
Lot-et-Garonne (47) Boé 5 723
7%
Dordogne (24) Boulazac Isle Manoire 10 697
7%
Gironde (33) Cadillac-en-Fronsadais 1 345
7%
Gironde (33) Cadillac-sur-Garonne 2 785
7%
Gironde (33) Carbon-Blanc 8 300
7%
Dordogne (24) Chalais 404
7%
Vienne (86) Chalais 486
7%
Charente (16) Chalais 1 791
7%
Pyrénées-Atlantiques (64) Ciboure 6 033
7%
Gironde (33) Créon 4 880
7%
Landes (40) Créon-d'Armagnac 344
7%
Pyrénées-Atlantiques (64) Guéthary 1 323
7%
Pyrénées-Atlantiques (64) La Bastide-Clairence 978
7%
Creuse (23) La Celle-sous-Gouzon 155
7%
Pyrénées-Atlantiques (64) Lacq 1 035
7%
Charente-Maritime (17) La Flotte 3 017
7%
Charente (16) La Forêt-de-Tessé 208
7%
Creuse (23) La Forêt-du-Temple 144
7%
Deux-Sèvres (79) La Forêt-sur-Sèvre 2 265
7%
Pyrénées-Atlantiques (64) Lagor 1 131
7%
Gironde (33) La Rivière 418
7%
Pyrénées-Atlantiques (64) Lée 1 261
7%
Gironde (33) Les Artigues-de-Lussac 1 114
7%
Charente-Maritime (17) Les Portes-en-Ré 587
7%
Gironde (33) Le Teich 9 004
7%
Dordogne (24) Lisle 823
7%
Pyrénées-Atlantiques (64) Lons 13 915
7%
Vienne (86) Lusignan 2 589
7%
Lot-et-Garonne (47) Lusignan-Petit 376
7%
Charente-Maritime (17) Marans 4 500
7%
Charente (16) Marsac 790
7%
Creuse (23) Marsac 643
7%
Dordogne (24) Marsac-sur-l'Isle 3 143
7%
Gironde (33) Montagne 1 525
7%
Gironde (33) Montignac 135
7%
Lot-et-Garonne (47) Montignac-de-Lauzun 286
7%
Charente (16) Montignac-le-Coq 137
7%
Lot-et-Garonne (47) Montignac-Toupinerie 142
7%
Landes (40) Morcenx-la-Nouvelle 4 989
7%
Haute-Vienne (87) Nieul 1 612
7%
Charente-Maritime (17) Nieul-lès-Saintes 1 239
7%
Charente-Maritime (17) Nieul-le-Virouil 583
7%
Charente-Maritime (17) Nieul-sur-Mer 5 798
7%
Landes (40) Ondres 5 855
7%
Pyrénées-Atlantiques (64) Os-Marsillon 544
7%
Landes (40) Rivière-Saas-et-Gourby 1 374
7%
Deux-Sèvres (79) Rom 821
7%
Creuse (23) Saint-Amand 464
7%
Dordogne (24) Saint-Amand-de-Vergt 248
7%
Creuse (23) Saint-Amand-Jartoudeix 153
7%
Haute-Vienne (87) Saint-Amand-le-Petit 109
7%
Haute-Vienne (87) Saint-Amand-Magnazeix 483
7%
Deux-Sèvres (79) Saint-Amand-sur-Sèvre 1 415
7%
Dordogne (24) Saint-Estèphe 589
7%
Gironde (33) Saint-Estèphe 1 617
7%
Lot-et-Garonne (47) Saint-Léger 138
7%
Charente-Maritime (17) Saint-Léger 658
7%
Creuse (23) Saint-Léger-Bridereix 175
7%
Gironde (33) Saint-Léger-de-Balson 319
7%
Vienne (86) Saint-Léger-de-Montbrillais 340
7%
Deux-Sèvres (79) Saint-Léger-de-Montbrun 1 257
7%
Haute-Vienne (87) Saint-Léger-la-Montagne 353
7%
Creuse (23) Saint-Léger-le-Guérétois 404
7%
Haute-Vienne (87) Saint-Léger-Magnazeix 493
7%
Haute-Vienne (87) Saint-Léonard-de-Noblat 4 332
7%
Creuse (23) Saint-Pardoux-d’Arnet 166
7%
Dordogne (24) Saint-Pardoux-de-Drône 192
7%
Lot-et-Garonne (47) Saint-Pardoux-du-Breuil 603
7%
Dordogne (24) Saint-Pardoux-et-Vielvic 189
7%
Lot-et-Garonne (47) Saint-Pardoux-Isaac 1 092
7%
Corrèze (19) Saint-Pardoux-la-Croisille 175
7%
Dordogne (24) Saint-Pardoux-la-Rivière 1 169
7%
Haute-Vienne (87) Saint-Pardoux-le-Lac 1 347
7%
Corrèze (19) Saint-Pardoux-le-Neuf 79
7%
Creuse (23) Saint-Pardoux-le-Neuf 203
7%
Creuse (23) Saint-Pardoux-les-Cards 287
7%
Corrèze (19) Saint-Pardoux-le-Vieux 294
7%
Corrèze (19) Saint-Pardoux-l'Ortigier 488
7%
Creuse (23) Saint-Pardoux-Morterolles 208
7%
Deux-Sèvres (79) Saint-Pardoux-Soutiers 1 867
7%
Creuse (23) Saint-Priest 150
7%
Corrèze (19) Saint-Priest-de-Gimel 477
7%
Creuse (23) Saint-Priest-la-Feuille 739
7%
Creuse (23) Saint-Priest-la-Plaine 257
7%
Dordogne (24) Saint-Priest-les-Fougères 371
7%
Haute-Vienne (87) Saint-Priest-Ligoure 686
7%
Creuse (23) Saint-Priest-Palus 55
7%
Haute-Vienne (87) Saint-Priest-sous-Aixe 1 786
7%
Haute-Vienne (87) Saint-Priest-Taurion 2 889
7%
Gironde (33) Saint-Savin 3 347
7%
Vienne (86) Saint-Savin 817
7%
Charente (16) Saint-Simon 226
7%
Charente-Maritime (17) Saint-Simon-de-Bordes 773
7%
Charente-Maritime (17) Saint-Simon-de-Pellouaille 679
7%
Gironde (33) Saint-Symphorien 1 824
7%
Deux-Sèvres (79) Saint-Symphorien 1 990
7%
Landes (40) Sanguinet 4 582
7%
Charente-Maritime (17) Saujon 7 183
7%
Dordogne (24) Trélissac 7 268
7%
Corrèze (19) Uzerche 2 798
7%
Charente (16) Valence 187
7%
Vienne (86) Valence-en-Poitou 4 368
7%
Vienne (86) Villiers 945
7%
Charente-Maritime (17) Villiers-Couture 107
7%
Deux-Sèvres (79) Villiers-en-Bois 121
7%
Deux-Sèvres (79) Villiers-en-Plaine 1 793
7%
Charente (16) Villiers-le-Roux 147
7%
Deux-Sèvres (79) Villiers-sur-Chizé 157
7%
Pyrénées-Atlantiques (64) Aast 189
6%
Creuse (23) Ahun 1 433
6%
Charente (16) Aigre 1 597
6%
Haute-Vienne (87) Aixe-sur-Vienne 5 839
6%
Charente-Maritime (17) Allas-Bocage 197
6%
Charente-Maritime (17) Allas-Champagne 248
6%
Dordogne (24) Allas-les-Mines 191
6%
Gironde (33) Ambès 3 207
6%
Gironde (33) Audenge 9 371
6%
Gironde (33) Bassens 7 842
6%
Gironde (33) Belin-Béliet 6 039
6%
Haute-Vienne (87) Beynac 719
6%
Dordogne (24) Beynac-et-Cazenac 497
6%
Gironde (33) Bouliac 3 773
6%
Charente (16) Boutiers-Saint-Trojan 1 399
6%
Charente (16) Brie 4 188
6%
Charente-Maritime (17) Brie-sous-Archiac 228
6%
Charente (16) Brie-sous-Barbezieux 120
6%
Charente (16) Brie-sous-Chalais 160
6%
Charente-Maritime (17) Brie-sous-Matha 172
6%
Charente-Maritime (17) Brie-sous-Mortagne 243
6%
Vienne (86) Buxerolles 10 105
6%
Lot-et-Garonne (47) Castelnaud-de-Gratecambe 515
6%
Dordogne (24) Castelnaud-la-Chapelle 447
6%
Gironde (33) Castres-Gironde 2 575
6%
Vienne (86) Ceaux-en-Loudun 550
6%
Vienne (86) Celle-Lévescault 1 363
6%
Haute-Vienne (87) Châlus 1 659
6%
Charente-Maritime (17) Champagne 622
6%
Vienne (86) Champagné-le-Sec 208
6%
Charente (16) Champagne-Mouton 878
6%
Vienne (86) Champagné-Saint-Hilaire 991
6%
Charente (16) Champagne-Vigny 238
6%
Dordogne (24) Champs-Romain 283
6%
Corrèze (19) Chapelle-Spinasse 113
6%
Vienne (86) Chapelle-Viviers 577
6%
Charente-Maritime (17) Chenac-Saint-Seurin-d’Uzet 584
6%
Corrèze (19) Collonges-la-Rouge 479
6%
Corrèze (19) Condat-sur-Ganaveix 662
6%
Dordogne (24) Condat-sur-Trincou 486
6%
Dordogne (24) Condat-sur-Vézère 871
6%
Haute-Vienne (87) Condat-sur-Vienne 5 158
6%
Haute-Vienne (87) Dompierre-les-Églises 371
6%
Charente-Maritime (17) Dompierre-sur-Charente 479
6%
Charente-Maritime (17) Dompierre-sur-Mer 5 961
6%
Corrèze (19) Égletons 4 293
6%
Dordogne (24) Église-Neuve-de-Vergt 578
6%
Dordogne (24) Église-Neuve-d'Issac 123
6%
Corrèze (19) Feyt 119
6%
Pyrénées-Atlantiques (64) Gan 5 622
6%
Pyrénées-Atlantiques (64) Ger 2 066
6%
Landes (40) Hagetmau 4 620
6%
Pyrénées-Atlantiques (64) Hasparren 7 577
6%
Pyrénées-Atlantiques (64) Jurançon 7 064
6%
Lot-et-Garonne (47) Labastide-Castel-Amouroux 312
6%
Pyrénées-Atlantiques (64) Labastide-Cézéracq 576
6%
Landes (40) Labastide-Chalosse 164
6%
Landes (40) Labastide-d'Armagnac 688
6%
Pyrénées-Atlantiques (64) Labastide-Monréjeau 596
6%
Pyrénées-Atlantiques (64) Labastide-Villefranche 320
6%
Gironde (33) La Brède 4 469
6%
Charente (16) La Couronne 7 753
6%
Haute-Vienne (87) Le Palais-sur-Vienne 5 947
6%
Charente-Maritime (17) Les Mathes 2 179
6%
Vienne (86) Les Trois-Moutiers 1 086
6%
Gironde (33) Le Taillan-Médoc 10 727
6%
Gironde (33) Le Temple 644
6%
Lot-et-Garonne (47) Le Temple-sur-Lot 1 088
6%
Landes (40) Lit-et-Mixe 1 690
6%
Gironde (33) Marcheprime 5 367
6%
Gironde (33) Martignas-sur-Jalle 7 850
6%
Charente-Maritime (17) Matha 2 190
6%
Corrèze (19) Neuville 204
6%
Vienne (86) Neuville-de-Poitou 5 429
6%
Deux-Sèvres (79) Nueil-les-Aubiers 5 566
6%
Vienne (86) Nueil-sous-Faye 215
6%
Haute-Vienne (87) Panazol 11 064
6%
Landes (40) Peyrehorade 3 673
6%
Gironde (33) Porte-de-Benauge 591
6%
Dordogne (24) Saint-Astier 5 320
6%
Lot-et-Garonne (47) Saint-Astier 224
6%
Landes (40) Saint-Barthélemy 430
6%
Lot-et-Garonne (47) Saint-Barthélémy-d'Agenais 512
6%
Dordogne (24) Saint-Barthélémy-de-Bellegarde 504
6%
Dordogne (24) Saint-Barthélémy-de-Bussière 212
6%
Gironde (33) Saint-Brice 314
6%
Charente (16) Saint-Brice 967
6%
Haute-Vienne (87) Saint-Brice-sur-Vienne 1 658
6%
Dordogne (24) Sainte-Croix 87
6%
Dordogne (24) Sainte-Croix-de-Mareuil 148
6%
Gironde (33) Sainte-Croix-du-Mont 845
6%
Gironde (33) Saint-Gervais 1 948
6%
Vienne (86) Saint-Gervais-les-Trois-Clochers 1 324
6%
Gironde (33) Saint-Martial 235
6%
Charente-Maritime (17) Saint-Martial 111
6%
Charente (16) Saint-Martial 122
6%
Dordogne (24) Saint-Martial-d'Albarède 480
6%
Dordogne (24) Saint-Martial-d'Artenset 943
6%
Corrèze (19) Saint-Martial-de-Gimel 482
6%
Charente-Maritime (17) Saint-Martial-de-Mirambeau 303
6%
Dordogne (24) Saint-Martial-de-Nabirat 570
6%
Dordogne (24) Saint-Martial-de-Valette 800
6%
Charente-Maritime (17) Saint-Martial-de-Vitaterne 547
6%
Corrèze (19) Saint-Martial-Entraygues 99
6%
Creuse (23) Saint-Martial-le-Mont 267
6%
Creuse (23) Saint-Martial-le-Vieux 147
6%
Haute-Vienne (87) Saint-Martial-sur-Isop 140
6%
Charente-Maritime (17) Saint-Martial-sur-Né 429
6%
Dordogne (24) Saint-Martial-Viveyrol 185
6%
Lot-et-Garonne (47) Saint-Robert 191
6%
Corrèze (19) Saint-Robert 294
6%
Gironde (33) Saint-Seurin-de-Bourg 412
6%
Gironde (33) Saint-Seurin-de-Cadourne 696
6%
Gironde (33) Saint-Seurin-de-Cursac 770
6%
Charente-Maritime (17) Saint-Seurin-de-Palenne 166
6%
Dordogne (24) Saint-Seurin-de-Prats 472
6%
Gironde (33) Saint-Seurin-sur-l’Isle 3 151
6%
Landes (40) Saint-Sever 4 983
6%
Charente-Maritime (17) Saint-Sever-de-Saintonge 635
6%
Gironde (33) Saint-Trojan 366
6%
Charente-Maritime (17) Saint-Trojan-les-Bains 1 119
6%
Dordogne (24) Saint-Victor 211
6%
Creuse (23) Saint-Victor-en-Marche 351
6%
Pyrénées-Atlantiques (64) Sauveterre-de-Béarn 1 365
6%
Gironde (33) Sauveterre-de-Guyenne 1 868
6%
Lot-et-Garonne (47) Sauveterre-la-Lémance 571
6%
Lot-et-Garonne (47) Sauveterre-Saint-Denis 383
6%
Charente (16) Soyaux 9 995
6%
Charente-Maritime (17) Tonnay-Boutonne 1 183
6%
Charente-Maritime (17) Tonnay-Charente 8 195
6%
Pyrénées-Atlantiques (64) Ainhoa 667
5%
Haute-Vienne (87) Ambazac 5 558
5%
Charente-Maritime (17) Angoulins 4 117
5%
Corrèze (19) Argentat-sur-Dordogne 2 869
5%
Lot-et-Garonne (47) Argenton 317
5%
Pyrénées-Atlantiques (64) Arricau-Bordes 106
5%
Pyrénées-Atlantiques (64) Ascain 4 464
5%
Charente (16) Baignes-Sainte-Radegonde 1 229
5%
Pyrénées-Atlantiques (64) Berrogain-Laruns 160
5%
Deux-Sèvres (79) Bessines 1 828
5%
Haute-Vienne (87) Bessines-sur-Gartempe 2 762
5%
Dordogne (24) Bonneville-et-Saint-Avit-de-Fumadières 309
5%
Pyrénées-Atlantiques (64) Bordes 2 885
5%
Dordogne (24) Brantôme en Périgord 3 721
5%
Charente-Maritime (17) Breuil-la-Réorte 466
5%
Charente-Maritime (17) Breuil-Magné 1 863
5%
Gironde (33) Cadaujac 6 671
5%
Gironde (33) Carcans 2 418
5%
Lot-et-Garonne (47) Casteljaloux 4 521
5%
Landes (40) Castets 2 505
5%
Vienne (86) Champniers 352
5%
Charente (16) Champniers 5 193
5%
Dordogne (24) Champniers-et-Reilhac 482
5%
Pyrénées-Atlantiques (64) Charre 221
5%
Deux-Sèvres (79) Chauray 7 151
5%
Vienne (86) Chauvigny 7 099
5%
Corrèze (19) Chirac-Bellevue 282
5%
Landes (40) Clermont 749
5%
Dordogne (24) Clermont-de-Beauregard 122
5%
Lot-et-Garonne (47) Clermont-Dessous 844
5%
Dordogne (24) Clermont-d'Excideuil 241
5%
Lot-et-Garonne (47) Clermont-Soubiran 398
5%
Deux-Sèvres (79) Coulon 2 271
5%
Gironde (33) Coutras 8 669
5%
Haute-Vienne (87) Couzeix 9 828
5%
Gironde (33) Cubzac-les-Ponts 2 581
5%
Dordogne (24) Domme 902
5%
Gironde (33) Fronsac 1 120
5%
Landes (40) Gaas 471
5%
Dordogne (24) Gageac-et-Rouillac 459
5%
Landes (40) Geaune 756
5%
Gironde (33) Gironde-sur-Dropt 1 311
5%
Charente (16) Graves-Saint-Amant 325
5%
Vienne (86) Jaunay-Marigny 7 687
5%
Landes (40) Labouheyre 2 839
5%
Vienne (86) La Bussière 304
5%
Charente-Maritime (17) La Couarde-sur-Mer 1 104
5%
Lot-et-Garonne (47) La Croix-Blanche 1 088
5%
Charente-Maritime (17) La Croix-Comtesse 223
5%
Haute-Vienne (87) La Croix-sur-Gartempe 169
5%
Gironde (33) Laroque 288
5%
Lot-et-Garonne (47) Laroque-Timbaut 1 592
5%
Pyrénées-Atlantiques (64) Laruns 1 180
5%
Corrèze (19) Lascaux 225
5%
Charente-Maritime (17) La Vallée 659
5%
Corrèze (19) Laval-sur-Luzège 102
5%
Pyrénées-Atlantiques (64) Lay-Lamidou 123
5%
Gironde (33) Le Barp 5 654
5%
Dordogne (24) Le Bugue 2 613
5%
Charente-Maritime (17) Le Grand-Village-Plage 1 084
5%
Gironde (33) Le Pian-Médoc 7 105
5%
Gironde (33) Le Pian-sur-Garonne 949
5%
Dordogne (24) Les Eyzies 1 121
5%
Deux-Sèvres (79) Le Vert 122
5%
Charente-Maritime (17) Loix 739
5%
Haute-Vienne (87) Magnac-Bourg 1 115
5%
Haute-Vienne (87) Magnac-Laval 1 697
5%
Charente (16) Magnac-sur-Touvre 3 248
5%
Creuse (23) Maison-Feyne 290
5%
Corrèze (19) Malemort 8 027
5%
Gironde (33) Margaux-Cantenac 2 831
5%
Charente-Maritime (17) Meschers-sur-Gironde 3 160
5%
Vienne (86) Mignaloux-Beauvoir 5 176
5%
Vienne (86) Migné-Auxances 6 197
5%
Charente-Maritime (17) Montendre 3 228
5%
Dordogne (24) Montpon-Ménestérol 5 834
5%
Charente-Maritime (17) Mortagne-sur-Gironde 913
5%
Dordogne (24) Moulin-Neuf 948
5%
Pyrénées-Atlantiques (64) Mourenx 5 846
5%
Dordogne (24) Mussidan 2 776
5%
Dordogne (24) Nanteuil-Auriac-de-Bourzac 232
5%
Dordogne (24) Neuvic 3 640
5%
Corrèze (19) Neuvic 1 627
5%
Haute-Vienne (87) Neuvic-Entier 890
5%
Gironde (33) Parempuyre 10 142
5%
Deux-Sèvres (79) Pas-de-Jeu 351
5%
Dordogne (24) Paussac-et-Saint-Vivien 467
5%
Charente-Maritime (17) Périgny 8 741
5%
Dordogne (24) Petit-Bersac 186
5%
Deux-Sèvres (79) Prailles-La Couarde 945
5%
Landes (40) Rion-des-Landes 3 084
5%
Charente-Maritime (17) Rivedoux-Plage 2 374
5%
Corrèze (19) Saint-Augustin 417
5%
Charente-Maritime (17) Saint-Augustin 1 462
5%
Charente (16) Saint-Bonnet 410
5%
Haute-Vienne (87) Saint-Bonnet-Briance 549
5%
Haute-Vienne (87) Saint-Bonnet-de-Bellac 444
5%
Corrèze (19) Saint-Bonnet-Elvert 219
5%
Corrèze (19) Saint-Bonnet-la-Rivière 419
5%
Corrèze (19) Saint-Bonnet-l'Enfantier 419
5%
Corrèze (19) Saint-Bonnet-les-Tours-de-Merle 39
5%
Corrèze (19) Saint-Bonnet-près-Bort 189
5%
Charente-Maritime (17) Saint-Bonnet-sur-Gironde 822
5%
Lot-et-Garonne (47) Saint-Colomb-de-Lauzun 473
5%
Dordogne (24) Saint-Cyprien 1 551
5%
Corrèze (19) Saint-Cyprien 388
5%
Charente-Maritime (17) Saint-Félix 319
5%
Charente (16) Saint-Félix 104
5%
Dordogne (24) Saint-Félix-de-Bourdeilles 68
5%
Gironde (33) Saint-Félix-de-Foncaude 290
5%
Dordogne (24) Saint-Félix-de-Reillac-et-Mortemart 177
5%
Dordogne (24) Saint-Félix-de-Villadeix 323
5%
Charente-Maritime (17) Saint-Genis-de-Saintonge 1 225
5%
Charente (16) Saint-Genis-d’Hiersac 906
5%
Charente-Maritime (17) Saint-Loup 310
5%
Creuse (23) Saint-Loup 183
5%
Deux-Sèvres (79) Saint-Loup-Lamairé 1 011
5%
Charente-Maritime (17) Saint-Nazaire-sur-Charente 1 210
5%
Dordogne (24) Saint-Raphaël 93
5%
Dordogne (24) Saint-Vivien 241
5%
Charente-Maritime (17) Saint-Vivien 1 393
5%
Gironde (33) Saint-Vivien-de-Blaye 360
5%
Gironde (33) Saint-Vivien-de-Médoc 1 796
5%
Gironde (33) Saint-Vivien-de-Monségur 398
5%
Pyrénées-Atlantiques (64) Sare 2 720
5%
Pyrénées-Atlantiques (64) Serres-Castet 4 376
5%
Dordogne (24) Serres-et-Montguyard 243
5%
Landes (40) Serres-Gaston 398
5%
Pyrénées-Atlantiques (64) Serres-Morlaàs 842
5%
Pyrénées-Atlantiques (64) Serres-Sainte-Marie 600
5%
Charente-Maritime (17) Talmont-sur-Gironde 89
5%
Dordogne (24) Terrasson-Lavilledieu 6 261
5%
Lot-et-Garonne (47) Tonneins 9 337
5%
Gironde (33) Vayres 4 204
5%
Haute-Vienne (87) Vayres 717
5%
Charente (16) Verneuil 97
5%
Haute-Vienne (87) Verneuil-Moustiers 125
5%
Haute-Vienne (87) Verneuil-sur-Vienne 4 924
5%
Landes (40) Vert 242
5%
Landes (40) Vielle-Saint-Girons 1 441
5%
Landes (40) Vielle-Soubiran 221
5%
Landes (40) Vielle-Tursan 280
5%
Vienne (86) Vouillé 3 693
5%
Deux-Sèvres (79) Vouillé 3 431
5%
Landes (40) Ychoux 2 339
5%
Landes (40) Ygos-Saint-Saturnin 1 344
5%
Charente-Maritime (17) Aigrefeuille-d’Aunis 4 479
4%
Lot-et-Garonne (47) Aiguillon 4 118
4%
Vienne (86) Angles-sur-l’Anglin 353
4%
Pyrénées-Atlantiques (64) Arcangues 3 457
4%
Landes (40) Arthez-d'Armagnac 95
4%
Pyrénées-Atlantiques (64) Arthez-d’Asson 460
4%
Pyrénées-Atlantiques (64) Arthez-de-Béarn 1 829
4%
Deux-Sèvres (79) Asnières-en-Poitou 189
4%
Charente-Maritime (17) Asnières-la-Giraud 977
4%
Vienne (86) Asnières-sur-Blour 184
4%
Charente (16) Asnières-sur-Nouère 1 283
4%
Vienne (86) Aulnay 96
4%
Charente-Maritime (17) Aulnay 1 309
4%
Landes (40) Azur 942
4%
Dordogne (24) Bars 240
4%
Gironde (33) Belvès-de-Castillon 332
4%
Landes (40) Bénesse-lès-Dax 566
4%
Landes (40) Bénesse-Maremne 3 735
4%
Vienne (86) Biard 1 884
4%
Landes (40) Bias 765
4%
Lot-et-Garonne (47) Bias 2 971
4%
Pyrénées-Atlantiques (64) Billère 13 866
4%
Pyrénées-Atlantiques (64) Bizanos 4 548
4%
Dordogne (24) Boisse 248
4%
Charente-Maritime (17) Bourcefranc-le-Chapus 3 541
4%
Creuse (23) Boussac-Bourg 687
4%
Dordogne (24) Bussière-Badil 373
4%
Creuse (23) Bussière-Dunoise 1 040
4%
Haute-Vienne (87) Bussière-Galant 1 267
4%
Creuse (23) Bussière-Nouvelle 77
4%
Creuse (23) Bussière-Saint-Georges 255
4%
Gironde (33) Canéjan 5 916
4%
Dordogne (24) Celles 602
4%
Charente-Maritime (17) Celles 323
4%
Deux-Sèvres (79) Celles-sur-Belle 3 858
4%
Gironde (33) Cénac 2 131
4%
Deux-Sèvres (79) Châtillon-sur-Thouet 2 671
4%
Charente (16) Chirac 775
4%
Vienne (86) Civray 2 558
4%
Corrèze (19) Corrèze 1 162
4%
Charente-Maritime (17) Cram-Chaban 648
4%
Charente-Maritime (17) Croix-Chapeau 1 337
4%
Haute-Vienne (87) Cussac 1 153
4%
Gironde (33) Cussac-Fort-Médoc 2 372
4%
Creuse (23) Dun-le-Palestel 1 091
4%
Lot-et-Garonne (47) Duras 1 211
4%
Haute-Vienne (87) Eymoutiers 2 094
4%
Haute-Vienne (87) Feytiat 6 080
4%
Lot-et-Garonne (47) Fumel 4 717
4%
Charente-Maritime (17) Gémozac 2 989
4%
Pyrénées-Atlantiques (64) Itxassou 2 164
4%
Vienne (86) La Ferrière-Airoux 331
4%
Deux-Sèvres (79) La Ferrière-en-Parthenay 749
4%
Charente-Maritime (17) Lagord 7 387
4%
Gironde (33) Lalande-de-Pomerol 643
4%
Dordogne (24) Lalinde 2 881
4%
Gironde (33) Lamothe-Landerron 1 121
4%
Dordogne (24) Lamothe-Montravel 1 410
4%
Deux-Sèvres (79) La Mothe-Saint-Héray 1 665
4%
Charente-Maritime (17) Landes 572
4%
Pyrénées-Atlantiques (64) Lanne-en-Barétous 487
4%
Creuse (23) La Nouaille 231
4%
Gironde (33) Lanton 7 276
4%
Corrèze (19) Larche 1 641
4%
Charente (16) La Rochefoucauld-en-Angoumois 4 002
4%
Gironde (33) Latresne 3 639
4%
Charente-Maritime (17) La Villedieu 205
4%
Creuse (23) La Villedieu 49
4%
Vienne (86) La Villedieu-du-Clain 1 524
4%
Haute-Vienne (87) Le Dorat 1 525
4%
Lot-et-Garonne (47) Le Passage 9 373
4%
Corrèze (19) Les Angles-sur-Corrèze 126
4%
Haute-Vienne (87) Les Cars 618
4%
Pyrénées-Atlantiques (64) Lestelle-Bétharram 803
4%
Vienne (86) Ligugé 3 408
4%
Charente (16) Luxé 717
4%
Pyrénées-Atlantiques (64) Luxe-Sumberraute 414
4%
Vienne (86) Maillé 637
4%
Corrèze (19) Marcillac-la-Croisille 830
4%
Corrèze (19) Marcillac-la-Croze 174
4%
Charente (16) Marcillac-Lanville 496
4%
Charente (16) Mareuil 387
4%
Dordogne (24) Mareuil en Périgord 2 303
4%
Deux-Sèvres (79) Mauzé-sur-le-Mignon 2 893
4%
Landes (40) Messanges 991
4%
Corrèze (19) Meymac 2 279
4%
Lot-et-Garonne (47) Miramont-de-Guyenne 3 076
4%
Landes (40) Miramont-Sensacq 350
4%
Pyrénées-Atlantiques (64) Morlaàs 4 360
4%
Charente (16) Mornac 2 123
4%
Charente-Maritime (17) Mornac-sur-Seudre 865
4%
Pyrénées-Atlantiques (64) Mouguerre 5 291
4%
Corrèze (19) Objat 3 699
4%
Dordogne (24) Pays de Belvès 1 322
4%
Landes (40) Pissos 1 468
4%
Deux-Sèvres (79) Plaine-et-Vallées 2 351
4%
Gironde (33) Pomerol 598
4%
Dordogne (24) Pressignac-Vicq 444
4%
Charente-Maritime (17) Puilboreau 6 635
4%
Charente-Maritime (17) Réaux sur Trèfle 782
4%
Vienne (86) Roches-Prémarie-Andillé 2 124
4%
Charente (16) Rouillac 2 925
4%
Charente (16) Ruelle-sur-Touvre 7 356
4%
Landes (40) Sabres 1 165
4%
Landes (40) Saint-Avit 698
4%
Lot-et-Garonne (47) Saint-Avit 178
4%
Charente (16) Saint-Avit 218
4%
Gironde (33) Saint-Avit-de-Soulège 78
4%
Creuse (23) Saint-Avit-de-Tardes 166
4%
Dordogne (24) Saint-Avit-de-Vialard 153
4%
Creuse (23) Saint-Avit-le-Pauvre 82
4%
Dordogne (24) Saint-Avit-Rivière 84
4%
Dordogne (24) Saint-Avit-Sénieur 409
4%
Charente-Maritime (17) Saint-Ciers-Champagne 387
4%
Gironde (33) Saint-Ciers-d’Abzac 1 513
4%
Gironde (33) Saint-Ciers-de-Canesse 760
4%
Charente-Maritime (17) Saint-Ciers-du-Taillon 574
4%
Charente (16) Saint-Ciers-sur-Bonnieure 320
4%
Gironde (33) Saint-Ciers-sur-Gironde 3 081
4%
Vienne (86) Saint-Clair 202
4%
Creuse (23) Saint-Dizier-la-Tour 183
4%
Creuse (23) Saint-Dizier-les-Domaines 200
4%
Creuse (23) Saint-Dizier-Masbaraud 1 125
4%
Dordogne (24) Sainte-Radegonde 71
4%
Gironde (33) Sainte-Radegonde 429
4%
Vienne (86) Sainte-Radégonde 178
4%
Charente-Maritime (17) Sainte-Radegonde 578
4%
Gironde (33) Saint-Genès-de-Blaye 498
4%
Gironde (33) Saint-Genès-de-Castillon 371
4%
Gironde (33) Saint-Genès-de-Fronsac 933
4%
Gironde (33) Saint-Genès-de-Lombaud 384
4%
Landes (40) Saint-Geours-d'Auribat 413
4%
Landes (40) Saint-Geours-de-Maremne 2 868
4%
Gironde (33) Saint-Girons-d’Aiguevives 953
4%
Pyrénées-Atlantiques (64) Saint-Girons-en-Béarn 173
4%
Charente-Maritime (17) Saint-Grégoire-d’Ardennes 144
4%
Landes (40) Saint-Justin 1 009
4%
Gironde (33) Saint-Loubès 10 005
4%
Charente-Maritime (17) Saint-Sornin 424
4%
Charente (16) Saint-Sornin 817
4%
Haute-Vienne (87) Saint-Sornin-la-Marche 227
4%
Corrèze (19) Saint-Sornin-Lavolps 846
4%
Haute-Vienne (87) Saint-Sornin-Leulac 566
4%
Haute-Vienne (87) Saint-Sylvestre 924
4%
Lot-et-Garonne (47) Saint-Sylvestre-sur-Lot 2 380
4%
Charente-Maritime (17) Saint-Xandre 5 384
4%
Pyrénées-Atlantiques (64) Salies-de-Béarn 4 545
4%
Landes (40) Saugnac-et-Muret 1 214
4%
Gironde (33) Sauternes 838
4%
Deux-Sèvres (79) Sauzé-entre-Bois 2 259
4%
Vienne (86) Sèvres-Anxaumont 2 311
4%
Pyrénées-Atlantiques (64) Soumoulou 1 584
4%
Landes (40) Tartas 3 191
4%
Dordogne (24) Thiviers 2 865
4%
Gironde (33) Tresses 5 086
4%
Pyrénées-Atlantiques (64) Urt 2 339
4%
Dordogne (24) Verdon 37
4%
Dordogne (24) Vergt 1 731
4%
Dordogne (24) Vergt-de-Biron 189
4%
Landes (40) Vicq-d'Auribat 253
4%
Haute-Vienne (87) Vicq-sur-Breuilh 1 327
4%
Vienne (86) Vicq-sur-Gartempe 641
4%
Lot-et-Garonne (47) Villeréal 1 270
4%
Vienne (86) Vivonne 4 468
4%
Vienne (86) Vouneuil-sous-Biard 6 210
4%
Vienne (86) Vouneuil-sur-Vienne 2 281
4%
Charente-Maritime (17) Yves 1 505
4%
Gironde (33) Yvrac 2 881
4%
Charente (16) Yvrac-et-Malleyrand 564
4%
Gironde (33) Abzac 2 013
3%
Charente (16) Abzac 510
3%
Pyrénées-Atlantiques (64) Ahetze 2 049
3%
Deux-Sèvres (79) Aiffres 5 377
3%
Deux-Sèvres (79) Airvault 3 287
3%
Corrèze (19) Allassac 4 019
3%
Dordogne (24) Alles-sur-Dordogne 388
3%
Landes (40) Amou 1 560
3%
Charente-Maritime (17) Andilly 2 312
3%
Landes (40) Angresse 2 207
3%
Pyrénées-Atlantiques (64) Arbonne 2 344
3%
Pyrénées-Atlantiques (64) Aren 246
3%
Pyrénées-Atlantiques (64) Arros-de-Nay 800
3%
Gironde (33) Arsac 3 956
3%
Pyrénées-Atlantiques (64) Artix 3 440
3%
Pyrénées-Atlantiques (64) Arudy 2 248
3%
Charente-Maritime (17) Arvert 3 774
3%
Pyrénées-Atlantiques (64) Asasp-Arros 469
3%
Charente (16) Aubeterre-sur-Dronne 322
3%
Pyrénées-Atlantiques (64) Aubin 265
3%
Creuse (23) Auge 91
3%
Deux-Sèvres (79) Augé 881
3%
Haute-Vienne (87) Aureil 1 019
3%
Corrèze (19) Auriac 221
3%
Pyrénées-Atlantiques (64) Auriac 221
3%
Dordogne (24) Auriac-du-Périgord 401
3%
Lot-et-Garonne (47) Auriac-sur-Dropt 173
3%
Vienne (86) Availles-en-Châtellerault 1 735
3%
Vienne (86) Availles-Limouzine 1 262
3%
Deux-Sèvres (79) Availles-Thouarsais 188
3%
Pyrénées-Atlantiques (64) Bassussarry 3 301
3%
Dordogne (24) Beauregard-et-Bassac 290
3%
Deux-Sèvres (79) Beauvoir-sur-Niort 1 775
3%
Haute-Vienne (87) Berneuil 441
3%
Charente-Maritime (17) Berneuil 1 162
3%
Charente (16) Berneuil 316
3%
Pyrénées-Atlantiques (64) Bidache 1 347
3%
Pyrénées-Atlantiques (64) Bidarray 657
3%
Pyrénées-Atlantiques (64) Biriatou 1 217
3%
Dordogne (24) Biron 140
3%
Pyrénées-Atlantiques (64) Biron 611
3%
Charente-Maritime (17) Biron 238
3%
Haute-Vienne (87) Blanzac 490
3%
Charente-Maritime (17) Blanzac-lès-Matha 319
3%
Haute-Vienne (87) Boisseuil 2 994
3%
Vienne (86) Bonnes 1 700
3%
Charente (16) Bonnes 362
3%
Charente (16) Bonneuil 245
3%
Vienne (86) Bonneuil-Matours 2 094
3%
Charente-Maritime (17) Bords 1 319
3%
Corrèze (19) Bort-les-Orgues 2 541
3%
Creuse (23) Bourganeuf 2 450
3%
Creuse (23) Boussac 1 242
3%
Landes (40) Bretagne-de-Marsan 1 635
3%
Charente-Maritime (17) Brives-sur-Charente 225
3%
Dordogne (24) Bussac 391
3%
Charente-Maritime (17) Bussac-Forêt 1 085
3%
Charente-Maritime (17) Bussac-sur-Charente 1 282
3%
Lot-et-Garonne (47) Buzet-sur-Baïse 1 251
3%
Pyrénées-Atlantiques (64) Came 1 013
3%
Landes (40) Campagne 989
3%
Dordogne (24) Campagne 417
3%
Gironde (33) Captieux 1 336
3%
Gironde (33) Cars 1 211
3%
Landes (40) Cassen 589
3%
Lot-et-Garonne (47) Castella 384
3%
Dordogne (24) Castels et Bézenac 808
3%
Deux-Sèvres (79) Cerizay 4 797
3%
Charente-Maritime (17) Chambon 988
3%
Creuse (23) Chambon-Sainte-Croix 84
3%
Creuse (23) Chambon-sur-Voueize 859
3%
Charente-Maritime (17) Champagnac 504
3%
Dordogne (24) Champagnac-de-Belair 782
3%
Corrèze (19) Champagnac-la-Noaille 223
3%
Corrèze (19) Champagnac-la-Prune 149
3%
Haute-Vienne (87) Champagnac-la-Rivière 578
3%
Charente-Maritime (17) Chaniers 3 597
3%
Charente-Maritime (17) Charron 2 002
3%
Creuse (23) Charron 206
3%
Corrèze (19) Chartrier-Ferrière 361
3%
Haute-Vienne (87) Châteauponsac 2 021
3%
Deux-Sèvres (79) Chef-Boutonne 2 390
3%
Vienne (86) Civaux 1 201
3%
Lot-et-Garonne (47) Clairac 2 568
3%
Dordogne (24) Colombier 274
3%
Charente-Maritime (17) Coulonges 233
3%
Charente (16) Coulonges 125
3%
Vienne (86) Coulonges-les-Hérolles 233
3%
Deux-Sèvres (79) Coulonges-sur-l’Autize 2 345
3%
Deux-Sèvres (79) Coulonges-Thouarsais 441
3%
Lot-et-Garonne (47) Cours 195
3%
Deux-Sèvres (79) Cours 566
3%
Gironde (33) Cours-de-Monségur 256
3%
Dordogne (24) Cours-de-Pile 1 548
3%
Gironde (33) Cours-les-Bains 221
3%
Charente-Maritime (17) Coux 479
3%
Dordogne (24) Coux et Bigaroque-Mouzens 1 223
3%
Charente-Maritime (17) Cozes 2 161
3%
Charente-Maritime (17) Dampierre-sur-Boutonne 275
3%
Deux-Sèvres (79) Échiré 3 517
3%
Pyrénées-Atlantiques (64) Escou 429
3%
Dordogne (24) Excideuil 1 186
3%
Charente (16) Exideuil-sur-Vienne 1 021
3%
Dordogne (24) Eymet 2 535
3%
Landes (40) Fargues 316
3%
Gironde (33) Fargues 1 613
3%
Gironde (33) Fargues-Saint-Hilaire 3 404
3%
Lot-et-Garonne (47) Fargues-sur-Ourbise 342
3%
Deux-Sèvres (79) Faye-l’Abbesse 1 117
3%
Deux-Sèvres (79) Faye-sur-Ardin 656
3%
Creuse (23) Felletin 1 536
3%
Deux-Sèvres (79) Frontenay-Rohan-Rohan 2 946
3%
Charente (16) Gond-Pontouvre 5 950
3%
Haute-Vienne (87) Gorre 389
3%
Corrèze (19) Gourdon-Murat 85
3%
Creuse (23) Gouzon 1 560
3%
Gironde (33) Grayan-et-l’Hôpital 1 542
3%
Landes (40) Grenade-sur-l'Adour 2 430
3%
Pyrénées-Atlantiques (64) Gurs 417
3%
Landes (40) Hinx 1 891
3%
Gironde (33) Hostens 1 488
3%
Pyrénées-Atlantiques (64) Idron 4 913
3%
Gironde (33) Izon 6 320
3%
Charente-Maritime (17) La Barde 494
3%
Deux-Sèvres (79) La Crèche 5 732
3%
Charente (16) La Faye 572
3%
Charente-Maritime (17) La Jarne 2 591
3%
Charente-Maritime (17) La Jarrie 3 414
3%
Charente-Maritime (17) La Jarrie-Audouin 273
3%
Landes (40) Lamothe 302
3%
Pyrénées-Atlantiques (64) Larceveau-Arros-Cibits 445
3%
Pyrénées-Atlantiques (64) Lasse 339
3%
Haute-Vienne (87) Le Buis 184
3%
Charente-Maritime (17) Le Gua 2 100
3%
Dordogne (24) Les Coteaux Périgourdins 556
3%
Charente-Maritime (17) Les Églises-d’Argenteuil 530
3%
Haute-Vienne (87) Le Vigen 2 280
3%
Charente-Maritime (17) L’Houmeau 2 907
3%
Landes (40) Linxe 1 541
3%
Charente-Maritime (17) Loire-les-Marais 386
3%
Charente-Maritime (17) Loiré-sur-Nie 283
3%
Landes (40) Losse 278
3%
Gironde (33) Ludon-Médoc 5 352
3%
Gironde (33) Macau 4 527
3%
Landes (40) Magescq 2 493
3%
Vienne (86) Magné 670
3%
Deux-Sèvres (79) Magné 2 687
3%
Landes (40) Mano 124
3%
Charente-Maritime (17) Marsilly 3 194
3%
Gironde (33) Martillac 3 504
3%
Gironde (33) Mauriac 230
3%
Landes (40) Mazerolles 656
3%
Pyrénées-Atlantiques (64) Mazerolles 1 172
3%
Vienne (86) Mazerolles 871
3%
Charente-Maritime (17) Mazerolles 228
3%
Charente (16) Mazerolles 296
3%
Landes (40) Mées 1 904
3%
Landes (40) Meilhan 1 176
3%
Lot-et-Garonne (47) Meilhan-sur-Garonne 1 344
3%
Charente-Maritime (17) Mirambeau 1 522
3%
Vienne (86) Mirebeau 2 141
3%
Dordogne (24) Monbazillac 810
3%
Dordogne (24) Monpazier 447
3%
Charente (16) Montbron 1 997
3%
Pyrénées-Atlantiques (64) Montfort 183
3%
Landes (40) Montfort-en-Chalosse 1 207
3%
Charente (16) Montmoreau 2 468
3%
Gironde (33) Moulis-en-Médoc 1 908
3%
Creuse (23) Moutier-d’Ahun 162
3%
Creuse (23) Moutier-Malcard 540
3%
Creuse (23) Moutier-Rozeille 428
3%
Vienne (86) Naintré 5 944
3%
Haute-Vienne (87) Nantiat 1 594
3%
Pyrénées-Atlantiques (64) Navarrenx 1 050
3%
Haute-Vienne (87) Nexon 2 512
3%
Vienne (86) Nouaillé-Maupertuis 2 926
3%
Pyrénées-Atlantiques (64) Osse-en-Aspe 332
3%
Haute-Vienne (87) Peyrat-de-Bellac 1 054
3%
Creuse (23) Peyrat-la-Nonière 424
3%
Haute-Vienne (87) Peyrat-le-Château 1 030
3%
Deux-Sèvres (79) Plaine-d’Argenson 984
3%
Charente (16) Plassac-Rouffiac 387
3%
Gironde (33) Podensac 3 285
3%
Landes (40) Pontenx-les-Forges 1 698
3%
Landes (40) Pontonx-sur-l'Adour 2 932
3%
Pyrénées-Atlantiques (64) Portet 163
3%
Deux-Sèvres (79) Prin-Deyrançon 598
3%
Landes (40) Pujo-le-Plan 614
3%
Lot-et-Garonne (47) Réaup-Lisse 598
3%
Haute-Vienne (87) Rilhac-Lastours 377
3%
Haute-Vienne (87) Rilhac-Rancon 4 694
3%
Corrèze (19) Rilhac-Treignac 115
3%
Corrèze (19) Rilhac-Xaintrie 306
3%
Lot-et-Garonne (47) Rives 197
3%
Creuse (23) Roches 370
3%
Dordogne (24) Rouffignac-Saint-Cernin-de-Reilhac 1 641
3%
Vienne (86) Rouillé 2 510
3%
Gironde (33) Saint-Aignan 197
3%
Charente (16) Saint-Amant-de-Boixe 1 314
3%
Charente (16) Saint-Amant-de-Nouère 354
3%
Gironde (33) Saint-Caprais-de-Bordeaux 3 440
3%
Lot-et-Garonne (47) Saint-Caprais-de-Lerm 689
3%
Gironde (33) Saint-Christoly-de-Blaye 1 877
3%
Gironde (33) Saint-Christoly-Médoc 276
3%
Landes (40) Sainte-Colombe 622
3%
Gironde (33) Sainte-Colombe 426
3%
Charente-Maritime (17) Sainte-Colombe 107
3%
Lot-et-Garonne (47) Sainte-Colombe-de-Duras 102
3%
Lot-et-Garonne (47) Sainte-Colombe-de-Villeneuve 501
3%
Lot-et-Garonne (47) Sainte-Colombe-en-Bruilhois 1 548
3%
Gironde (33) Sainte-Gemme 194
3%
Charente-Maritime (17) Sainte-Gemme 1 356
3%
Deux-Sèvres (79) Sainte-Gemme 407
3%
Lot-et-Garonne (47) Sainte-Gemme-Martaillac 384
3%
Creuse (23) Saint-Éloi 178
3%
Lot-et-Garonne (47) Sainte-Maure-de-Peyriac 308
3%
Charente-Maritime (17) Sainte-Soulle 4 961
3%
Charente-Maritime (17) Saint-Fort-sur-Gironde 903
3%
Charente (16) Saint-Fort-sur-le-Né 384
3%
Gironde (33) Saint-Hippolyte 131
3%
Charente-Maritime (17) Saint-Hippolyte 1 477
3%
Gironde (33) Saint-Macaire 2 017
3%
Haute-Vienne (87) Saint-Méard 362
3%
Dordogne (24) Saint-Méard-de-Drône 494
3%
Dordogne (24) Saint-Méard-de-Gurçon 808
3%
Corrèze (19) Saint-Pantaléon-de-Lapleau 65
3%
Corrèze (19) Saint-Pantaléon-de-Larche 4 883
3%
Charente-Maritime (17) Saint-Porchaire 1 937
3%
Charente (16) Saint-Saturnin 1 281
3%
Charente-Maritime (17) Saint-Saturnin-du-Bois 905
3%
Lot-et-Garonne (47) Saint-Sernin 479
3%
Corrèze (19) Saint-Sylvain 133
3%
Gironde (33) Saint-Yzan-de-Soudiac 2 527
3%
Charente-Maritime (17) Salignac-de-Mirambeau 166
3%
Dordogne (24) Salignac-Eyvigues 1 185
3%
Charente-Maritime (17) Salignac-sur-Charente 608
3%
Gironde (33) Saucats 3 388
3%
Gironde (33) Savignac 642
3%
Lot-et-Garonne (47) Savignac-de-Duras 216
3%
Gironde (33) Savignac-de-l’Isle 569
3%
Dordogne (24) Savignac-de-Miremont 176
3%
Dordogne (24) Savignac-de-Nontron 199
3%
Dordogne (24) Savignac-Lédrier 715
3%
Dordogne (24) Savignac-les-Églises 950
3%
Lot-et-Garonne (47) Savignac-sur-Leyze 313
3%
Dordogne (24) Segonzac 202
3%
Corrèze (19) Segonzac 210
3%
Charente (16) Segonzac 2 077
3%
Pyrénées-Atlantiques (64) Taron-Sadirac-Viellenave 177
3%
Dordogne (24) Temple-Laguyon 35
3%
Charente (16) Terres-de-Haute-Charente 3 829
3%
Landes (40) Tosse 3 348
3%
Creuse (23) Trois-Fonds 124
3%
Charente (16) Trois-Palis 935
3%
Pyrénées-Atlantiques (64) Trois-Villes 134
3%
Pyrénées-Atlantiques (64) Urcuit 2 914
3%
Corrèze (19) Ussac 4 253
3%
Corrèze (19) Vars-sur-Roseix 398
3%
Haute-Vienne (87) Veyrac 2 139
3%
Pyrénées-Atlantiques (64) Vignes 449
3%
Dordogne (24) Villars 456
3%
Charente-Maritime (17) Villars-en-Pons 577
3%
Charente-Maritime (17) Villars-les-Bois 224
3%
Pyrénées-Atlantiques (64) Villefranque 2 893
3%
Dordogne (24) Abjat-sur-Bandiat 631
2%
Dordogne (24) Agonac 1 796
2%
Pyrénées-Atlantiques (64) Aldudes 321
2%
Dordogne (24) Allemans 528
2%
Lot-et-Garonne (47) Allemans-du-Dropt 489
2%
Charente (16) Alloue 470
2%
Charente (16) Ambérac 309
2%
Charente-Maritime (17) Anais 316
2%
Charente (16) Anais 560
2%
Pyrénées-Atlantiques (64) Ance Féas 614
2%
Vienne (86) Angliers 606
2%
Charente-Maritime (17) Angliers 1 285
2%
Dordogne (24) Angoisse 591
2%
Landes (40) Angoumé 268
2%
Charente (16) Ansac-sur-Vienne 820
2%
Vienne (86) Antran 1 158
2%
Pyrénées-Atlantiques (64) Aramits 659
2%
Pyrénées-Atlantiques (64) Arbus 1 245
2%
Charente-Maritime (17) Arces 730
2%
Charente-Maritime (17) Archiac 771
2%
Deux-Sèvres (79) Ardin 1 240
2%
Landes (40) Arengosse 709
2%
Pyrénées-Atlantiques (64) Arette 1 071
2%
Landes (40) Argelouse 101
2%
Landes (40) Artassenx 260
2%
Pyrénées-Atlantiques (64) Artiguelouve 2 005
2%
Gironde (33) Arveyres 2 029
2%
Landes (40) Arx 44
2%
Pyrénées-Atlantiques (64) Arzacq-Arraziguet 1 048
2%
Pyrénées-Atlantiques (64) Assat 2 042
2%
Pyrénées-Atlantiques (64) Asson 1 999
2%
Lot-et-Garonne (47) Astaffort 2 031
2%
Corrèze (19) Aubazine 866
2%
Landes (40) Aureilhan 1 062
2%
Creuse (23) Auzances 1 177
2%
Vienne (86) Avanton 2 221
2%
Gironde (33) Avensan 3 076
2%
Charente-Maritime (17) Avy 472
2%
Vienne (86) Ayron 1 088
2%
Deux-Sèvres (79) Azay-le-Brûlé 1 977
2%
Deux-Sèvres (79) Azay-sur-Thouet 1 112
2%
Charente (16) Balzac 1 378
2%
Pyrénées-Atlantiques (64) Banca 351
2%
Pyrénées-Atlantiques (64) Barcus 635
2%
Pyrénées-Atlantiques (64) Bardos 1 861
2%
Charente (16) Barret 1 076
2%
Charente (16) Barro 411
2%
Gironde (33) Barsac 2 065
2%
Landes (40) Bas-Mauco 388
2%
Charente (16) Bassac 515
2%
Vienne (86) Basses 327
2%
Dordogne (24) Bassillac et Auberoche 4 363
2%
Landes (40) Bats 321
2%
Dordogne (24) Beauregard-de-Terrasson 679
2%
Deux-Sèvres (79) Beaussais-Vitré 954
2%
Gironde (33) Beautiran 2 443
2%
Lot-et-Garonne (47) Beauville 551
2%
Pyrénées-Atlantiques (64) Bedous 583
2%
Landes (40) Bégaar 1 215
2%
Charente-Maritime (17) Benon 1 763
2%
Landes (40) Benquet 1 906
2%
Gironde (33) Bernos-Beaulac 1 136
2%
Dordogne (24) Bertric-Burée 425
2%
Vienne (86) Béruges 1 549
2%
Charente (16) Bessac 116
2%
Dordogne (24) Besse 158
2%
Charente (16) Bessé 105
2%
Charente-Maritime (17) Beurlay 1 013
2%
Gironde (33) Beychac-et-Caillau 2 590
2%
Corrèze (19) Beynat 1 247
2%
Landes (40) Biarrotte 345
2%
Pyrénées-Atlantiques (64) Bidos 1 109
2%
Gironde (33) Birac 233
2%
Charente (16) Birac 369
2%
Lot-et-Garonne (47) Birac-sur-Trec 851
2%
Gironde (33) Blaignan-Prignac 454
2%
Charente (16) Blanzaguet-Saint-Cybard 280
2%
Haute-Vienne (87) Blond 690
2%
Vienne (86) Boivre-la-Vallée 3 058
2%
Haute-Vienne (87) Bonnac-la-Côte 1 649
2%
Pyrénées-Atlantiques (64) Bordères 672
2%
Landes (40) Bordères-et-Lamensans 384
2%
Charente (16) Bors-de-Baignes 120
2%
Charente (16) Bors-de-Montmoreau 231
2%
Pyrénées-Atlantiques (64) Bosdarros 973
2%
Haute-Vienne (87) Bosmie-l’Aiguille 2 617
2%
Dordogne (24) Bourdeilles 780
2%
Gironde (33) Brach 849
2%
Gironde (33) Branne 1 309
2%
Lot-et-Garonne (47) Brax 2 109
2%
Charente-Maritime (17) Breuillet 3 060
2%
Vienne (86) Brigueil-le-Chantre 476
2%
Charente (16) Brigueuil 1 106
2%
Deux-Sèvres (79) Brioux-sur-Boutonne 1 439
2%
Pyrénées-Atlantiques (64) Briscous 2 876
2%
Landes (40) Brocas 745
2%
Vienne (86) Brux 752
2%
Corrèze (19) Bugeat 763
2%
Haute-Vienne (87) Bujaleuf 853
2%
Pyrénées-Atlantiques (64) Buros 1 964
2%
Gironde (33) Cabanac-et-Villagrains 2 404
2%
Landes (40) Cagnotte 770
2%
Lot-et-Garonne (47) Cambes 182
2%
Gironde (33) Cambes 1 810
2%
Gironde (33) Camblanes-et-Meynac 3 093
2%
Corrèze (19) Camps-Saint-Mathurin-Léobazel 210
2%
Gironde (33) Camps-sur-l’Isle 619
2%
Lot-et-Garonne (47) Cancon 1 354
2%
Gironde (33) Carignan-de-Bordeaux 4 237
2%
Dordogne (24) Carsac-Aillac 1 541
2%
Gironde (33) Castelmoron-d’Albret 53
2%
Lot-et-Garonne (47) Castelmoron-sur-Lot 1 798
2%
Landes (40) Cauna 430
2%
Gironde (33) Cavignac 2 388
2%
Landes (40) Cazères-sur-l'Adour 1 127
2%
Landes (40) Cère 412
2%
Gironde (33) Cérons 2 132
2%
Charente (16) Chabanais 1 557
2%
Haute-Vienne (87) Chaillac-sur-Vienne 1 256
2%
Haute-Vienne (87) Chamboret 796
2%
Dordogne (24) Champcevinel 3 029
2%
Deux-Sèvres (79) Champdeniers 1 774
2%
Vienne (86) Champigny en Rochereau 1 914
2%
Dordogne (24) Chancelade 4 435
2%
Haute-Vienne (87) Chaptelat 2 095
2%
Vienne (86) Charroux 1 072
2%
Charente (16) Chassenon 849
2%
Charente (16) Châteaubernard 3 763
2%
Vienne (86) Cherves 521
2%
Charente (16) Cherves-Châtelars 418
2%
Deux-Sèvres (79) Chey 550
2%
Deux-Sèvres (79) Chiché 1 682
2%
Deux-Sèvres (79) Chizé 840
2%
Haute-Vienne (87) Cieux 1 001
2%
Charente-Maritime (17) Ciré-d’Aunis 1 538
2%
Gironde (33) Cissac-Médoc 2 262
2%
Vienne (86) Cissé 2 881
2%
Deux-Sèvres (79) Clavé 357
2%
Pyrénées-Atlantiques (64) Coarraze 2 163
2%
Lot-et-Garonne (47) Colayrac-Saint-Cirq 3 138
2%
Haute-Vienne (87) Compreignac 1 875
2%
Dordogne (24) Conne-de-Labarde 262
2%
Dordogne (24) Connezac 73
2%
Charente-Maritime (17) Corme-Écluse 1 228
2%
Charente-Maritime (17) Corme-Royal 1 939
2%
Corrèze (19) Cornil 1 304
2%
Pyrénées-Atlantiques (64) Coslédaà-Lube-Boast 379
2%
Corrèze (19) Cosnac 3 026
2%
Charente (16) Coteaux-du-Blanzacais 985
2%
Dordogne (24) Coulounieix-Chamiers 7 245
2%
Charente-Maritime (17) Courçon 1 980
2%
Haute-Vienne (87) Coussac-Bonneval 1 287
2%
Charente (16) Couture 168
2%
Deux-Sèvres (79) Couture-d’Argenson 405
2%
Vienne (86) Croutelle 913
2%
Lot-et-Garonne (47) Damazan 1 349
2%
Charente (16) Dignac 1 363
2%
Charente (16) Dirac 1 519
2%
Vienne (86) Dissay 3 185
2%
Landes (40) Doazit 854
2%
Corrèze (19) Donzenac 2 705
2%
Haute-Vienne (87) Dournazac 665
2%
Charente-Maritime (17) Échillais 3 567
2%
Landes (40) Escource 774
2%
Charente-Maritime (17) Esnandes 2 103
2%
Corrèze (19) Espagnac 382
2%
Charente (16) Esse 503
2%
Charente (16) Étagnac 991
2%
Charente-Maritime (17) Étaules 2 717
2%
Landes (40) Eugénie-les-Bains 473
2%
Creuse (23) Évaux-les-Bains 1 291
2%
Haute-Vienne (87) Eyjeaux 1 319
2%
Dordogne (24) Eyraud-Crempse-Maurens 1 629
2%
Creuse (23) Faux-la-Montagne 447
2%
Creuse (23) Faux-Mazuras 191
2%
Haute-Vienne (87) Flavignac 1 065
2%
Charente (16) Fléac 3 842
2%
Charente-Maritime (17) Fléac-sur-Seugne 361
2%
Vienne (86) Fleix 144
2%
Charente-Maritime (17) Fontaines-d’Ozillac 512
2%
Charente (16) Fontenille 332
2%
Corrèze (19) Forgès 255
2%
Charente-Maritime (17) Forges 1 328
2%
Landes (40) Gabarret 1 279
2%
Gironde (33) Galgon 3 058
2%
Landes (40) Garein 430
2%
Pyrénées-Atlantiques (64) Garlin 1 341
2%
Creuse (23) Gartempe 116
2%
Landes (40) Gastes 897
2%
Charente-Maritime (17) Geay 778
2%
Deux-Sèvres (79) Geay 329
2%
Pyrénées-Atlantiques (64) Gelos 3 609
2%
Vienne (86) Gençay 1 708
2%
Dordogne (24) Génis 498
2%
Vienne (86) Genouillé 489
2%
Charente-Maritime (17) Genouillé 905
2%
Gironde (33) Gensac 688
2%
Charente (16) Gensac-la-Pallue 1 601
2%
Pyrénées-Atlantiques (64) Géus-d’Arzacq 203
2%
Pyrénées-Atlantiques (64) Geüs-d’Oloron 263
2%
Corrèze (19) Gimel-les-Cascades 768
2%
Pyrénées-Atlantiques (64) Goès 545
2%
Dordogne (24) Granges-d'Ans 145
2%
Lot-et-Garonne (47) Granges-sur-Lot 587
2%
Dordogne (24) Grignols 667
2%
Gironde (33) Grignols 1 202
2%
Pyrénées-Atlantiques (64) Guiche 1 033
2%
Landes (40) Habas 1 463
2%
Landes (40) Hastingues 601
2%
Dordogne (24) Hautefort 818
2%
Landes (40) Haut-Mauco 983
2%
Landes (40) Herm 1 175
2%
Charente (16) Hiersac 1 160
2%
Vienne (86) Ingrandes 1 714
2%
Pyrénées-Atlantiques (64) Irissarry 913
2%
Pyrénées-Atlantiques (64) Irouléguy 369
2%
Dordogne (24) Issac 429
2%
Dordogne (24) Issigeac 746
2%
Creuse (23) Issoudun-Létrieix 294
2%
Vienne (86) Iteuil 2 981
2%
Pyrénées-Atlantiques (64) Jatxou 1 247
2%
Haute-Vienne (87) Javerdat 690
2%
Landes (40) Josse 958
2%
Corrèze (19) Juillac 1 136
2%
Gironde (33) Juillac 220
2%
Charente (16) Juillac-le-Coq 651
2%
Charente (16) Juillé 178
2%
Deux-Sèvres (79) Juillé 97
2%
Gironde (33) Labarde 610
2%
Landes (40) Labatut 1 409
2%
Pyrénées-Atlantiques (64) Labatut-Figuières 169
2%
Landes (40) Labrit 856
2%
Charente-Maritime (17) La Brousse 514
2%
Pyrénées-Atlantiques (64) Lacarry-Arhan-Charritte-de-Haut 125
2%
Lot-et-Garonne (47) Lacaussade 207
2%
Corrèze (19) Lacelle 135
2%
Dordogne (24) La Coquille 1 261
2%
Creuse (23) La Courtine 767
2%
Haute-Vienne (87) La Croisille-sur-Briance 651
2%
Haute-Vienne (87) Ladignac-le-Long 1 144
2%
Corrèze (19) Ladignac-sur-Rondelles 407
2%
Dordogne (24) La Feuillade 788
2%
Dordogne (24) La Force 2 658
2%
Charente (16) Lagarde-sur-le-Né 185
2%
Pyrénées-Atlantiques (64) Lahonce 2 681
2%
Charente-Maritime (17) La Jard 428
2%
Gironde (33) Lamarque 1 337
2%
Creuse (23) La Mazière-aux-Bons-Hommes 60
2%
Gironde (33) Landiras 2 191
2%
Gironde (33) Langoiran 2 191
2%
Haute-Vienne (87) La Porcherie 505
2%
Charente (16) La Rochette 530
2%
Pyrénées-Atlantiques (64) Larrau 192
2%
Pyrénées-Atlantiques (64) Larressore 2 129
2%
Haute-Vienne (87) Laurière 525
2%
Lot-et-Garonne (47) Lauzun 735
2%
Charente-Maritime (17) La Vergne 605
2%
Lot-et-Garonne (47) Layrac 3 816
2%
Dordogne (24) Le Buisson-de-Cadouin 1 945
2%
Charente-Maritime (17) Le Chay 817
2%
Dordogne (24) Le Fleix 1 493
2%
Dordogne (24) Le Lardin-Saint-Lazare 1 665
2%
Pyrénées-Atlantiques (64) Lembeye 770
2%
Vienne (86) Lencloître 2 482
2%
Gironde (33) Lerm-et-Musset 457
2%
Pyrénées-Atlantiques (64) Lescun 171
2%
Deux-Sèvres (79) Les Forges 106
2%
Vienne (86) Les Ormes 1 615
2%
Landes (40) Lesperon 1 027
2%
Charente (16) Les Pins 490
2%
Gironde (33) Le Tourne 824
2%
Vienne (86) Lhommaizé 901
2%
Landes (40) Liposthey 579
2%
Gironde (33) Listrac-de-Durèze 150
2%
Gironde (33) Listrac-Médoc 2 796
2%
Lot-et-Garonne (47) Loubès-Bernac 414
2%
Pyrénées-Atlantiques (64) Louhossoa 856
2%
Gironde (33) Loupiac 1 097
2%
Gironde (33) Loupiac-de-la-Réole 542
2%
Pyrénées-Atlantiques (64) Lourdios-Ichère 137
2%
Corrèze (19) Lubersac 2 253
2%
Landes (40) Lüe 597
2%
Gironde (33) Lugos 1 066
2%
Landes (40) Luxey 655
2%
Charente (16) Mansle-les-Fontaines 2 105
2%
Landes (40) Mant 269
2%
Charente-Maritime (17) Marignac 412
2%
Deux-Sèvres (79) Marigny 893
2%
Vienne (86) Marigny-Chemereau 604
2%
Corrèze (19) Masseret 658
2%
Pyrénées-Atlantiques (64) Maure 88
2%
Landes (40) Maurrin 446
2%
Gironde (33) Mazères 783
2%
Pyrénées-Atlantiques (64) Mazères-Lezons 1 818
2%
Charente-Maritime (17) Médis 3 036
2%
Lot-et-Garonne (47) Mézin 1 460
2%
Landes (40) Mézos 841
2%
Corrèze (19) Millevaches 75
2%
Charente-Maritime (17) Moëze 597
2%
Deux-Sèvres (79) Moncoutant-sur-Sèvre 5 085
2%
Pyrénées-Atlantiques (64) Monein 4 426
2%
Lot-et-Garonne (47) Monflanquin 2 350
2%
Landes (40) Monségur 391
2%
Lot-et-Garonne (47) Monségur 401
2%
Gironde (33) Monségur 1 591
2%
Pyrénées-Atlantiques (64) Monségur 131
2%
Dordogne (24) Montagnac-d'Auberoche 133
2%
Dordogne (24) Montagnac-la-Crempse 405
2%
Lot-et-Garonne (47) Montagnac-sur-Auvignon 641
2%
Lot-et-Garonne (47) Montagnac-sur-Lède 271
2%
Vienne (86) Montamisé 3 698
2%
Pyrénées-Atlantiques (64) Montardon 2 392
2%
Landes (40) Montaut 613
2%
Dordogne (24) Montaut 127
2%
Lot-et-Garonne (47) Montaut 258
2%
Pyrénées-Atlantiques (64) Montaut 1 115
2%
Lot-et-Garonne (47) Montesquieu 755
2%
Dordogne (24) Montferrand-du-Périgord 154
2%
Charente-Maritime (17) Montguyon 1 567
2%
Haute-Vienne (87) Montrol-Sénard 256
2%
Gironde (33) Montussan 3 451
2%
Haute-Vienne (87) Mortemart 125
2%
Charente (16) Moulins-sur-Tardoire 793
2%
Charente (16) Mouton 221
2%
Landes (40) Mugron 1 318
2%
Deux-Sèvres (79) Nanteuil 1 705
2%
Charente (16) Nanteuil-en-Vallée 1 371
2%
Landes (40) Narrosse 3 295
2%
Gironde (33) Naujac-sur-Mer 1 086
2%
Corrèze (19) Naves 2 337
2%
Charente (16) Nieuil 903
2%
Vienne (86) Nieuil-l’Espoir 2 729
2%
Haute-Vienne (87) Nouic 440
2%
Pyrénées-Atlantiques (64) Nousty 1 592
2%
Charente-Maritime (17) Nuaillé-d’Aunis 1 228
2%
Landes (40) Oeyreluy 1 508
2%
Pyrénées-Atlantiques (64) Ogeu-les-Bains 1 272
2%
Landes (40) Onesse-Laharie 1 045
2%
Landes (40) Orx 645
2%
Pyrénées-Atlantiques (64) Ousse 1 663
2%
Landes (40) Ousse-Suzan 286
2%
Charente-Maritime (17) Paillé 326
2%
Deux-Sèvres (79) Pamproux 1 677
2%
Vienne (86) Payroux 464
2%
Lot-et-Garonne (47) Penne-d'Agenais 2 445
2%
Charente-Maritime (17) Pérignac 978
2%
Charente (16) Pérignac 495
2%
Haute-Vienne (87) Peyrilhac 1 331
2%
Corrèze (19) Pierrefitte 93
2%
Creuse (23) Pierrefitte 68
2%
Deux-Sèvres (79) Pierrefitte 327
2%
Gironde (33) Pineuilh 4 409
2%
Dordogne (24) Plaisance 417
2%
Vienne (86) Plaisance 176
2%
Gironde (33) Plassac 939
2%
Charente-Maritime (17) Plassac 648
2%
Pyrénées-Atlantiques (64) Poey-de-Lescar 1 821
2%
Pyrénées-Atlantiques (64) Poey-d’Oloron 164
2%
Landes (40) Pomarez 1 579
2%
Gironde (33) Pompignac 3 393
2%
Pyrénées-Atlantiques (64) Pontacq 2 904
2%
Gironde (33) Portets 2 676
2%
Landes (40) Pouillon 3 128
2%
Deux-Sèvres (79) Prahecq 2 246
2%
Gironde (33) Préchac 1 040
2%
Gironde (33) Preignac 2 145
2%
Vienne (86) Pressac 555
2%
Charente-Maritime (17) Prignac 289
2%
Gironde (33) Prignac-et-Marcamps 1 420
2%
Dordogne (24) Prigonrieux 4 292
2%
Lot-et-Garonne (47) Pujols 3 747
2%
Gironde (33) Pujols 524
2%
Gironde (33) Pujols-sur-Ciron 884
2%
Charente (16) Puymoyen 2 388
2%
Pyrénées-Atlantiques (64) Puyoô 1 098
2%
Dordogne (24) Quinsac 384
2%
Gironde (33) Quinsac 2 215
2%
Dordogne (24) Razac-de-Saussignac 341
2%
Dordogne (24) Razac-d'Eymet 320
2%
Dordogne (24) Razac-sur-l'Isle 2 369
2%
Haute-Vienne (87) Razès 1 173
2%
Gironde (33) Reignac 1 622
2%
Charente (16) Reignac 728
2%
Charente (16) Rivières 2 012
2%
Gironde (33) Romagne 477
2%
Vienne (86) Romagne 836
2%
Corrèze (19) Rosiers-d'Égletons 1 091
2%
Corrèze (19) Rosiers-de-Juillac 173
2%
Charente-Maritime (17) Rouffiac 499
2%
Charente (16) Rouffiac 122
2%
Charente-Maritime (17) Rouffignac 417
2%
Dordogne (24) Rouffignac-de-Sigoulès 309
2%
Creuse (23) Royère-de-Vassivière 574
2%
Gironde (33) Sadirac 4 687
2%
Haute-Vienne (87) Saillat-sur-Vienne 813
2%
Charente-Maritime (17) Saint-Agnant 2 772
2%
Creuse (23) Saint-Agnant-de-Versillat 1 079
2%
Creuse (23) Saint-Agnant-près-Crocq 178
2%
Dordogne (24) Saint-Agne 449
2%
Charente-Maritime (17) Saint-Aigulin 1 888
2%
Corrèze (19) Saint-Angel 699
2%
Haute-Vienne (87) Saint-Bazile 140
2%
Corrèze (19) Saint-Bazile-de-Meyssac 132
2%
Dordogne (24) Saint-Cernin-de-Labarde 224
2%
Corrèze (19) Saint-Cernin-de-Larche 661
2%
Dordogne (24) Saint-Cernin-de-l'Herm 200
2%
Gironde (33) Saint-Côme 332
2%
Landes (40) Saint-Cricq-Chalosse 651
2%
Landes (40) Saint-Cricq-du-Gave 438
2%
Landes (40) Saint-Cricq-Villeneuve 468
2%
Lot-et-Garonne (47) Sainte-Bazeille 3 173
2%
Pyrénées-Atlantiques (64) Sainte-Engrâce 180
2%
Creuse (23) Sainte-Feyre 2 497
2%
Creuse (23) Sainte-Feyre-la-Montagne 120
2%
Lot-et-Garonne (47) Sainte-Livrade-sur-Lot 6 496
2%
Lot-et-Garonne (47) Sainte-Marthe 656
2%
Deux-Sèvres (79) Sainte-Soline 349
2%
Deux-Sèvres (79) Sainte-Verge 1 394
2%
Charente (16) Saint-Front 361
2%
Dordogne (24) Saint-Front-d'Alemps 255
2%
Dordogne (24) Saint-Front-de-Pradoux 1 168
2%
Dordogne (24) Saint-Front-la-Rivière 497
2%
Lot-et-Garonne (47) Saint-Front-sur-Lémance 511
2%
Dordogne (24) Saint-Front-sur-Nizonne 164
2%
Haute-Vienne (87) Saint-Gence 2 213
2%
Vienne (86) Saint-Genest-d’Ambière 1 194
2%
Haute-Vienne (87) Saint-Genest-sur-Roselle 531
2%
Lot-et-Garonne (47) Saint-Géraud 88
2%
Dordogne (24) Saint-Géraud-de-Corps 222
2%
Landes (40) Saint-Gor 314
2%
Pyrénées-Atlantiques (64) Saint-Jammes 625
2%
Haute-Vienne (87) Saint-Jouvent 1 659
2%
Landes (40) Saint-Lon-les-Mines 1 238
2%
Gironde (33) Saint-Magne 1 172
2%
Gironde (33) Saint-Magne-de-Castillon 2 090
2%
Gironde (33) Saint-Maixant 2 033
2%
Creuse (23) Saint-Maixant 244
2%
Charente-Maritime (17) Saint-Mard 1 227
2%
Creuse (23) Saint-Marien 193
2%
Corrèze (19) Saint-Merd-de-Lapleau 180
2%
Creuse (23) Saint-Merd-la-Breuille 193
2%
Corrèze (19) Saint-Merd-les-Oussines 116
2%
Landes (40) Saint-Perdon 1 725
2%
Corrèze (19) Saint-Privat 1 041
2%
Dordogne (24) Saint Privat en Périgord 1 120
2%
Vienne (86) Saint-Sauvant 1 283
2%
Charente-Maritime (17) Saint-Sauvant 504
2%
Charente-Maritime (17) Saint-Savinien 2 453
2%
Gironde (33) Saint-Selve 3 578
2%
Charente (16) Saint-Séverin 803
2%
Dordogne (24) Saint-Séverin-d'Estissac 90
2%
Charente-Maritime (17) Saint-Séverin-sur-Boutonne 94
2%
Creuse (23) Saint-Vaury 1 732
2%
Haute-Vienne (87) Saint-Victurnien 1 766
2%
Gironde (33) Salaunes 1 227
2%
Gironde (33) Sallebœuf 2 728
2%
Dordogne (24) Salon 290
2%
Corrèze (19) Salon-la-Tour 675
2%
Dordogne (24) Sanilhac 4 674
2%
Corrèze (19) Sarran 275
2%
Landes (40) Saubion 1 791
2%
Landes (40) Saubrigues 1 571
2%
Landes (40) Saubusse 1 097
2%
Landes (40) Saugnac-et-Cambran 1 566
2%
Gironde (33) Saumos 548
2%
Pyrénées-Atlantiques (64) Sauvagnon 3 484
2%
Vienne (86) Savigny-Lévescault 1 223
2%
Vienne (86) Savigny-sous-Faye 375
2%
Deux-Sèvres (79) Secondigny 1 791
2%
Corrèze (19) Seilhac 1 797
2%
Charente-Maritime (17) Semussac 2 479
2%
Haute-Vienne (87) Séreilhac 2 022
2%
Vienne (86) Smarves 2 925
2%
Landes (40) Solférino 348
2%
Haute-Vienne (87) Solignac 1 568
2%
Landes (40) Sore 1 162
2%
Lot-et-Garonne (47) Sos 656
2%
Charente-Maritime (17) Soubise 3 641
2%
Deux-Sèvres (79) Soudan 427
2%
Pyrénées-Atlantiques (64) Souraïde 1 506
2%
Gironde (33) Talais 759
2%
Pyrénées-Atlantiques (64) Tardets-Sorholus 573
2%
Gironde (33) Targon 2 044
2%
Charente-Maritime (17) Thairé 1 837
2%
Dordogne (24) Thénac 462
2%
Charente-Maritime (17) Thénac 1 705
2%
Dordogne (24) Thenon 1 257
2%
Gironde (33) Toulenne 2 813
2%
Lot-et-Garonne (47) Tournon-d'Agenais 754
2%
Charente (16) Touvre 1 141
2%
Corrèze (19) Treignac 1 263
2%
Corrèze (19) Turenne 805
2%
Pyrénées-Atlantiques (64) Urepel 274
2%
Vienne (86) Usseau 591
2%
Vienne (86) Usson-du-Poitou 1 236
2%
Landes (40) Uza 196
2%
Gironde (33) Vensac 1 095
2%
Gironde (33) Vérac 930
2%
Vienne (86) Verrières 940
2%
Charente (16) Verrières 333
2%
Lot-et-Garonne (47) Verteuil-d'Agenais 546
2%
Charente (16) Verteuil-sur-Charente 594
2%
Charente-Maritime (17) Vibrac 156
2%
Charente (16) Vibrac 282
2%
Gironde (33) Villandraut 1 131
2%
Creuse (23) Villard 380
2%
Lot-et-Garonne (47) Virazeil 1 675
2%
Gironde (33) Virsac 1 305
2%
Dordogne (24) Vitrac 838
2%
Charente (16) Vitrac-Saint-Vincent 494
2%
Corrèze (19) Vitrac-sur-Montane 255
2%
Pyrénées-Atlantiques (64) Abère 162
1%
Pyrénées-Atlantiques (64) Abidos 209
1%
Pyrénées-Atlantiques (64) Abitain 109
1%
Pyrénées-Atlantiques (64) Abos 529
1%
Pyrénées-Atlantiques (64) Accous 457
1%
Deux-Sèvres (79) Adilly 311
1%
Vienne (86) Adriers 702
1%
Corrèze (19) Affieux 367
1%
Lot-et-Garonne (47) Agmé 107
1%
Lot-et-Garonne (47) Agnac 458
1%
Pyrénées-Atlantiques (64) Agnos 1 041
1%
Charente (16) Agris 860
1%
Charente-Maritime (17) Agudelle 134
1%
Pyrénées-Atlantiques (64) Ahaxe-Alciette-Bascassan 263
1%
Pyrénées-Atlantiques (64) Aïcirits-Camou-Suhast 687
1%
Deux-Sèvres (79) Aigondigné 4 660
1%
Gironde (33) Aillas 822
1%
Pyrénées-Atlantiques (64) Aincille 114
1%
Pyrénées-Atlantiques (64) Ainharp 131
1%
Pyrénées-Atlantiques (64) Ainhice-Mongelos 169
1%
Creuse (23) Ajain 1 032
1%
Dordogne (24) Ajat 292
1%
Corrèze (19) Albignac 232
1%
Corrèze (19) Albussac 735
1%
Pyrénées-Atlantiques (64) Alçay-Alçabéhéty-Sunharette 208
1%
Corrèze (19) Alleyrat 108
1%
Creuse (23) Alleyrat 137
1%
Lot-et-Garonne (47) Allez-et-Cazeneuve 604
1%
Deux-Sèvres (79) Alloinay 903
1%
Deux-Sèvres (79) Allonne 634
1%
Lot-et-Garonne (47) Allons 166
1%
Pyrénées-Atlantiques (64) Alos-Sibas-Abense 320
1%
Corrèze (19) Altillac 826
1%
Deux-Sèvres (79) Amailloux 823
1%
Charente (16) Ambernac 379
1%
Vienne (86) Amberre 570
1%
Corrèze (19) Ambrugeat 206
1%
Lot-et-Garonne (47) Ambrus 109
1%
Pyrénées-Atlantiques (64) Amendeuix-Oneix 459
1%
Pyrénées-Atlantiques (64) Amorots-Succos 230
1%
Deux-Sèvres (79) Amuré 434
1%
Vienne (86) Anché 334
1%
Lot-et-Garonne (47) Andiran 249
1%
Pyrénées-Atlantiques (64) Andoins 704
1%
Pyrénées-Atlantiques (64) Andrein 140
1%
Pyrénées-Atlantiques (64) Angaïs 905
1%
Charente (16) Angeac-Champagne 498
1%
Charente (16) Angeac-Charente 305
1%
Charente (16) Angeduc 138
1%
Gironde (33) Anglade 906
1%
Pyrénées-Atlantiques (64) Angous 95
1%
Pyrénées-Atlantiques (64) Anhaux 377
1%
Dordogne (24) Anlhiac 265
1%
Charente-Maritime (17) Annepont 394
1%
Charente-Maritime (17) Annezay 158
1%
Pyrénées-Atlantiques (64) Anos 183
1%
Pyrénées-Atlantiques (64) Anoye 128
1%
Lot-et-Garonne (47) Antagnac 220
1%
Charente-Maritime (17) Antezant-la-Chapelle 357
1%
Lot-et-Garonne (47) Anthé 199
1%
Vienne (86) Antigny 537
1%
Dordogne (24) Antonne-et-Trigonant 1 257
1%
Creuse (23) Anzême 543
1%
Lot-et-Garonne (47) Anzex 317
1%
Pyrénées-Atlantiques (64) Arancou 178
1%
Pyrénées-Atlantiques (64) Araujuzon 182
1%
Pyrénées-Atlantiques (64) Araux 131
1%
Gironde (33) Arbanats 1 353
1%
Pyrénées-Atlantiques (64) Arbérats-Sillègue 322
1%
Landes (40) Arboucave 208
1%
Pyrénées-Atlantiques (64) Arbouet-Sussaute 312
1%
Deux-Sèvres (79) Arçais 605
1%
Vienne (86) Arçay 337
1%
Dordogne (24) Archignac 396
1%
Vienne (86) Archigny 1 062
1%
Charente-Maritime (17) Archingeay 733
1%
Gironde (33) Arcins 546
1%
Charente-Maritime (17) Ardillières 865
1%
Pyrénées-Atlantiques (64) Aressy 823
1%
Creuse (23) Arfeuille-Châtain 200
1%
Pyrénées-Atlantiques (64) Argagnon 700
1%
Landes (40) Argelos 164
1%
Pyrénées-Atlantiques (64) Argelos 285
1%
Deux-Sèvres (79) Argentonnay 3 213
1%
Pyrénées-Atlantiques (64) Arget 79
1%
Pyrénées-Atlantiques (64) Arhansus 70
1%
Pyrénées-Atlantiques (64) Armendarits 386
1%
Lot-et-Garonne (47) Armillac 207
1%
Pyrénées-Atlantiques (64) Arnéguy 237
1%
Pyrénées-Atlantiques (64) Arnos 136
1%
Pyrénées-Atlantiques (64) Aroue-Ithorots-Olhaïby 231
1%
Pyrénées-Atlantiques (64) Arrast-Larrebieu 93
1%
Pyrénées-Atlantiques (64) Arraute-Charritte 425
1%
Creuse (23) Arrènes 207
1%
Pyrénées-Atlantiques (64) Arrien 200
1%
Pyrénées-Atlantiques (64) Arrosès 137
1%
Landes (40) Arsague 335
1%
Charente-Maritime (17) Arthenac 345
1%
Pyrénées-Atlantiques (64) Artigueloutan 1 093
1%
Landes (40) Arue 358
1%
Pyrénées-Atlantiques (64) Ascarat 339
1%
Vienne (86) Aslonnes 1 115
1%
Vienne (86) Asnois 143
1%
Gironde (33) Asques 433
1%
Deux-Sèvres (79) Assais-les-Jumeaux 770
1%
Corrèze (19) Astaillac 210
1%
Pyrénées-Atlantiques (64) Aste-Béon 228
1%
Pyrénées-Atlantiques (64) Astis 336
1%
Pyrénées-Atlantiques (64) Athos-Aspis 211
1%
Landes (40) Aubagnan 267
1%
Dordogne (24) Aubas 616
1%
Pyrénées-Atlantiques (64) Aubertin 652
1%
Lot-et-Garonne (47) Aubiac 1 175
1%
Gironde (33) Aubiac 283
1%
Deux-Sèvres (79) Aubigné 167
1%
Deux-Sèvres (79) Aubigny 160
1%
Pyrénées-Atlantiques (64) Aubous 44
1%
Pyrénées-Atlantiques (64) Audaux 165
1%
Landes (40) Audignon 390
1%
Landes (40) Audon 399
1%
Dordogne (24) Audrix 258
1%
Pyrénées-Atlantiques (64) Auga 179
1%
Dordogne (24) Augignac 822
1%
Haute-Vienne (87) Augne 119
1%
Charente-Maritime (17) Aujac 373
1%
Charente-Maritime (17) Aumagne 700
1%
Charente (16) Aunac-sur-Charente 662
1%
Lot-et-Garonne (47) Auradou 432
1%
Landes (40) Aurice 629
1%
Pyrénées-Atlantiques (64) Aurions-Idernes 105
1%
Gironde (33) Auros 1 047
1%
Charente (16) Aussac-Vadalle 534
1%
Pyrénées-Atlantiques (64) Aussevielle 813
1%
Pyrénées-Atlantiques (64) Aussurucq 236
1%
Pyrénées-Atlantiques (64) Auterrive 142
1%
Charente-Maritime (17) Authon-Ébéon 392
1%
Deux-Sèvres (79) Avon 62
1%
Pyrénées-Atlantiques (64) Aydie 138
1%
Pyrénées-Atlantiques (64) Aydius 104
1%
Corrèze (19) Ayen 709
1%
Gironde (33) Ayguemorte-les-Graves 1 394
1%
Pyrénées-Atlantiques (64) Ayherre 1 130
1%
Creuse (23) Azat-Châtenet 123
1%
Haute-Vienne (87) Azat-le-Ris 239
1%
Creuse (23) Azerables 805
1%
Dordogne (24) Azerat 434
1%
Dordogne (24) Badefols-d'Ans 398
1%
Dordogne (24) Badefols-sur-Dordogne 207
1%
Gironde (33) Bagas 292
1%
Charente-Maritime (17) Bagnizeau 189
1%
Landes (40) Bahus-Soubiran 392
1%
Gironde (33) Baigneaux 445
1%
Landes (40) Baigts 339
1%
Pyrénées-Atlantiques (64) Baigts-de-Béarn 870
1%
Lot-et-Garonne (47) Bajamont 993
1%
Charente-Maritime (17) Balanzac 586
1%
Pyrénées-Atlantiques (64) Baleix 135
1%
Pyrénées-Atlantiques (64) Baliros 504
1%
Gironde (33) Balizac 512
1%
Charente-Maritime (17) Ballans 200
1%
Haute-Vienne (87) Balledent 197
1%
Charente-Maritime (17) Ballon 821
1%
Dordogne (24) Baneuil 319
1%
Landes (40) Banos 262
1%
Lot-et-Garonne (47) Barbaste 1 493
1%
Charente (16) Barbezières 131
1%
Charente (16) Bardenac 221
1%
Dordogne (24) Bardou 45
1%
Gironde (33) Barie 281
1%
Gironde (33) Baron 1 193
1%
Charente-Maritime (17) Barzan 464
1%
Pyrénées-Atlantiques (64) Barzun 624
1%
Landes (40) Bascons 856
1%
Gironde (33) Bassanne 131
1%
Landes (40) Bassercles 154
1%
Corrèze (19) Bassignac-le-Bas 83
1%
Corrèze (19) Bassignac-le-Haut 155
1%
Pyrénées-Atlantiques (64) Bassillon-Vauzé 66
1%
Landes (40) Bastennes 250
1%
Landes (40) Baudignan 52
1%
Pyrénées-Atlantiques (64) Baudreix 581
1%
Gironde (33) Baurech 965
1%
Dordogne (24) Bayac 357
1%
Gironde (33) Bayas 458
1%
Charente (16) Bazac 146
1%
Charente-Maritime (17) Bazauges 106
1%
Lot-et-Garonne (47) Bazens 514
1%
Lot-et-Garonne (47) Beaugas 337
1%
Charente-Maritime (17) Beaugeay 785
1%
Dordogne (24) Beaumontois en Périgord 1 767
1%
Dordogne (24) Beaupouyet 542
1%
Lot-et-Garonne (47) Beaupuy 1 648
1%
Dordogne (24) Beauronne 368
1%
Charente-Maritime (17) Beauvais-sur-Matha 653
1%
Deux-Sèvres (79) Béceleuf 770
1%
Charente (16) Bécheresse 292
1%
Pyrénées-Atlantiques (64) Bédeille 207
1%
Charente-Maritime (17) Bedenac 690
1%
Gironde (33) Bégadan 901
1%
Gironde (33) Béguey 1 208
1%
Pyrénées-Atlantiques (64) Béguios 266
1%
Pyrénées-Atlantiques (64) Béhorléguy 71
1%
Dordogne (24) Beleymas 273
1%
Landes (40) Belhade 215
1%
Landes (40) Bélis 161
1%
Gironde (33) Bellebat 323
1%
Corrèze (19) Bellechassagne 97
1%
Gironde (33) Bellefond 214
1%
Vienne (86) Bellefonds 253
1%
Creuse (23) Bellegarde-en-Marche 375
1%
Charente (16) Bellevigne 1 278
1%
Pyrénées-Atlantiques (64) Bellocq 912
1%
Charente (16) Bellon 137
1%
Charente-Maritime (17) Belluire 215
1%
Landes (40) Bélus 610
1%
Corrèze (19) Benayes 220
1%
Pyrénées-Atlantiques (64) Bénéjacq 1 961
1%
Charente (16) Benest 306
1%
Creuse (23) Bénévent-l’Abbaye 764
1%
Pyrénées-Atlantiques (64) Bentayou-Sérée 108
1%
Pyrénées-Atlantiques (64) Béost 224
1%
Dordogne (24) Berbiguières 176
1%
Charente-Maritime (17) Bercloux 445
1%
Pyrénées-Atlantiques (64) Bérenx 418
1%
Landes (40) Bergouey 109
1%
Pyrénées-Atlantiques (64) Bergouey-Viellenave 117
1%
Charente (16) Bernac 466
1%
Pyrénées-Atlantiques (64) Bernadets 587
1%
Vienne (86) Berrie 250
1%
Haute-Vienne (87) Bersac-sur-Rivalier 642
1%
Gironde (33) Berson 1 821
1%
Vienne (86) Berthegon 264
1%
Gironde (33) Berthez 280
1%
Pyrénées-Atlantiques (64) Bescat 246
1%
Landes (40) Betbezer-d'Armagnac 143
1%
Vienne (86) Béthines 472
1%
Deux-Sèvres (79) Beugnon-Thireuil 734
1%
Pyrénées-Atlantiques (64) Beuste 674
1%
Vienne (86) Beuxes 546
1%
Landes (40) Beylongue 387
1%
Pyrénées-Atlantiques (64) Beyrie-en-Béarn 193
1%
Landes (40) Beyries 125
1%
Pyrénées-Atlantiques (64) Beyrie-sur-Joyeuse 538
1%
Corrèze (19) Beyssac 590
1%
Corrèze (19) Beyssenac 356
1%
Landes (40) Biaudos 988
1%
Pyrénées-Atlantiques (64) Bielle 383
1%
Gironde (33) Bieujac 655
1%
Charente-Maritime (17) Bignay 369
1%
Vienne (86) Bignoux 1 078
1%
Corrèze (19) Bilhac 249
1%
Pyrénées-Atlantiques (64) Bilhères 157
1%
Charente (16) Bioussac 207
1%
Dordogne (24) Biras 700
1%
Gironde (33) Blaignac 305
1%
Vienne (86) Blanzay 796
1%
Charente-Maritime (17) Blanzay-sur-Boutonne 77
1%
Gironde (33) Blasimon 940
1%
Pyrénées-Atlantiques (64) Boeil-Bezing 1 336
1%
Deux-Sèvres (79) Boismé 1 181
1%
Charente (16) Boisné-La Tude 661
1%
Charente-Maritime (17) Boisredon 706
1%
Dordogne (24) Boisseuilh 113
1%
Gironde (33) Bommes 442
1%
Pyrénées-Atlantiques (64) Bonloc 367
1%
Creuse (23) Bonnat 1 352
1%
Corrèze (19) Bonnefond 114
1%
Landes (40) Bonnegarde 259
1%
Gironde (33) Bonnetan 1 024
1%
Pyrénées-Atlantiques (64) Bonnut 827
1%
Pyrénées-Atlantiques (64) Borce 121
1%
Charente-Maritime (17) Boresse-et-Martron 201
1%
Dordogne (24) Borrèze 348
1%
Charente-Maritime (17) Boscamnant 342
1%
Dordogne (24) Bosset 226
1%
Landes (40) Bostens 207
1%
Lot-et-Garonne (47) Boudy-de-Beauregard 402
1%
Charente (16) Bouëx 865
1%
Pyrénées-Atlantiques (64) Bougarber 833
1%
Lot-et-Garonne (47) Bouglon 643
1%
Charente-Maritime (17) Bougneau 609
1%
Deux-Sèvres (79) Bougon 173
1%
Landes (40) Bougue 860
1%
Charente-Maritime (17) Bouhet 916
1%
Dordogne (24) Bouillac 126
1%
Pyrénées-Atlantiques (64) Bouillon 158
1%
Dordogne (24) Bouniagues 600
1%
Landes (40) Bourdalat 207
1%
Gironde (33) Bourdelles 96
1%
Pyrénées-Atlantiques (64) Bourdettes 509
1%
Vienne (86) Bouresse 621
1%
Dordogne (24) Bourgnac 351
1%
Charente-Maritime (17) Bourgneuf 1 418
1%
Gironde (33) Bourideys 98
1%
Vienne (86) Bournand 907
1%
Dordogne (24) Bourniquel 72
1%
Pyrénées-Atlantiques (64) Bournos 336
1%
Lot-et-Garonne (47) Bourran 609
1%
Landes (40) Bourriot-Bergonce 313
1%
Dordogne (24) Bourrou 127
1%
Deux-Sèvres (79) Boussais 450
1%
Lot-et-Garonne (47) Boussès 39
1%
Charente-Maritime (17) Boutenac-Touvent 229
1%
Charente (16) Bouteville 325
1%
Dordogne (24) Bouzic 149
1%
Corrèze (19) Branceilles 277
1%
Gironde (33) Brannens 240
1%
Landes (40) Brassempouy 267
1%
Charente-Maritime (17) Bresdon 224
1%
Deux-Sèvres (79) Bretignolles 594
1%
Charente (16) Brettes 165
1%
Haute-Vienne (87) Breuilaufa 116
1%
Charente (16) Bréville 444
1%
Corrèze (19) Brignac-la-Plaine 967
1%
Charente (16) Brillac 628
1%
Vienne (86) Brion 218
1%
Deux-Sèvres (79) Brion-près-Thouet 746
1%
Charente-Maritime (17) Brizambourg 959
1%
Charente (16) Brossac 457
1%
Dordogne (24) Brouchaud 210
1%
Creuse (23) Brousse 30
1%
Lot-et-Garonne (47) Bruch 710
1%
Deux-Sèvres (79) Brûlain 761
1%
Landes (40) Buanes 244
1%
Creuse (23) Budelière 707
1%
Gironde (33) Budos 813
1%
Pyrénées-Atlantiques (64) Bugnein 237
1%
Pyrénées-Atlantiques (64) Bunus 132
1%
Charente (16) Bunzac 458
1%
Haute-Vienne (87) Burgnac 856
1%
Charente-Maritime (17) Burie 1 337
1%
Dordogne (24) Busserolles 505
1%
Pyrénées-Atlantiques (64) Bussunarits-Sarrasquette 209
1%
Pyrénées-Atlantiques (64) Bustince-Iriberry 106
1%
Vienne (86) Buxeuil 913
1%
Pyrénées-Atlantiques (64) Buziet 476
1%
Pyrénées-Atlantiques (64) Buzy 997
1%
Gironde (33) Cabara 494
1%
Charente-Maritime (17) Cabariot 1 445
1%
Landes (40) Cachen 228
1%
Gironde (33) Cadarsac 347
1%
Lot-et-Garonne (47) Cahuzac 310
1%
Dordogne (24) Calès 376
1%
Lot-et-Garonne (47) Calignac 483
1%
Landes (40) Callen 137
1%
Dordogne (24) Calviac-en-Périgord 531
1%
Gironde (33) Camarsac 1 022
1%
Gironde (33) Camiran 416
1%
Pyrénées-Atlantiques (64) Camou-Cihigue 103
1%
Dordogne (24) Campagnac-lès-Quercy 324
1%
Landes (40) Campet-et-Lamolère 531
1%
Dordogne (24) Campsegret 390
1%
Landes (40) Candresse 850
1%
Dordogne (24) Capdrot 461
1%
Gironde (33) Capian 787
1%
Gironde (33) Caplong 235
1%
Landes (40) Carcarès-Sainte-Croix 547
1%
Gironde (33) Cardan 515
1%
Dordogne (24) Carlux 640
1%
Pyrénées-Atlantiques (64) Caro 181
1%
Pyrénées-Atlantiques (64) Carresse-Cassaber 660
1%
Dordogne (24) Carsac-de-Gurson 182
1%
Gironde (33) Cartelègue 1 261
1%
Dordogne (24) Carves 103
1%
Lot-et-Garonne (47) Casseneuil 2 371
1%
Gironde (33) Casseuil 373
1%
Landes (40) Castaignos-Souslens 419
1%
Landes (40) Castandet 413
1%
Lot-et-Garonne (47) Castelculier 2 384
1%
Landes (40) Castelner 119
1%
Gironde (33) Castelviel 208
1%
Pyrénées-Atlantiques (64) Castétis 642
1%
Lot-et-Garonne (47) Castillonnès 1 364
1%
Pyrénées-Atlantiques (64) Caubios-Loos 665
1%
Lot-et-Garonne (47) Caudecoste 1 132
1%
Gironde (33) Caudrot 1 106
1%
Gironde (33) Caumont 137
1%
Lot-et-Garonne (47) Caumont-sur-Garonne 809
1%
Landes (40) Cauneille 797
1%
Landes (40) Caupenne 391
1%
Dordogne (24) Cause-de-Clérans 341
1%
Landes (40) Cazalis 136
1%
Gironde (33) Cazalis 242
1%
Gironde (33) Cazats 401
1%
Charente (16) Cellefrouin 573
1%
Charente (16) Cellettes 382
1%
Charente-Maritime (17) Cercoux 1 279
1%
Vienne (86) Cernay 491
1%
Gironde (33) Cessac 195
1%
Pyrénées-Atlantiques (64) Cette-Eygun 59
1%
Gironde (33) Cézac 2 694
1%
Vienne (86) Chabournay 1 223
1%
Charente (16) Chabrac 601
1%
Corrèze (19) Chabrignac 536
1%
Charente-Maritime (17) Chadenac 517
1%
Charente (16) Chadurie 512
1%
Charente-Maritime (17) Chaillevette 1 633
1%
Dordogne (24) Chalagnac 442
1%
Vienne (86) Chalandray 803
1%
Charente (16) Challignac 339
1%
Corrèze (19) Chamberet 1 410
1%
Corrèze (19) Chamboulive 1 164
1%
Corrèze (19) Chameyrat 1 504
1%
Charente-Maritime (17) Chamouillac 369
1%
Charente-Maritime (17) Champagnolles 686
1%
Charente-Maritime (17) Champdolent 413
1%
Charente (16) Champmillon 516
1%
Haute-Vienne (87) Champsac 673
1%
Corrèze (19) Chanac-les-Mines 427
1%
Corrèze (19) Chanteix 635
1%
Deux-Sèvres (79) Chanteloup 992
1%
Charente-Maritime (17) Chantemerle-sur-la-Soie 210
1%
Dordogne (24) Chantérac 627
1%
Charente (16) Chantillac 364
1%
Dordogne (24) Chapdeuil 138
1%
Creuse (23) Chard 205
1%
Charente (16) Charmé 336
1%
Charente (16) Charras 342
1%
Pyrénées-Atlantiques (64) Charritte-de-Bas 248
1%
Charente-Maritime (17) Chartuzac 165
1%
Dordogne (24) Chassaignes 69
1%
Charente (16) Chassiecq 146
1%
Charente (16) Chassors 1 086
1%
Corrèze (19) Chasteaux 750
1%
Vienne (86) Chatain 244
1%
Creuse (23) Châtelus-le-Marcheix 286
1%
Creuse (23) Châtelus-Malvaleix 546
1%
Charente-Maritime (17) Chatenet 212
1%
Charente (16) Châtignac 169
1%
Dordogne (24) Châtres 182
1%
Corrèze (19) Chauffour-sur-Vell 414
1%
Corrèze (19) Chaumeil 164
1%
Charente-Maritime (17) Chaunac 74
1%
Vienne (86) Chaunay 1 209
1%
Corrèze (19) Chavanac 49
1%
Charente (16) Chazelles 1 563
1%
Haute-Vienne (87) Cheissoux 221
1%
Deux-Sèvres (79) Chenay 451
1%
Creuse (23) Chénérailles 744
1%
Vienne (86) Chenevelles 445
1%
Creuse (23) Chéniers 556
1%
Charente (16) Chenon 127
1%
Charente-Maritime (17) Chepniers 674
1%
Charente-Maritime (17) Chérac 1 130
1%
Pyrénées-Atlantiques (64) Chéraute 1 057
1%
Charente-Maritime (17) Cherbonnières 334
1%
Charente-Maritime (17) Chermignac 1 266
1%
Haute-Vienne (87) Chéronnac 316
1%
Dordogne (24) Cherval 231
1%
Dordogne (24) Cherveix-Cubas 555
1%
Deux-Sèvres (79) Cherveux 1 898
1%
Charente-Maritime (17) Chevanceaux 1 112
1%
Charente (16) Chillac 224
1%
Vienne (86) Chiré-en-Montreuil 924
1%
Charente-Maritime (17) Chives 310
1%
Vienne (86) Chouppes 783
1%
Dordogne (24) Chourgnac 66
1%
Charente-Maritime (17) Cierzac 318
1%
Deux-Sèvres (79) Cirières 947
1%
Gironde (33) Civrac-de-Blaye 818
1%
Gironde (33) Civrac-en-Médoc 639
1%
Gironde (33) Civrac-sur-Dordogne 216
1%
Dordogne (24) Cladech 95
1%
Charente (16) Claix 1 062
1%
Charente-Maritime (17) Clam 407
1%
Landes (40) Classun 248
1%
Charente-Maritime (17) Clavette 1 441
1%
Landes (40) Clèdes 123
1%
Charente-Maritime (17) Clérac 979
1%
Corrèze (19) Clergoux 406
1%
Deux-Sèvres (79) Clessé 934
1%
Charente-Maritime (17) Clion 838
1%
Vienne (86) Cloué 495
1%
Deux-Sèvres (79) Clussais-la-Pommeraie 577
1%
Lot-et-Garonne (47) Cocumont 1 088
1%
Gironde (33) Coimères 1 073
1%
Charente-Maritime (17) Coivert 201
1%
Vienne (86) Colombiers 1 421
1%
Charente-Maritime (17) Colombiers 303
1%
Dordogne (24) Coly-Saint-Amand 608
1%
Charente (16) Combiers 124
1%
Deux-Sèvres (79) Combrand 1 167
1%
Corrèze (19) Combressol 370
1%
Landes (40) Commensacq 429
1%
Gironde (33) Comps 546
1%
Corrèze (19) Concèze 386
1%
Charente (16) Condac 464
1%
Charente (16) Condéon 613
1%
Corrèze (19) Confolent-Port-Dieu 41
1%
Charente-Maritime (17) Consac 233
1%
Charente-Maritime (17) Contré 137
1%
Dordogne (24) Corgnac-sur-l'Isle 854
1%
Charente-Maritime (17) Corignac 330
1%
Dordogne (24) Cornille 690
1%
Dordogne (24) Coubjours 111
1%
Landes (40) Coudures 543
1%
Dordogne (24) Coulaures 731
1%
Charente (16) Coulgens 546
1%
Vienne (86) Coulombiers 1 136
1%
Lot-et-Garonne (47) Coulx 246
1%
Gironde (33) Couquèques 266
1%
Charente-Maritime (17) Courant 440
1%
Charente (16) Courbillac 740
1%
Charente-Maritime (17) Courcelles 451
1%
Charente-Maritime (17) Courcerac 307
1%
Charente (16) Courcôme 789
1%
Charente-Maritime (17) Courcoury 701
1%
Charente (16) Courlac 58
1%
Deux-Sèvres (79) Courlay 2 409
1%
Gironde (33) Courpiac 124
1%
Charente-Maritime (17) Courpignac 414
1%
Dordogne (24) Coursac 2 284
1%
Corrèze (19) Courteix 66
1%
Vienne (86) Coussay 254
1%
Vienne (86) Coussay-les-Bois 918
1%
Lot-et-Garonne (47) Couthures-sur-Garonne 368
1%
Dordogne (24) Coutures 193
1%
Gironde (33) Coutures 95
1%
Vienne (86) Craon 183
1%
Charente-Maritime (17) Cravans 869
1%
Charente-Maritime (17) Crazannes 439
1%
Charente-Maritime (17) Cressé 222
1%
Dordogne (24) Creyssac 101
1%
Dordogne (24) Creysse 1 747
1%
Dordogne (24) Creyssensac-et-Pissot 259
1%
Charente (16) Criteuil-la-Magdeleine 400
1%
Creuse (23) Crocq 397
1%
Haute-Vienne (87) Cromac 243
1%
Pyrénées-Atlantiques (64) Crouseilles 120
1%
Creuse (23) Crozant 433
1%
Creuse (23) Croze 188
1%
Corrèze (19) Cublac 1 726
1%
Gironde (33) Cubnezais 1 807
1%
Gironde (33) Cudos 790
1%
Vienne (86) Cuhon 387
1%
Dordogne (24) Cunèges 305
1%
Lot-et-Garonne (47) Cuq 279
1%
Charente (16) Curac 118
1%
Vienne (86) Curçay-sur-Dive 217
1%
Corrèze (19) Curemonte 212
1%
Gironde (33) Cursan 664
1%
Vienne (86) Curzay-sur-Vonne 378
1%
Lot-et-Garonne (47) Cuzorn 849
1%
Dordogne (24) Daglan 541
1%
Gironde (33) Daignac 467
1%
Corrèze (19) Dampniat 701
1%
Corrèze (19) Darazac 142
1%
Corrèze (19) Darnets 315
1%
Lot-et-Garonne (47) Dausse 531
1%
Pyrénées-Atlantiques (64) Denguin 1 771
1%
Vienne (86) Dercé 161
1%
Charente (16) Deviat 133
1%
Vienne (86) Dienné 584
1%
Haute-Vienne (87) Dinsac 255
1%
Pyrénées-Atlantiques (64) Diusse 141
1%
Charente-Maritime (17) Dœuil-sur-le-Mignon 361
1%
Pyrénées-Atlantiques (64) Domezain-Berraute 468
1%
Haute-Vienne (87) Domps 99
1%
Gironde (33) Donnezac 927
1%
Gironde (33) Donzac 119
1%
Landes (40) Donzacq 458
1%
Dordogne (24) Douchapt 346
1%
Pyrénées-Atlantiques (64) Doumy 324
1%
Vienne (86) Doussay 670
1%
Dordogne (24) Douville 459
1%
Deux-Sèvres (79) Doux 221
1%
Charente (16) Douzat 428
1%
Dordogne (24) Douzillac 828
1%
Haute-Vienne (87) Droux 346
1%
Landes (40) Duhort-Bachen 664
1%
Landes (40) Dumes 236
1%
Lot-et-Garonne (47) Durance 280
1%
Dordogne (24) Dussac 417
1%
Charente (16) Échallat 477
1%
Charente-Maritime (17) Échebrune 483
1%
Dordogne (24) Échourgnac 393
1%
Charente-Maritime (17) Écoyeux 1 396
1%
Charente (16) Écuras 550
1%
Charente-Maritime (17) Écurat 451
1%
Charente (16) Édon 268
1%
Charente (16) Empuré 93
1%
Deux-Sèvres (79) Épannes 854
1%
Charente-Maritime (17) Épargnes 902
1%
Charente (16) Épenède 176
1%
Landes (40) Escalans 250
1%
Lot-et-Garonne (47) Escassefort 626
1%
Gironde (33) Escaudes 162
1%
Dordogne (24) Escoire 396
1%
Pyrénées-Atlantiques (64) Escos 237
1%
Pyrénées-Atlantiques (64) Escot 121
1%
Pyrénées-Atlantiques (64) Escout 431
1%
Pyrénées-Atlantiques (64) Eslourenties-Daban 372
1%
Pyrénées-Atlantiques (64) Espéchède 149
1%
Pyrénées-Atlantiques (64) Espès-Undurein 495
1%
Lot-et-Garonne (47) Espiens 359
1%
Gironde (33) Espiet 764
1%
Pyrénées-Atlantiques (64) Espoey 1 195
1%
Pyrénées-Atlantiques (64) Esquiule 534
1%
Charente-Maritime (17) Essouvert 1 045
1%
Pyrénées-Atlantiques (64) Estérençuby 313
1%
Landes (40) Estibeaux 699
1%
Landes (40) Estigarde 100
1%
Lot-et-Garonne (47) Estillac 2 324
1%
Corrèze (19) Estivals 134
1%
Corrèze (19) Estivaux 407
1%
Pyrénées-Atlantiques (64) Estos 492
1%
Gironde (33) Étauliers 1 534
1%
Pyrénées-Atlantiques (64) Etcharry 156
1%
Dordogne (24) Étouars 163
1%
Charente (16) Étriac 198
1%
Pyrénées-Atlantiques (64) Etsaut 52
1%
Deux-Sèvres (79) Exireuil 1 567
1%
Haute-Vienne (87) Eybouleuf 471
1%
Corrèze (19) Eygurande 690
1%
Dordogne (24) Eygurande-et-Gardedeuil 410
1%
Charente (16) Eymouthiers 317
1%
Gironde (33) Eyrans 753
1%
Corrèze (19) Eyrein 505
1%
Landes (40) Eyres-Moncube 350
1%
Pyrénées-Atlantiques (64) Eysus 626
1%
Dordogne (24) Eyzerac 553
1%
Gironde (33) Faleyras 426
1%
Lot-et-Garonne (47) Fals 404
1%
Dordogne (24) Fanlac 140
1%
Lot-et-Garonne (47) Fauguerolles 815
1%
Lot-et-Garonne (47) Fauillet 859
1%
Dordogne (24) Faurilles 35
1%
Corrèze (19) Favars 1 122
1%
Deux-Sèvres (79) Fénery 285
1%
Charente-Maritime (17) Fenioux 165
1%
Deux-Sèvres (79) Fenioux 638
1%
Charente-Maritime (17) Ferrières 1 345
1%
Lot-et-Garonne (47) Feugarolles 1 010
1%
Charente (16) Feuillade 293
1%
Dordogne (24) Firbeix 305
1%
Dordogne (24) Fleurac 309
1%
Charente (16) Fleurac 240
1%
Vienne (86) Fleuré 1 079
1%
Dordogne (24) Florimont-Gaumier 156
1%
Haute-Vienne (87) Folles 447
1%
Dordogne (24) Fonroque 331
1%
Charente-Maritime (17) Fontcouverte 2 306
1%
Charente-Maritime (17) Fontenet 392
1%
Gironde (33) Fontet 758
1%
Deux-Sèvres (79) Fors 1 844
1%
Dordogne (24) Fossemagne 548
1%
Gironde (33) Fossès-et-Baleyssac 226
1%
Lot-et-Garonne (47) Foulayronnes 5 484
1%
Charente (16) Fouquebrune 719
1%
Charente (16) Fouqueure 434
1%
Lot-et-Garonne (47) Fourques-sur-Garonne 1 322
1%
Gironde (33) Fours 271
1%
Charente (16) Foussignac 651
1%
Dordogne (24) Fraisse 175
1%
Deux-Sèvres (79) François 953
1%
Gironde (33) Francs 182
1%
Haute-Vienne (87) Fromental 512
1%
Gironde (33) Frontenac 767
1%
Creuse (23) Fursac 1 437
1%
Pyrénées-Atlantiques (64) Gabaston 667
1%
Pyrénées-Atlantiques (64) Gabat 278
1%
Dordogne (24) Gabillou 95
1%
Gironde (33) Gaillan-en-Médoc 2 365
1%
Landes (40) Gaillères 640
1%
Gironde (33) Gajac 371
1%
Haute-Vienne (87) Gajoubert 146
1%
Landes (40) Gamarde-les-Bains 1 518
1%
Pyrénées-Atlantiques (64) Gamarthe 128
1%
Gironde (33) Gans 197
1%
Charente (16) Garat 2 118
1%
Dordogne (24) Gardonne 1 590
1%
Pyrénées-Atlantiques (64) Garindein 472
1%
Pyrénées-Atlantiques (64) Garos 264
1%
Landes (40) Garrey 216
1%
Pyrénées-Atlantiques (64) Garris 305
1%
Dordogne (24) Gaugeac 107
1%
Lot-et-Garonne (47) Gaujac 242
1%
Landes (40) Gaujacq 434
1%
Gironde (33) Gauriac 714
1%
Gironde (33) Gauriaguet 1 478
1%
Lot-et-Garonne (47) Gavaudun 298
1%
Landes (40) Geloux 699
1%
Charente (16) Genac-Bignac 986
1%
Gironde (33) Générac 548
1%
Gironde (33) Génissac 2 007
1%
Deux-Sèvres (79) Genneton 309
1%
Creuse (23) Genouillac 727
1%
Charente (16) Genté 895
1%
Pyrénées-Atlantiques (64) Gère-Bélesten 182
1%
Charente-Maritime (17) Germignac 641
1%
Deux-Sèvres (79) Germond-Rouvre 1 193
1%
Pyrénées-Atlantiques (64) Géronce 485
1%
Charente-Maritime (17) Gibourne 103
1%
Landes (40) Gibret 99
1%
Charente (16) Gimeux 711
1%
Dordogne (24) Ginestet 746
1%
Gironde (33) Giscos 183
1%
Vienne (86) Gizay 363
1%
Haute-Vienne (87) Glandon 798
1%
Haute-Vienne (87) Glanges 504
1%
Pyrénées-Atlantiques (64) Gomer 301
1%
Lot-et-Garonne (47) Gontaud-de-Nogaret 1 625
1%
Landes (40) Goos 530
1%
Gironde (33) Gornac 439
1%
Pyrénées-Atlantiques (64) Gotein-Libarrenx 474
1%
Vienne (86) Gouex 467
1%
Corrèze (19) Goulles 330
1%
Landes (40) Gourbera 359
1%
Deux-Sèvres (79) Gourgé 915
1%
Gironde (33) Gours 544
1%
Landes (40) Gousse 282
1%
Dordogne (24) Gout-Rossignol 365
1%
Landes (40) Gouts 273
1%
Dordogne (24) Grand-Brassac 538
1%
Charente-Maritime (17) Grandjean 312
1%
Deux-Sèvres (79) Granzay-Gript 905
1%
Charente (16) Grassac 303
1%
Lot-et-Garonne (47) Grateloup-Saint-Gayrand 455
1%
Charente-Maritime (17) Grézac 944
1%
Gironde (33) Grézillac 684
1%
Dordogne (24) Grives 107
1%
Dordogne (24) Groléjac 664
1%
Corrèze (19) Gros-Chastang 187
1%
Dordogne (24) Grun-Bordas 244
1%
Lot-et-Garonne (47) Guérin 249
1%
Vienne (86) Guesnes 226
1%
Gironde (33) Guillac 165
1%
Gironde (33) Guillos 454
1%
Charente (16) Guimps 491
1%
Pyrénées-Atlantiques (64) Guinarthe-Parenties 224
1%
Charente-Maritime (17) Guitinières 485
1%
Gironde (33) Guîtres 1 622
1%
Charente (16) Gurat 183
1%
Pyrénées-Atlantiques (64) Gurmençon 887
1%
Pyrénées-Atlantiques (64) Hagetaubin 573
1%
Charente-Maritime (17) Haimps 453
1%
Vienne (86) Haims 231
1%
Pyrénées-Atlantiques (64) Halsou 621
1%
Landes (40) Hauriet 276
1%
Corrèze (19) Hautefage 318
1%
Lot-et-Garonne (47) Hautefage-la-Tour 1 022
1%
Dordogne (24) Hautefaye 134
1%
Gironde (33) Haux 837
1%
Pyrénées-Atlantiques (64) Haux 84
1%
Pyrénées-Atlantiques (64) Hélette 749
1%
Landes (40) Herré 140
1%
Landes (40) Heugas 1 375
1%
Charente (16) Hiesse 238
1%
Landes (40) Hontanx 613
1%
Landes (40) Horsarrieu 695
1%
Pyrénées-Atlantiques (64) Hosta 99
1%
Lot-et-Garonne (47) Houeillès 546
1%
Pyrénées-Atlantiques (64) Hours 230
1%
Gironde (33) Hure 559
1%
Pyrénées-Atlantiques (64) Idaux-Mendy 276
1%
Pyrénées-Atlantiques (64) Igon 973
1%
Pyrénées-Atlantiques (64) Iholdy 539
1%
Pyrénées-Atlantiques (64) Ilharre 147
1%
Gironde (33) Illats 1 387
1%
Pyrénées-Atlantiques (64) Ispoure 675
1%
Pyrénées-Atlantiques (64) Issor 239
1%
Pyrénées-Atlantiques (64) Isturits 536
1%
Pyrénées-Atlantiques (64) Izeste 438
1%
Haute-Vienne (87) Jabreilles-les-Bordes 237
1%
Haute-Vienne (87) Janailhac 526
1%
Vienne (86) Jardres 1 260
1%
Creuse (23) Jarnages 456
1%
Dordogne (24) Jaure 176
1%
Charente (16) Javrezac 575
1%
Pyrénées-Atlantiques (64) Jaxu 206
1%
Dordogne (24) Jayac 185
1%
Vienne (86) Jazeneuil 792
1%
Charente-Maritime (17) Jazennes 547
1%
Haute-Vienne (87) Jouac 181
1%
Vienne (86) Jouhet 518
1%
Haute-Vienne (87) Jourgnac 1 109
1%
Vienne (86) Journet 370
1%
Dordogne (24) Journiac 467
1%
Vienne (86) Joussé 306
1%
Corrèze (19) Jugeals-Nazareth 954
1%
Charente-Maritime (17) Juicq 310
1%
Charente (16) Julienne 520
1%
Dordogne (24) Jumilhac-le-Grand 1 140
1%
Deux-Sèvres (79) Juscorps 379
1%
Lot-et-Garonne (47) Jusix 96
1%
Pyrénées-Atlantiques (64) Juxue 202
1%
Dordogne (24) La Bachellerie 895
1%
Pyrénées-Atlantiques (64) Labatmale 259
1%
Haute-Vienne (87) La Bazeuge 146
1%
Pyrénées-Atlantiques (64) Labets-Biscay 149
1%
Deux-Sèvres (79) La Boissière-en-Gâtine 230
1%
Deux-Sèvres (79) L’Absie 1 073
1%
Landes (40) Lacajunte 152
1%
Lot-et-Garonne (47) Lacapelle-Biron 406
1%
Pyrénées-Atlantiques (64) Lacarre 178
1%
Dordogne (24) La Cassagne 153
1%
Creuse (23) La Cellette 237
1%
Charente (16) Lachaise 295
1%
Vienne (86) La Chaussée 185
1%
Charente-Maritime (17) La Clisse 729
1%
Charente-Maritime (17) La Clotte 713
1%
Pyrénées-Atlantiques (64) Lacommande 178
1%
Landes (40) Lacquy 287
1%
Landes (40) Lacrabe 285
1%
Dordogne (24) Lacropte 689
1%
Charente-Maritime (17) La Devise 1 194
1%
Charente (16) Ladiville 124
1%
Dordogne (24) La Dornac 401
1%
Dordogne (24) La Douze 1 155
1%
Corrèze (19) Lafage-sur-Sombre 134
1%
Lot-et-Garonne (47) Lafitte-sur-Lot 809
1%
Lot-et-Garonne (47) Lafox 1 090
1%
Deux-Sèvres (79) La Foye-Monjault 843
1%
Charente-Maritime (17) La Genétouze 225
1%
Haute-Vienne (87) La Geneytouse 984
1%
Deux-Sèvres (79) Lageon 367
1%
Landes (40) Laglorieuse 579
1%
Gironde (33) Lagorce 1 616
1%
Pyrénées-Atlantiques (64) Lagos 462
1%
Landes (40) Lagrange 194
1%
Corrèze (19) Lagraulière 1 158
1%
Charente-Maritime (17) La Grève-sur-Mignon 559
1%
Vienne (86) La Grimaudière 401
1%
Charente-Maritime (17) La Gripperie-Saint-Symphorien 584
1%
Corrèze (19) Laguenne-sur-Avalouze 1 553
1%
Pyrénées-Atlantiques (64) Laguinge-Restoue 156
1%
Lot-et-Garonne (47) Lagupie 692
1%
Pyrénées-Atlantiques (64) Lahontan 526
1%
Landes (40) Lahosse 289
1%
Pyrénées-Atlantiques (64) Lahourcade 703
1%
Dordogne (24) La Jemaye-Ponteyraud 150
1%
Haute-Vienne (87) La Jonchère-Saint-Maurice 814
1%
Charente-Maritime (17) La Laigne 488
1%
Landes (40) Laluque 1 070
1%
Corrèze (19) Lamazière-Basse 286
1%
Corrèze (19) Lamazière-Haute 67
1%
Haute-Vienne (87) La Meyze 842
1%
Lot-et-Garonne (47) Lamontjoie 570
1%
Dordogne (24) Lamonzie-Montastruc 692
1%
Dordogne (24) Lamonzie-Saint-Martin 2 741
1%
Charente-Maritime (17) Landrais 778
1%
Lot-et-Garonne (47) Lannes 363
1%
Dordogne (24) Lanouaille 948
1%
Dordogne (24) Lanquais 499
1%
Gironde (33) Lansac 674
1%
Pyrénées-Atlantiques (64) Lantabat 278
1%
Corrèze (19) Lanteuil 491
1%
Lot-et-Garonne (47) Laparade 392
1%
Lot-et-Garonne (47) Laperche 141
1%
Deux-Sèvres (79) La Petite-Boissière 633
1%
Deux-Sèvres (79) La Peyratte 1 114
1%
Corrèze (19) Lapleau 373
1%
Lot-et-Garonne (47) Laplume 1 337
1%
Creuse (23) La Pouge 96
1%
Gironde (33) Lapouyade 531
1%
Charente (16) Laprade 250
1%
Vienne (86) La Puye 601
1%
Landes (40) Larbey 242
1%
Lot-et-Garonne (47) La Réunion 506
1%
Deux-Sèvres (79) Largeasse 740
1%
Dordogne (24) La Rochebeaucourt-et-Argentine 331
1%
Deux-Sèvres (79) La Rochénard 531
1%
Pyrénées-Atlantiques (64) Laroin 1 061
1%
Charente-Maritime (17) La Ronde 1 015
1%
Gironde (33) La Roquille 312
1%
Gironde (33) Lartigue 40
1%
Gironde (33) Laruscade 2 814
1%
Dordogne (24) Larzac 150
1%
Lot-et-Garonne (47) La Sauvetat-de-Savères 496
1%
Lot-et-Garonne (47) La Sauvetat-du-Dropt 562
1%
Lot-et-Garonne (47) La Sauvetat-sur-Lède 633
1%
Lot-et-Garonne (47) Lasserre 96
1%
Pyrénées-Atlantiques (64) Lasserre 113
1%
Pyrénées-Atlantiques (64) Lasseube 1 741
1%
Pyrénées-Atlantiques (64) Lasseubetat 202
1%
Vienne (86) Latillé 1 471
1%
Landes (40) Latrille 167
1%
Vienne (86) La Trimouille 860
1%
Corrèze (19) Latronche 120
1%
Lot-et-Garonne (47) Laugnac 708
1%
Landes (40) Laurède 368
1%
Landes (40) Lauret 80
1%
Vienne (86) Lauthiers 68
1%
Lot-et-Garonne (47) Lavardac 2 287
1%
Dordogne (24) Lavaur 76
1%
Creuse (23) Lavaveix-les-Mines 639
1%
Lot-et-Garonne (47) Lavergne 559
1%
Haute-Vienne (87) Lavignac 164
1%
Vienne (86) Lavoux 1 181
1%
Charente (16) Le Bouchage 178
1%
Dordogne (24) Le Bourdeix 234
1%
Deux-Sèvres (79) Le Bourdet 569
1%
Deux-Sèvres (79) Le Busseau 733
1%
Haute-Vienne (87) Le Chalard 305
1%
Corrèze (19) Le Chastang 347
1%
Haute-Vienne (87) Le Châtenet-en-Dognon 392
1%
Deux-Sèvres (79) Le Chillou 163
1%
Pyrénées-Atlantiques (64) Ledeuix 1 027
1%
Charente-Maritime (17) Le Douhet 703
1%
Pyrénées-Atlantiques (64) Lées-Athas 237
1%
Gironde (33) Le Fieu 497
1%
Charente-Maritime (17) Le Fouilloux 765
1%
Landes (40) Le Frêche 410
1%
Charente-Maritime (17) Le Gicq 118
1%
Corrèze (19) L'Église-aux-Bois 52
1%
Dordogne (24) Léguillac-de-l'Auche 981
1%
Charente-Maritime (17) L’Éguille 898
1%
Vienne (86) Leigné-les-Bois 583
1%
Vienne (86) Leignes-sur-Fontaine 645
1%
Vienne (86) Leigné-sur-Usseau 456
1%
Landes (40) Le Leuy 228
1%
Charente (16) Le Lindois 339
1%
Corrèze (19) Le Lonzac 818
1%
Dordogne (24) Lembras 1 243
1%
Pyrénées-Atlantiques (64) Lème 168
1%
Creuse (23) Le Monteil-au-Vicomte 215
1%
Dordogne (24) Lempzours 133
1%
Charente-Maritime (17) Le Mung 309
1%
Landes (40) Lencouacq 375
1%
Gironde (33) Le Nizan 507
1%
Gironde (33) Léogeats 858
1%
Charente-Maritime (17) Léoville 302
1%
Corrèze (19) Le Pescher 335
1%
Dordogne (24) Le Pizou 1 383
1%
Gironde (33) Le Pout 619
1%
Pyrénées-Atlantiques (64) Léren 213
1%
Charente (16) Les Adjots 529
1%
Haute-Vienne (87) Les Billanges 293
1%
Gironde (33) Les Billaux 1 165
1%
Charente-Maritime (17) Les Éduts 58
1%
Gironde (33) Les Églisottes-et-Chalaures 2 147
1%
Charente-Maritime (17) Les Essards 725
1%
Charente (16) Les Essards 181
1%
Charente-Maritime (17) Le Seure 267
1%
Dordogne (24) Les Farges 304
1%
Deux-Sèvres (79) Les Fosses 430
1%
Charente-Maritime (17) Les Gonds 1 789
1%
Landes (40) Lesgor 428
1%
Charente (16) Les Gours 99
1%
Charente (16) Lésignac-Durand 171
1%
Vienne (86) Lésigny 521
1%
Dordogne (24) Les Lèches 377
1%
Gironde (33) Les Lèves-et-Thoumeyragues 558
1%
Charente (16) Les Métairies 719
1%
Charente-Maritime (17) Les Nouillers 727
1%
Gironde (33) Les Peintures 1 646
1%
Charente (16) Lessac 519
1%
Charente (16) Lesterps 441
1%
Gironde (33) Lestiac-sur-Garonne 584
1%
Charente-Maritime (17) Les Touches-de-Périgny 544
1%
Deux-Sèvres (79) Le Tallud 1 980
1%
Charente (16) Le Tâtre 423
1%
Gironde (33) Le Tuzan 259
1%
Vienne (86) Leugny 370
1%
Deux-Sèvres (79) Le Vanneau-Irleau 863
1%
Vienne (86) Le Vigeant 661
1%
Lot-et-Garonne (47) Lévignac-de-Guyenne 681
1%
Landes (40) Lévignacq 328
1%
Landes (40) Le Vignau 493
1%
Deux-Sèvres (79) Lezay 2 003
1%
Pyrénées-Atlantiques (64) L’Hôpital-d’Orion 130
1%
Pyrénées-Atlantiques (64) L’Hôpital-Saint-Blaise 57
1%
Pyrénées-Atlantiques (64) Lichos 138
1%
Pyrénées-Atlantiques (64) Licq-Athérey 197
1%
Corrèze (19) Liginiac 654
1%
Vienne (86) Liglet 305
1%
Gironde (33) Lignan-de-Bazas 415
1%
Gironde (33) Lignan-de-Bordeaux 836
1%
Charente (16) Ligné 152
1%
Corrèze (19) Ligneyrac 297
1%
Charente (16) Lignières-Ambleville 705
1%
Deux-Sèvres (79) Limalonges 838
1%
Pyrénées-Atlantiques (64) Limendous 723
1%
Dordogne (24) Limeuil 335
1%
Dordogne (24) Limeyrat 434
1%
Creuse (23) Linard-Malval 208
1%
Haute-Vienne (87) Linards 1 011
1%
Charente (16) Linars 2 096
1%
Vienne (86) Linazay 218
1%
Vienne (86) Liniers 582
1%
Dordogne (24) Liorac-sur-Louyre 260
1%
Corrèze (19) Lissac-sur-Couze 670
1%
Pyrénées-Atlantiques (64) Livron 370
1%
Vienne (86) Lizant 370
1%
Dordogne (24) Lolme 191
1%
Charente-Maritime (17) Longèves 1 058
1%
Charente (16) Longré 188
1%
Lot-et-Garonne (47) Longueville 373
1%
Charente-Maritime (17) Lonzac 269
1%
Deux-Sèvres (79) Loretz-d’Argenton 2 599
1%
Charente-Maritime (17) Lorignac 509
1%
Dordogne (24) Loubejac 258
1%
Pyrénées-Atlantiques (64) Loubieng 496
1%
Gironde (33) Louchats 711
1%
Landes (40) Louer 326
1%
Lot-et-Garonne (47) Lougratte 418
1%
Corrèze (19) Louignac 242
1%
Deux-Sèvres (79) Louin 682
1%
Charente-Maritime (17) Loulay 757
1%
Gironde (33) Loupes 916
1%
Pyrénées-Atlantiques (64) Lourenties 408
1%
Landes (40) Lourquen 182
1%
Pyrénées-Atlantiques (64) Louvie-Juzon 1 063
1%
Pyrénées-Atlantiques (64) Louvie-Soubiron 127
1%
Deux-Sèvres (79) Louzy 1 294
1%
Charente-Maritime (17) Lozay 144
1%
Landes (40) Lubbon 82
1%
Landes (40) Lucbardez-et-Bargues 570
1%
Pyrénées-Atlantiques (64) Lucgarier 257
1%
Vienne (86) Luchapt 249
1%
Charente-Maritime (17) Luchat 521
1%
Deux-Sèvres (79) Luché-sur-Brioux 124
1%
Deux-Sèvres (79) Luché-sur-Thouarsais 531
1%
Gironde (33) Lucmau 245
1%
Pyrénées-Atlantiques (64) Lucq-de-Béarn 924
1%
Gironde (33) Lugaignac 454
1%
Landes (40) Luglon 377
1%
Gironde (33) Lugon-et-l’Île-du-Carnay 1 386
1%
Dordogne (24) Lunas 432
1%
Pyrénées-Atlantiques (64) Lurbe-Saint-Christau 201
1%
Dordogne (24) Lusignac 162
1%
Landes (40) Lussagnet 75
1%
Pyrénées-Atlantiques (64) Lussagnet-Lusson 182
1%
Charente-Maritime (17) Lussant 1 025
1%
Dordogne (24) Lussas-et-Nontronneau 287
1%
Creuse (23) Lussat 401
1%
Deux-Sèvres (79) Luzay 629
1%
Pyrénées-Atlantiques (64) Lys 323
1%
Pyrénées-Atlantiques (64) Macaye 598
1%
Gironde (33) Madirac 298
1%
Corrèze (19) Madranges 176
1%
Creuse (23) Magnat-l’Étrange 245
1%
Haute-Vienne (87) Mailhac-sur-Benaize 268
1%
Landes (40) Maillas 126
1%
Landes (40) Maillères 231
1%
Charente (16) Maine-de-Boixe 479
1%
Charente (16) Mainxe-Gondeville 1 174
1%
Vienne (86) Mairé 173
1%
Deux-Sèvres (79) Mairé-Levescault 541
1%
Haute-Vienne (87) Maisonnais-sur-Tardoire 381
1%
Deux-Sèvres (79) Maisonnay 254
1%
Vienne (86) Maisonneuve 319
1%
Charente (16) Manot 541
1%
Corrèze (19) Mansac 1 511
1%
Dordogne (24) Manzac-sur-Vern 547
1%
Gironde (33) Maransin 1 040
1%
Vienne (86) Marçay 1 155
1%
Lot-et-Garonne (47) Marcellus 866
1%
Gironde (33) Marcenais 836
1%
Corrèze (19) Margerides 296
1%
Charente (16) Marillac-le-Franc 823
1%
Dordogne (24) Marnac 181
1%
Vienne (86) Marnay 714
1%
Deux-Sèvres (79) Marnes 221
1%
Landes (40) Marpaps 138
1%
Dordogne (24) Marquay 586
1%
Charente-Maritime (17) Marsais 930
1%
Dordogne (24) Marsalès 227
1%
Gironde (33) Marsas 1 226
1%
Vienne (86) Martaizé 365
1%
Charente (16) Marthon 551
1%
Gironde (33) Martres 100
1%
Haute-Vienne (87) Marval 488
1%
Pyrénées-Atlantiques (64) Maslacq 884
1%
Haute-Vienne (87) Masléon 282
1%
Pyrénées-Atlantiques (64) Masparraute 261
1%
Charente-Maritime (17) Massac 183
1%
Charente (16) Massignac 378
1%
Vienne (86) Massognes 269
1%
Pyrénées-Atlantiques (64) Maucor 570
1%
Vienne (86) Maulay 179
1%
Vienne (86) Mauprévoir 573
1%
Landes (40) Mauries 85
1%
Corrèze (19) Maussac 440
1%
Landes (40) Mauvezin-d'Armagnac 92
1%
Lot-et-Garonne (47) Mauvezin-sur-Gupie 610
1%
Dordogne (24) Mauzac-et-Grand-Castang 873
1%
Dordogne (24) Mauzens-et-Miremont 286
1%
Dordogne (24) Mayac 330
1%
Landes (40) Maylis 308
1%
Charente-Maritime (17) Mazeray 989
1%
Vienne (86) Mazeuil 251
1%
Dordogne (24) Mazeyrolles 304
1%
Deux-Sèvres (79) Mazières-en-Gâtine 1 030
1%
Lot-et-Garonne (47) Mazières-Naresse 102
1%
Gironde (33) Mazion 553
1%
Charente (16) Médillac 153
1%
Pyrénées-Atlantiques (64) Méharin 282
1%
Haute-Vienne (87) Meilhac 522
1%
Corrèze (19) Meilhards 538
1%
Pyrénées-Atlantiques (64) Meillon 943
1%
Deux-Sèvres (79) Melleran 480
1%
Pyrénées-Atlantiques (64) Mendionde 844
1%
Pyrénées-Atlantiques (64) Menditte 206
1%
Pyrénées-Atlantiques (64) Mendive 153
1%
Dordogne (24) Ménesplet 1 887
1%
Deux-Sèvres (79) Ménigoute 865
1%
Dordogne (24) Mensignac 1 520
1%
Corrèze (19) Mercœur 237
1%
Creuse (23) Mérinchal 667
1%
Pyrénées-Atlantiques (64) Méritein 277
1%
Corrèze (19) Merlines 712
1%
Charente (16) Merpins 1 086
1%
Charente (16) Mesnac 409
1%
Charente-Maritime (17) Messac 105
1%
Deux-Sèvres (79) Messé 202
1%
Vienne (86) Messemé 240
1%
Corrèze (19) Mestes 344
1%
Charente-Maritime (17) Meursac 1 532
1%
Charente-Maritime (17) Meux 331
1%
Haute-Vienne (87) Meuzac 727
1%
Dordogne (24) Meyrals 693
1%
Corrèze (19) Meyrignac-l'Église 62
1%
Corrèze (19) Meyssac 1 262
1%
Dordogne (24) Mialet 633
1%
Charente-Maritime (17) Migré 360
1%
Charente-Maritime (17) Migron 706
1%
Dordogne (24) Milhac-de-Nontron 495
1%
Vienne (86) Millac 495
1%
Landes (40) Mimbaste 982
1%
Dordogne (24) Minzac 486
1%
Pyrénées-Atlantiques (64) Mirepeix 1 251
1%
Landes (40) Misson 832
1%
Lot-et-Garonne (47) Moirax 1 193
1%
Haute-Vienne (87) Moissannes 328
1%
Dordogne (24) Molières 344
1%
Pyrénées-Atlantiques (64) Momas 619
1%
Landes (40) Momuy 478
1%
Pyrénées-Atlantiques (64) Momy 112
1%
Pyrénées-Atlantiques (64) Moncayolle-Larrory-Mendibieu 295
1%
Corrèze (19) Monceaux-sur-Dordogne 631
1%
Pyrénées-Atlantiques (64) Moncla 79
1%
Lot-et-Garonne (47) Monclar 894
1%
Vienne (86) Moncontour 987
1%
Lot-et-Garonne (47) Moncrabeau 737
1%
Vienne (86) Mondion 116
1%
Dordogne (24) Monestier 409
1%
Corrèze (19) Monestier-Merlines 282
1%
Corrèze (19) Monestier-Port-Dieu 122
1%
Dordogne (24) Monfaucon 288
1%
Gironde (33) Mongauzy 645
1%
Landes (40) Monget 79
1%
Dordogne (24) Monsac 183
1%
Dordogne (24) Monsaguel 139
1%
Lot-et-Garonne (47) Monsempron-Libos 2 079
1%
Dordogne (24) Montagrier 501
1%
Corrèze (19) Montaignac-sur-Doustre 636
1%
Pyrénées-Atlantiques (64) Montaner 425
1%
Lot-et-Garonne (47) Montastruc 238
1%
Lot-et-Garonne (47) Montayral 2 668
1%
Charente (16) Montboyer 318
1%
Dordogne (24) Montcaret 1 429
1%
Landes (40) Montégut 77
1%
Charente (16) Montembœuf 656
1%
Lot-et-Garonne (47) Monteton 325
1%
Landes (40) Montgaillard 601
1%
Lot-et-Garonne (47) Montgaillard-en-Albret 169
1%
Corrèze (19) Montgibaud 244
1%
Vienne (86) Monthoiron 673
1%
Charente-Maritime (17) Montils 875
1%
Charente (16) Montjean 246
1%
Charente-Maritime (17) Montlieu-la-Garde 1 211
1%
Pyrénées-Atlantiques (64) Montory 309
1%
Charente-Maritime (17) Montpellier-de-Médillan 687
1%
Lot-et-Garonne (47) Montpouillan 827
1%
Deux-Sèvres (79) Montravers 366
1%
Dordogne (24) Montrem 1 194
1%
Charente (16) Montrollet 328
1%
Charente-Maritime (17) Montroy 918
1%
Landes (40) Montsoué 563
1%
Charente-Maritime (17) Moragne 540
1%
Landes (40) Morganx 171
1%
Pyrénées-Atlantiques (64) Morlanne 612
1%
Charente-Maritime (17) Mortiers 168
1%
Vienne (86) Morton 358
1%
Charente-Maritime (17) Mosnac 483
1%
Charente (16) Mosnac-Saint-Simeux 985
1%
Dordogne (24) Mouleydier 1 150
1%
Charente (16) Moulidars 686
1%
Vienne (86) Moulismes 364
1%
Gironde (33) Moulon 1 022
1%
Pyrénées-Atlantiques (64) Moumour 822
1%
Gironde (33) Mourens 386
1%
Creuse (23) Mourioux-Vieilleville 521
1%
Landes (40) Mouscardès 269
1%
Vienne (86) Moussac 431
1%
Landes (40) Moustey 712
1%
Lot-et-Garonne (47) Moustier 317
1%
Corrèze (19) Moustier-Ventadour 440
1%
Vienne (86) Mouterre-Silly 640
1%
Vienne (86) Mouterre-sur-Blourde 164
1%
Charente (16) Mouthiers-sur-Boëme 2 359
1%
Charente-Maritime (17) Muron 1 359
1%
Pyrénées-Atlantiques (64) Musculdy 229
1%
Dordogne (24) Nabirat 359
1%
Dordogne (24) Nadaillac 379
1%
Dordogne (24) Nailhac 293
1%
Vienne (86) Nalliers 304
1%
Charente (16) Nanclars 210
1%
Charente-Maritime (17) Nancras 795
1%
Dordogne (24) Nantheuil 978
1%
Dordogne (24) Nanthiat 235
1%
Charente-Maritime (17) Nantillé 328
1%
Pyrénées-Atlantiques (64) Narcastet 759
1%
Pyrénées-Atlantiques (64) Narp 119
1%
Landes (40) Nassiet 322
1%
Gironde (33) Naujan-et-Postiac 626
1%
Dordogne (24) Naussannes 246
1%
Pyrénées-Atlantiques (64) Navailles-Angos 1 536
1%
Gironde (33) Néac 330
1%
Haute-Vienne (87) Nedde 453
1%
Dordogne (24) Négrondes 787
1%
Landes (40) Nerbis 266
1%
Charente (16) Nercillac 1 038
1%
Charente-Maritime (17) Néré 663
1%
Gironde (33) Nérigean 842
1%
Vienne (86) Nérignac 123
1%
Charente (16) Nersac 2 289
1%
Corrèze (19) Nespouls 639
1%
Charente-Maritime (17) Neuillac 303
1%
Charente-Maritime (17) Neulles 158
1%
Charente-Maritime (17) Neuvicq 439
1%
Charente-Maritime (17) Neuvicq-le-Château 327
1%
Deux-Sèvres (79) Neuvy-Bouin 484
1%
Lot-et-Garonne (47) Nicole 231
1%
Charente-Maritime (17) Nieulle-sur-Seudre 1 222
1%
Corrèze (19) Noailhac 352
1%
Gironde (33) Noaillan 1 662
1%
Corrèze (19) Noailles 937
1%
Charente (16) Nonac 251
1%
Corrèze (19) Nonards 464
1%
Creuse (23) Noth 492
1%
Landes (40) Nousse 246
1%
Landes (40) Oeyregave 310
1%
Gironde (33) Omet 299
1%
Landes (40) Onard 370
1%
Vienne (86) Orches 356
1%
Pyrénées-Atlantiques (64) Ordiarp 549
1%
Gironde (33) Ordonnac 489
1%
Pyrénées-Atlantiques (64) Orègue 503
1%
Corrèze (19) Orgnac-sur-Vézère 320
1%
Gironde (33) Origne 189
1%
Charente-Maritime (17) Orignolles 703
1%
Pyrénées-Atlantiques (64) Orin 264
1%
Charente (16) Oriolles 247
1%
Pyrénées-Atlantiques (64) Orion 150
1%
Landes (40) Orist 764
1%
Charente (16) Orival 151
1%
Dordogne (24) Orliac 47
1%
Corrèze (19) Orliac-de-Bar 259
1%
Landes (40) Orthevielle 1 040
1%
Landes (40) Ossages 495
1%
Pyrénées-Atlantiques (64) Ossas-Suhare 87
1%
Pyrénées-Atlantiques (64) Osserain-Rivareyte 221
1%
Pyrénées-Atlantiques (64) Ossès 857
1%
Pyrénées-Atlantiques (64) Ostabat-Asme 214
1%
Pyrénées-Atlantiques (64) Ouillon 549
1%
Vienne (86) Ouzilly 954
1%
Vienne (86) Oyré 960
1%
Charente-Maritime (17) Ozillac 612
1%
Landes (40) Ozourt 196
1%
Haute-Vienne (87) Pageas 618
1%
Pyrénées-Atlantiques (64) Pagolle 256
1%
Gironde (33) Paillet 1 207
1%
Deux-Sèvres (79) Paizay-le-Chapt 254
1%
Vienne (86) Paizay-le-Sec 466
1%
Charente (16) Paizay-Naudouin-Embourie 361
1%
Corrèze (19) Palazinges 171
1%
Corrèze (19) Palisse 220
1%
Charente (16) Palluaud 216
1%
Deux-Sèvres (79) Pamplie 262
1%
Corrèze (19) Pandrignes 163
1%
Dordogne (24) Parcoul-Chenaud 800
1%
Pyrénées-Atlantiques (64) Pardies 912
1%
Pyrénées-Atlantiques (64) Pardies-Piétat 459
1%
Landes (40) Parleboscq 471
1%
Creuse (23) Parsac 823
1%
Charente (16) Parzac 139
1%
Charente (16) Passirac 247
1%
Lot-et-Garonne (47) Paulhiac 307
1%
Dordogne (24) Paulin 248
1%
Landes (40) Payros-Cazautets 106
1%
Dordogne (24) Payzac 971
1%
Dordogne (24) Pazayac 827
1%
Dordogne (24) Pechs-de-l'Espérance 772
1%
Landes (40) Pécorade 136
1%
Gironde (33) Pellegrue 900
1%
Haute-Vienne (87) Pensol 173
1%
Corrèze (19) Péret-Bel-Air 86
1%
Deux-Sèvres (79) Périgné 976
1%
Gironde (33) Périssac 1 186
1%
Corrèze (19) Pérols-sur-Vézère 196
1%
Corrèze (19) Perpezac-le-Blanc 442
1%
Corrèze (19) Perpezac-le-Noir 1 239
1%
Landes (40) Perquie 341
1%
Vienne (86) Persac 719
1%
Charente-Maritime (17) Pessines 785
1%
Gironde (33) Peujard 2 167
1%
Corrèze (19) Peyrelevade 828
1%
Pyrénées-Atlantiques (64) Peyrelongue-Abos 153
1%
Dordogne (24) Peyrignac 581
1%
Corrèze (19) Peyrissac 117
1%
Dordogne (24) Peyzac-le-Moustier 197
1%
Dordogne (24) Pezuls 123
1%
Landes (40) Philondenx 193
1%
Dordogne (24) Piégut-Pluviers 1 183
1%
Charente (16) Pillac 263
1%
Landes (40) Pimbo 201
1%
Vienne (86) Pindray 243
1%
Lot-et-Garonne (47) Pinel-Hauterive 567
1%
Charente-Maritime (17) Pisany 790
1%
Charente-Maritime (17) Plassay 788
1%
Dordogne (24) Plazac 703
1%
Gironde (33) Pleine-Selve 218
1%
Vienne (86) Pleumartin 1 204
1%
Charente (16) Pleuville 318
1%
Charente-Maritime (17) Polignac 160
1%
Charente-Maritime (17) Pommiers-Moulons 214
1%
Deux-Sèvres (79) Pompaire 2 032
1%
Gironde (33) Pompéjac 270
1%
Lot-et-Garonne (47) Pompogne 196
1%
Dordogne (24) Pomport 732
1%
Gironde (33) Pondaurat 458
1%
Pyrénées-Atlantiques (64) Ponson-Debat-Pouts 98
1%
Pyrénées-Atlantiques (64) Ponson-Dessus 261
1%
Creuse (23) Pontarion 362
1%
Dordogne (24) Pontours 201
1%
Gironde (33) Porchères 864
1%
Vienne (86) Pouançay 233
1%
Vienne (86) Pouant 413
1%
Lot-et-Garonne (47) Poudenas 203
1%
Landes (40) Poudenx 220
1%
Deux-Sèvres (79) Pougne-Hérisson 366
1%
Charente-Maritime (17) Pouillac 277
1%
Vienne (86) Pouillé 723
1%
Charente (16) Poullignac 100
1%
Landes (40) Pouydesseaux 889
1%
Landes (40) Poyanne 695
1%
Landes (40) Poyartin 773
1%
Charente (16) Pranzac 900
1%
Dordogne (24) Prats-de-Carlux 491
1%
Dordogne (24) Prats-du-Périgord 146
1%
Lot-et-Garonne (47) Prayssas 984
1%
Pyrénées-Atlantiques (64) Préchacq-Josbaig 292
1%
Landes (40) Préchacq-les-Bains 789
1%
Pyrénées-Atlantiques (64) Préchacq-Navarrenx 180
1%
Charente-Maritime (17) Préguillac 431
1%
Charente (16) Pressignac 360
1%
Deux-Sèvres (79) Pressigny 193
1%
Dordogne (24) Preyssac-d'Excideuil 141
1%
Vienne (86) Prinçay 207
1%
Dordogne (24) Proissans 1 071
1%
Lot-et-Garonne (47) Puch-d'Agenais 702
1%
Gironde (33) Pugnac 2 392
1%
Gironde (33) Puisseguin 815
1%
Lot-et-Garonne (47) Puymiclan 692
1%
Lot-et-Garonne (47) Puymirol 905
1%
Gironde (33) Puynormand 308
1%
Landes (40) Puyol-Cazalet 102
1%
Charente-Maritime (17) Puyravault 705
1%
Vienne (86) Queaux 546
1%
Gironde (33) Queyrac 1 346
1%
Dordogne (24) Queyssac 509
1%
Corrèze (19) Queyssac-les-Vignes 229
1%
Vienne (86) Quinçay 2 113
1%
Dordogne (24) Rampieux 140
1%
Haute-Vienne (87) Rancon 479
1%
Vienne (86) Ranton 204
1%
Charente (16) Ranville-Breuillaud 170
1%
Gironde (33) Rauzan 1 249
1%
Pyrénées-Atlantiques (64) Rébénacq 647
1%
Deux-Sèvres (79) Reffannes 386
1%
Landes (40) Renung 500
1%
Charente-Maritime (17) Rétaud 1 058
1%
Landes (40) Retjons 341
1%
Corrèze (19) Reygade 186
1%
Dordogne (24) Ribagnac 323
1%
Landes (40) Rimbez-et-Baudiets 104
1%
Gironde (33) Rions 1 500
1%
Charente-Maritime (17) Rioux 995
1%
Charente (16) Rioux-Martin 224
1%
Gironde (33) Roaillan 1 777
1%
Vienne (86) Roiffé 747
1%
Deux-Sèvres (79) Romans 713
1%
Charente-Maritime (17) Romegoux 606
1%
Charente (16) Ronsenac 571
1%
Pyrénées-Atlantiques (64) Rontignon 862
1%
Gironde (33) Roquebrune 282
1%
Charente (16) Rougnac 402
1%
Charente (16) Roussines 299
1%
Charente (16) Rouzède 235
1%
Haute-Vienne (87) Royères 946
1%
Haute-Vienne (87) Roziers-Saint-Georges 165
1%
Gironde (33) Ruch 562
1%
Dordogne (24) Rudeau-Ladosse 156
1%
Charente-Maritime (17) Sablonceaux 1 404
1%
Gironde (33) Sablons 1 310
1%
Dordogne (24) Sadillac 109
1%
Corrèze (19) Sadroc 989
1%
Corrèze (19) Saillac 205
1%
Gironde (33) Saillans 372
1%
Pyrénées-Atlantiques (64) Saint-Abit 306
1%
Charente (16) Saint-Adjutory 493
1%
Landes (40) Saint-Agnet 184
1%
Gironde (33) Saint-Androny 569
1%
Dordogne (24) Saint-Aquilin 470
1%
Pyrénées-Atlantiques (64) Saint-Armou 627
1%
Corrèze (19) Saint-Aulaire 764
1%
Charente (16) Saint-Aulais-la-Chapelle 226
1%
Dordogne (24) Saint Aulaye-Puymangou 1 414
1%
Haute-Vienne (87) Saint-Auvent 964
1%
Creuse (23) Saint-Bard 96
1%
Pyrénées-Atlantiques (64) Saint-Boès 365
1%
Charente-Maritime (17) Saint-Bris-des-Bois 386
1%
Dordogne (24) Saint-Capraise-de-Lalinde 524
1%
Dordogne (24) Saint-Capraise-d'Eymet 166
1%
Dordogne (24) Saint-Cassien 34
1%
Pyrénées-Atlantiques (64) Saint-Castin 856
1%
Charente-Maritime (17) Saint-Césaire 895
1%
Corrèze (19) Saint-Chamant 492
1%
Dordogne (24) Saint-Chamassy 493
1%
Gironde (33) Saint-Cibard 192
1%
Corrèze (19) Saint-Cirgues-la-Loutre 171
1%
Charente (16) Saint-Coutant 219
1%
Deux-Sèvres (79) Saint-Coutant 282
1%
Charente-Maritime (17) Saint-Coutant-le-Grand 410
1%
Charente-Maritime (17) Saint-Crépin 351
1%
Dordogne (24) Saint-Crépin-d'Auberoche 332
1%
Dordogne (24) Saint-Crépin-et-Carlucet 528
1%
Charente (16) Saint-Cybardeaux 822
1%
Dordogne (24) Saint-Cybranet 363
1%
Charente-Maritime (17) Saint-Dizant-du-Bois 113
1%
Charente-Maritime (17) Saint-Dizant-du-Gua 513
1%
Pyrénées-Atlantiques (64) Saint-Dos 158
1%
Pyrénées-Atlantiques (64) Sainte-Colome 358
1%
Corrèze (19) Sainte-Féréole 2 040
1%
Gironde (33) Sainte-Florence 147
1%
Corrèze (19) Sainte-Fortunade 1 788
1%
Charente-Maritime (17) Sainte-Lheurine 519
1%
Corrèze (19) Saint-Éloy-les-Tuileries 108
1%
Charente-Maritime (17) Sainte-Même 231
1%
Dordogne (24) Sainte-Mondane 287
1%
Dordogne (24) Sainte-Nathalène 638
1%
Deux-Sèvres (79) Sainte-Néomaye 1 334
1%
Dordogne (24) Sainte-Orse 352
1%
Deux-Sèvres (79) Sainte-Ouenne 775
1%
Charente-Maritime (17) Sainte-Ramée 114
1%
Charente (16) Sainte-Sévère 500
1%
Pyrénées-Atlantiques (64) Saint-Esteben 432
1%
Gironde (33) Sainte-Terre 1 897
1%
Dordogne (24) Sainte-Trie 112
1%
Charente-Maritime (17) Saint-Eugène 285
1%
Lot-et-Garonne (47) Saint-Eutrope-de-Born 679
1%
Gironde (33) Saint-Exupéry 170
1%
Corrèze (19) Saint-Exupéry-les-Roches 592
1%
Pyrénées-Atlantiques (64) Saint-Faust 741
1%
Gironde (33) Saint-Ferme 338
1%
Creuse (23) Saint-Fiel 1 061
1%
Charente (16) Saint-Fraigne 432
1%
Corrèze (19) Saint-Fréjoux 263
1%
Charente-Maritime (17) Saint-Froult 382
1%
Vienne (86) Saint-Gaudent 312
1%
Landes (40) Saint-Gein 428
1%
Deux-Sèvres (79) Saint-Gelais 2 183
1%
Deux-Sèvres (79) Saint-Généroux 338
1%
Dordogne (24) Saint-Geniès 902
1%
Corrèze (19) Saint-Geniez-ô-Merle 90
1%
Deux-Sèvres (79) Saint-Germier 250
1%
Dordogne (24) Saint-Géry 247
1%
Dordogne (24) Saint-Geyrac 193
1%
Pyrénées-Atlantiques (64) Saint-Gladie-Arrive-Munein 198
1%
Pyrénées-Atlantiques (64) Saint-Goin 230
1%
Creuse (23) Saint-Goussaud 163
1%
Charente (16) Saint-Groux 132
1%
Corrèze (19) Saint-Jal 607
1%
Dordogne (24) Saint-Jory-de-Chalais 562
1%
Dordogne (24) Saint-Jory-las-Bloux 239
1%
Vienne (86) Saint-Laon 135
1%
Deux-Sèvres (79) Saint-Laurs 612
1%
Vienne (86) Saint-Léomer 171
1%
Deux-Sèvres (79) Saint-Lin 311
1%
Gironde (33) Saint-Loubert 235
1%
Landes (40) Saint-Loubouer 442
1%
Charente-Maritime (17) Saint-Maigrin 532
1%
Charente-Maritime (17) Saint-Mandé-sur-Brédoire 301
1%
Dordogne (24) Saint-Marcory 52
1%
Gironde (33) Saint-Mariens 1 628
1%
Lot-et-Garonne (47) Saint-Maurin 388
1%
Deux-Sèvres (79) Saint-Maxire 1 314
1%
Dordogne (24) Saint-Mayme-de-Péreyrol 284
1%
Charente (16) Saint-Même-les-Carrières 1 024
1%
Dordogne (24) Saint-Mesmin 325
1%
Corrèze (19) Saint-Mexant 1 319
1%
Creuse (23) Saint-Moreil 215
1%
Gironde (33) Saint-Morillon 1 786
1%
Dordogne (24) Saint-Nexans 993
1%
Creuse (23) Saint-Oradoux-de-Chirouze 71
1%
Creuse (23) Saint-Oradoux-près-Crocq 108
1%
Dordogne (24) Saint-Pancrace 154
1%
Landes (40) Saint-Pandelon 709
1%
Dordogne (24) Saint-Pantaly-d'Excideuil 159
1%
Gironde (33) Saint-Pardon-de-Conques 621
1%
Charente-Maritime (17) Saint-Pardoult 219
1%
Lot-et-Garonne (47) Saint-Pastour 374
1%
Dordogne (24) Saint-Perdoux 143
1%
Gironde (33) Saint-Pey-d’Armens 182
1%
Gironde (33) Saint-Pey-de-Castets 596
1%
Deux-Sèvres (79) Saint-Pompain 951
1%
Dordogne (24) Saint-Pompon 353
1%
Charente (16) Saint-Preuil 299
1%
Charente-Maritime (17) Saint-Quantin-de-Rançanne 252
1%
Dordogne (24) Saint-Rabier 583
1%
Charente-Maritime (17) Saint-Rogatien 2 408
1%
Deux-Sèvres (79) Saint-Romans-des-Champs 166
1%
Deux-Sèvres (79) Saint-Romans-lès-Melle 711
1%
Corrèze (19) Saint-Salvadour 303
1%
Dordogne (24) Saint-Saud-Lacoussière 821
1%
Vienne (86) Saint-Secondin 532
1%
Corrèze (19) Saint-Setiers 281
1%
Charente-Maritime (17) Saint-Sigismond-de-Clermont 160
1%
Creuse (23) Saint-Silvain-Bas-le-Roc 411
1%
Creuse (23) Saint-Silvain-Bellegarde 208
1%
Creuse (23) Saint-Silvain-Montaigut 204
1%
Creuse (23) Saint-Silvain-sous-Toulx 147
1%
Lot-et-Garonne (47) Saint-Sixte 360
1%
Corrèze (19) Saint-Solve 453
1%
Charente-Maritime (17) Saint-Sorlin-de-Conac 202
1%
Charente-Maritime (17) Saint-Vaize 644
1%
Charente (16) Saint-Vallier 138
1%
Deux-Sèvres (79) Saint-Varent 2 400
1%
Corrèze (19) Saint-Viance 1 884
1%
Corrèze (19) Saint-Victour 194
1%
Lot-et-Garonne (47) Saint-Vite 1 177
1%
Haute-Vienne (87) Saint-Vitte-sur-Briance 318
1%
Landes (40) Saint-Yaguen 630
1%
Gironde (33) Saint-Yzans-de-Médoc 345
1%
Vienne (86) Saires 124
1%
Deux-Sèvres (79) Saivres 1 343
1%
Vienne (86) Saix 176
1%
Dordogne (24) Salagnac 721
1%
Pyrénées-Atlantiques (64) Sallespisse 578
1%
Landes (40) Samadet 1 131
1%
Lot-et-Garonne (47) Samazan 875
1%
Pyrénées-Atlantiques (64) Sames 705
1%
Vienne (86) Sammarçolles 649
1%
Gironde (33) Samonac 457
1%
Pyrénées-Atlantiques (64) Samsons-Lion 93
1%
Deux-Sèvres (79) Sansais 764
1%
Vienne (86) Sanxay 549
1%
Landes (40) Sarbazan 1 154
1%
Creuse (23) Sardent 757
1%
Dordogne (24) Sarlande 427
1%
Dordogne (24) Sarliac-sur-l'Isle 1 037
1%
Dordogne (24) Sarrazac 360
1%
Landes (40) Sarraziet 248
1%
Landes (40) Sarron 106
1%
Gironde (33) Saugon 499
1%
Vienne (86) Saulgé 996
1%
Charente (16) Saulgond 533
1%
Pyrénées-Atlantiques (64) Sault-de-Navailles 943
1%
Lot-et-Garonne (47) Saumont 250
1%
Deux-Sèvres (79) Saurais 185
1%
Dordogne (24) Saussignac 418
1%
Pyrénées-Atlantiques (64) Sauvelade 268
1%
Gironde (33) Sauviac 327
1%
Haute-Vienne (87) Sauviat-sur-Vige 869
1%
Charente (16) Sauvignac 101
1%
Vienne (86) Savigné 1 284
1%
Dordogne (24) Sceau-Saint-Angel 128
1%
Deux-Sèvres (79) Sciecq 653
1%
Deux-Sèvres (79) Scillé 353
1%
Vienne (86) Scorbé-Clairvaux 2 193
1%
Deux-Sèvres (79) Secondigné-sur-Belle 495
1%
Pyrénées-Atlantiques (64) Sedze-Maubecq 235
1%
Pyrénées-Atlantiques (64) Sedzère 377
1%
Corrèze (19) Ségur-le-Château 201
1%
Charente-Maritime (17) Seigné 85
1%
Deux-Sèvres (79) Séligné 114
1%
Gironde (33) Semens 224
1%
Charente-Maritime (17) Semillac 71
1%
Charente-Maritime (17) Semoussac 391
1%
Gironde (33) Sendets 344
1%
Pyrénées-Atlantiques (64) Sendets 1 148
1%
Deux-Sèvres (79) Sepvret 635
1%
Corrèze (19) Sérandon 345
1%
Lot-et-Garonne (47) Sérignac-Péboudou 175
1%
Lot-et-Garonne (47) Sérignac-sur-Garonne 1 174
1%
Vienne (86) Sérigny 314
1%
Corrèze (19) Sérilhac 273
1%
Landes (40) Serreslous-et-Arribans 189
1%
Charente (16) Sers 900
1%
Pyrénées-Atlantiques (64) Sévignacq 787
1%
Pyrénées-Atlantiques (64) Sévignacq-Meyracq 559
1%
Corrèze (19) Sexcles 231
1%
Lot-et-Garonne (47) Seyches 1 053
1%
Landes (40) Seyresse 1 016
1%
Landes (40) Siest 138
1%
Gironde (33) Sigalens 347
1%
Charente (16) Sigogne 971
1%
Dordogne (24) Sigoulès-et-Flaugeac 1 221
1%
Vienne (86) Sillars 575
1%
Gironde (33) Sillas 120
1%
Dordogne (24) Singleyrac 313
1%
Corrèze (19) Sioniac 227
1%
Dordogne (24) Siorac-de-Ribérac 254
1%
Dordogne (24) Siorac-en-Périgord 1 067
1%
Charente (16) Sireuil 1 167
1%
Vienne (86) Sommières-du-Clain 742
1%
Charente-Maritime (17) Sonnac 495
1%
Landes (40) Sorbets 188
1%
Landes (40) Sorde-l'Abbaye 628
1%
Dordogne (24) Sorges et Ligueux en Périgord 1 612
1%
Corrèze (19) Sornac 764
1%
Landes (40) Sort-en-Chalosse 891
1%
Vienne (86) Sossais 416
1%
Charente-Maritime (17) Soubran 412
1%
Corrèze (19) Soudaine-Lavinadière 144
1%
Dordogne (24) Soudat 97
1%
Gironde (33) Soulignac 417
1%
Charente-Maritime (17) Soulignonne 732
1%
Charente-Maritime (17) Souméras 366
1%
Landes (40) Souprosse 1 128
1%
Corrèze (19) Soursac 514
1%
Dordogne (24) Sourzac 1 118
1%
Gironde (33) Soussac 188
1%
Gironde (33) Soussans 1 692
1%
Charente (16) Souvigné 186
1%
Deux-Sèvres (79) Souvigné 859
1%
Charente (16) Suaux 382
1%
Pyrénées-Atlantiques (64) Suhescun 164
1%
Vienne (86) Surin 130
1%
Deux-Sèvres (79) Surin 664
1%
Pyrénées-Atlantiques (64) Susmiou 355
1%
Haute-Vienne (87) Sussac 355
1%
Gironde (33) Tabanac 1 085
1%
Lot-et-Garonne (47) Taillebourg 62
1%
Charente-Maritime (17) Taillebourg 776
1%
Charente (16) Taizé-Aizie 576
1%
Landes (40) Taller 668
1%
Dordogne (24) Tamniès 399
1%
Charente-Maritime (17) Tanzac 297
1%
Charente (16) Taponnat-Fleurignac 1 464
1%
Corrèze (19) Tarnac 343
1%
Gironde (33) Tarnès 311
1%
Charente-Maritime (17) Taugon 772
1%
Gironde (33) Tauriac 1 318
1%
Gironde (33) Tayac 129
1%
Vienne (86) Tercé 1 134
1%
Landes (40) Tercis-les-Bains 1 307
1%
Vienne (86) Ternay 189
1%
Haute-Vienne (87) Tersannes 130
1%
Charente-Maritime (17) Tesson 1 142
1%
Landes (40) Téthieu 768
1%
Gironde (33) Teuillac 879
1%
Dordogne (24) Teyjat 277
1%
Corrèze (19) Thalamy 103
1%
Deux-Sèvres (79) Thénezay 1 404
1%
Lot-et-Garonne (47) Thézac 207
1%
Charente-Maritime (17) Thézac 332
1%
Pyrénées-Atlantiques (64) Thèze 881
1%
Vienne (86) Thollet 159
1%
Dordogne (24) Thonac 262
1%
Charente-Maritime (17) Thors 465
1%
Haute-Vienne (87) Thouron 563
1%
Vienne (86) Thurageau 759
1%
Vienne (86) Thuré 2 809
1%
Landes (40) Tilh 842
1%
Gironde (33) Tizac-de-Curton 366
1%
Gironde (33) Tizac-de-Lapouyade 473
1%
Dordogne (24) Tocane-Saint-Apre 1 745
1%
Lot-et-Garonne (47) Tombebœuf 454
1%
Charente (16) Torsac 708
1%
Charente-Maritime (17) Torxé 247
1%
Landes (40) Toulouzette 316
1%
Charente (16) Tourriers 772
1%
Deux-Sèvres (79) Tourtenay 126
1%
Dordogne (24) Tourtoirac 636
1%
Charente (16) Touvérac 560
1%
Corrèze (19) Toy-Viam 36
1%
Deux-Sèvres (79) Trayes 119
1%
Dordogne (24) Trémolat 626
1%
Landes (40) Trensacq 270
1%
Lot-et-Garonne (47) Trentels 889
1%
Charente (16) Triac-Lautrait 463
1%
Charente-Maritime (17) Trizay 1 473
1%
Corrèze (19) Troche 541
1%
Corrèze (19) Tudeils 258
1%
Dordogne (24) Tursac 332
1%
Charente (16) Tusson 234
1%
Pyrénées-Atlantiques (64) Uhart-Cize 801
1%
Pyrénées-Atlantiques (64) Uhart-Mixe 215
1%
Pyrénées-Atlantiques (64) Urdos 68
1%
Landes (40) Urgons 240
1%
Dordogne (24) Urval 113
1%
Pyrénées-Atlantiques (64) Uzein 1 289
1%
Gironde (33) Uzeste 477
1%
Pyrénées-Atlantiques (64) Uzos 828
1%
Vienne (86) Valdivienne 2 740
1%
Gironde (33) Valeyrac 537
1%
Deux-Sèvres (79) Vallans 807
1%
Dordogne (24) Vallereuil 266
1%
Dordogne (24) Valojoulx 284
1%
Dordogne (24) Vanxains 689
1%
Charente-Maritime (17) Vanzac 186
1%
Dordogne (24) Varaignes 362
1%
Charente-Maritime (17) Varaize 558
1%
Dordogne (24) Varennes 462
1%
Lot-et-Garonne (47) Varès 660
1%
Corrèze (19) Varetz 2 462
1%
Charente-Maritime (17) Varzay 837
1%
Deux-Sèvres (79) Vasles 1 666
1%
Haute-Vienne (87) Vaulry 402
1%
Dordogne (24) Vaunac 245
1%
Corrèze (19) Végennes 176
1%
Corrèze (19) Veix 71
1%
Dordogne (24) Vélines 1 052
1%
Vienne (86) Vellèches 352
1%
Charente-Maritime (17) Vénérand 770
1%
Gironde (33) Verdelais 1 035
1%
Charente (16) Verdille 389
1%
Charente-Maritime (17) Vergeroux 1 292
1%
Charente-Maritime (17) Vergné 165
1%
Charente-Maritime (17) Vérines 2 339
1%
Vienne (86) Vernon 719
1%
Deux-Sèvres (79) Vernoux-en-Gâtine 573
1%
Deux-Sèvres (79) Vernoux-sur-Boutonne 225
1%
Vienne (86) Verrue 384
1%
Deux-Sèvres (79) Verruyes 895
1%
Dordogne (24) Verteillac 549
1%
Gironde (33) Vertheuil 1 306
1%
Charente-Maritime (17) Vervant 235
1%
Charente (16) Vervant 147
1%
Dordogne (24) Veyrines-de-Domme 234
1%
Dordogne (24) Veyrines-de-Vergt 246
1%
Dordogne (24) Vézac 511
1%
Vienne (86) Vézières 351
1%
Corrèze (19) Viam 85
1%
Lot-et-Garonne (47) Vianne 979
1%
Haute-Vienne (87) Videix 203
1%
Deux-Sèvres (79) Viennay 1 092
1%
Corrèze (19) Vigeois 1 288
1%
Charente (16) Vignolles 161
1%
Corrèze (19) Vignols 531
1%
Gironde (33) Vignonet 492
1%
Dordogne (24) Villac 274
1%
Dordogne (24) Villamblard 889
1%
Charente (16) Villebois-Lavalette 713
1%
Charente-Maritime (17) Villedoux 2 316
1%
Charente (16) Villefagnan 993
1%
Haute-Vienne (87) Villefavard 163
1%
Gironde (33) Villegouge 1 281
1%
Charente (16) Villejoubert 352
1%
Vienne (86) Villemort 101
1%
Dordogne (24) Villetoureix 902
1%
Charente (16) Villognon 325
1%
Charente (16) Vindelle 1 062
1%
Pyrénées-Atlantiques (64) Viodos-Abense-de-Bas 748
1%
Gironde (33) Virelade 1 109
1%
Charente-Maritime (17) Virson 747
1%
Pyrénées-Atlantiques (64) Viven 176
1%
Charente (16) Vœuil-et-Giget 1 567
1%
Charente (16) Vouharte 323
1%
Charente-Maritime (17) Vouhé 641
1%
Deux-Sèvres (79) Vouhé 355
1%
Vienne (86) Voulême 392
1%
Charente (16) Voulgézac 240
1%
Deux-Sèvres (79) Voulmentin 1 124
1%
Vienne (86) Voulon 469
1%
Corrèze (19) Voutezac 1 237
1%
Charente (16) Vouthon 410
1%
Vienne (86) Vouzailles 566
1%
Charente (16) Vouzan 825
1%
Lot-et-Garonne (47) Xaintrailles 384
1%
Deux-Sèvres (79) Xaintray 237
1%
Charente (16) Xambes 242
1%
Corrèze (19) Yssandon 687
1%
Vienne (86) Yversay 623
1%
Charente (16) Yviers 535
1%
Landes (40) Yzosse 380
1%
Creuse (23) Augères 118
0%
Creuse (23) Aulon 162
0%
Creuse (23) Auriat 109
0%
Gironde (33) Auriolles 139
0%
Pyrénées-Atlantiques (64) Balansun 308
0%
Lot-et-Garonne (47) Baleyssagues 187
0%
Pyrénées-Atlantiques (64) Baliracq-Maumusson 119
0%
Creuse (23) Banize 181
0%
Pyrénées-Atlantiques (64) Barinque 589
0%
Pyrénées-Atlantiques (64) Barraute-Camu 183
0%
Pyrénées-Atlantiques (64) Bastanès 97
0%
Creuse (23) Basville 168
0%
Creuse (23) Bazelat 236
0%
Lot-et-Garonne (47) Beauziac 232
0%
Pyrénées-Atlantiques (64) Béhaque-Lapiste 509
0%
Creuse (23) Beissat 28
0%
Pyrénées-Atlantiques (64) Bésingrand 146
0%
Creuse (23) Bétête 380
0%
Pyrénées-Atlantiques (64) Bétracq 49
0%
Lot-et-Garonne (47) Blaymont 212
0%
Gironde (33) Blésignac 310
0%
Creuse (23) Blessac 534
0%
Charente (16) Boisbreteau 127
0%
Gironde (33) Bonzac 778
0%
Creuse (23) Bosmoreau-les-Mines 229
0%
Creuse (23) Bosroger 114
0%
Gironde (33) Bossugan 41
0%
Pyrénées-Atlantiques (64) Boueilh-Boueilho-Lasque 387
0%
Pyrénées-Atlantiques (64) Boumourt 162
0%
Lot-et-Garonne (47) Bourgougnague 303
0%
Lot-et-Garonne (47) Bourlens 372
0%
Lot-et-Garonne (47) Bournel 256
0%
Deux-Sèvres (79) Brieuil-sur-Chizé 111
0%
Gironde (33) Brouqueyran 202
0%
Lot-et-Garonne (47) Brugnac 179
0%
Pyrénées-Atlantiques (64) Burgaronne 99
0%
Pyrénées-Atlantiques (64) Burosse-Mendousse 76
0%
Pyrénées-Atlantiques (64) Cabidos 170
0%
Pyrénées-Atlantiques (64) Cadillon 111
0%
Lot-et-Garonne (47) Calonges 589
0%
Gironde (33) Campugnan 513
0%
Pyrénées-Atlantiques (64) Cardesse 297
0%
Pyrénées-Atlantiques (64) Carrère 217
0%
Lot-et-Garonne (47) Cassignas 130
0%
Pyrénées-Atlantiques (64) Castagnède 200
0%
Pyrénées-Atlantiques (64) Casteide-Cami 269
0%
Pyrénées-Atlantiques (64) Casteide-Candau 302
0%
Pyrénées-Atlantiques (64) Casteide-Doat 163
0%
Pyrénées-Atlantiques (64) Castéra-Loubix 50
0%
Pyrénées-Atlantiques (64) Castetbon 156
0%
Pyrénées-Atlantiques (64) Castetnau-Camblong 458
0%
Pyrénées-Atlantiques (64) Castetner 135
0%
Pyrénées-Atlantiques (64) Castetpugon 210
0%
Lot-et-Garonne (47) Caubeyres 268
0%
Gironde (33) Cauvignac 144
0%
Lot-et-Garonne (47) Cauzac 414
0%
Lot-et-Garonne (47) Cavarc 160
0%
Gironde (33) Cazaugitat 213
0%
Lot-et-Garonne (47) Cazideroque 242
0%
Pyrénées-Atlantiques (64) Cescau 625
0%
Creuse (23) Ceyroux 126
0%
Gironde (33) Chamadelle 722
0%
Creuse (23) Chamberaud 97
0%
Creuse (23) Chambonchard 80
0%
Creuse (23) Chamborand 244
0%
Creuse (23) Champagnat 476
0%
Haute-Vienne (87) Champnétery 518
0%
Creuse (23) Champsanglard 253
0%
Creuse (23) Châtelard 30
0%
Creuse (23) Chavanat 140
0%
Corrèze (19) Chaveroche 276
0%
Corrèze (19) Chenailler-Mascheix 212
0%
Deux-Sèvres (79) Chérigné 132
0%
Creuse (23) Clairavaux 153
0%
Pyrénées-Atlantiques (64) Claracq 240
0%
Gironde (33) Cleyrac 151
0%
Creuse (23) Clugnat 650
0%
Gironde (33) Coirac 215
0%
Creuse (23) Colondannes 282
0%
Dordogne (24) Comberanche-et-Épeluche 164
0%
Pyrénées-Atlantiques (64) Conchez-de-Béarn 110
0%
Lot-et-Garonne (47) Condezaygues 841
0%
Pyrénées-Atlantiques (64) Corbère-Abères 96
0%
Gironde (33) Coubeyrac 71
0%
Pyrénées-Atlantiques (64) Coublucq 91
0%
Corrèze (19) Couffy-sur-Sarsonne 69
0%
Lot-et-Garonne (47) Courbiac 107
0%
Charente (16) Courgeac 172
0%
Creuse (23) Cressat 516
0%
Gironde (33) Croignon 735
0%
Pyrénées-Atlantiques (64) Cuqueron 191
0%
Gironde (33) Dardenac 91
0%
Gironde (33) Daubèze 151
0%
Corrèze (19) Davignac 222
0%
Lot-et-Garonne (47) Dévillac 149
0%
Gironde (33) Dieulivol 337
0%
Pyrénées-Atlantiques (64) Doazon 181
0%
Pyrénées-Atlantiques (64) Dognen 229
0%
Dordogne (24) Doissat 102
0%
Lot-et-Garonne (47) Dolmayrac 716
0%
Creuse (23) Domeyrot 236
0%
Lot-et-Garonne (47) Dondas 214
0%
Creuse (23) Dontreix 412
0%
Lot-et-Garonne (47) Doudrac 107
0%
Gironde (33) Doulezon 271
0%
Lot-et-Garonne (47) Douzains 267
0%
Charente (16) Ébréon 138
0%
Lot-et-Garonne (47) Engayrac 161
0%
Deux-Sèvres (79) Ensigné 288
0%
Lot-et-Garonne (47) Esclottes 155
0%
Pyrénées-Atlantiques (64) Escoubès 433
0%
Gironde (33) Escoussans 279
0%
Pyrénées-Atlantiques (64) Escurès 143
0%
Corrèze (19) Espartignac 410
0%
Pyrénées-Atlantiques (64) Espiute 107
0%
Pyrénées-Atlantiques (64) Estialescq 260
0%
Pyrénées-Atlantiques (64) Etchebar 74
0%
Deux-Sèvres (79) Exoudun 549
0%
Charente-Maritime (17) Expiremont 128
0%
Corrèze (19) Eyburie 490
0%
Gironde (33) Eynesse 601
0%
Dordogne (24) Faux-en-Périgord 661
0%
Creuse (23) Féniers 103
0%
Lot-et-Garonne (47) Ferrensac 200
0%
Pyrénées-Atlantiques (64) Fichous-Riumayou 194
0%
Lot-et-Garonne (47) Fieux 337
0%
Gironde (33) Flaujagues 602
0%
Creuse (23) Flayat 300
0%
Creuse (23) Fleurat 310
0%
Gironde (33) Floudès 109
0%
Deux-Sèvres (79) Fomperron 394
0%
Lot-et-Garonne (47) Fongrave 620
0%
Creuse (23) Fontanières 250
0%
Deux-Sèvres (79) Fontivillié 793
0%
Dordogne (24) Fougueyrolles 448
0%
Dordogne (24) Fouleix 269
0%
Lot-et-Garonne (47) Francescas 732
0%
Creuse (23) Fransèches 242
0%
Lot-et-Garonne (47) Fréchou 226
0%
Lot-et-Garonne (47) Frégimont 266
0%
Lot-et-Garonne (47) Frespech 288
0%
Creuse (23) Fresselines 493
0%
Deux-Sèvres (79) Fressines 1 756
0%
Vienne (86) Frozes 602
0%
Gironde (33) Gabarnac 356
0%
Lot-et-Garonne (47) Galapian 325
0%
Gironde (33) Gardegan-et-Tourtirac 276
0%
Pyrénées-Atlantiques (64) Garlède-Mondebat 219
0%
Pyrénées-Atlantiques (64) Gayon 54
0%
Creuse (23) Gentioux-Pigerolles 373
0%
Pyrénées-Atlantiques (64) Gerderest 139
0%
Pyrénées-Atlantiques (64) Gestas 76
0%
Creuse (23) Gioux 171
0%
Charente-Maritime (17) Givrezac 73
0%
Deux-Sèvres (79) Glénay 555
0%
Creuse (23) Glénic 663
0%
Vienne (86) Glénouze 93
0%
Gironde (33) Goualade 96
0%
Charente-Maritime (17) Gourvillette 97
0%
Corrèze (19) Grandsaigne 50
0%
Lot-et-Garonne (47) Grayssas 144
0%
Lot-et-Garonne (47) Grézet-Cavagnan 401
0%
Charente (16) Guizengeard 163
0%
Corrèze (19) Gumond 97
0%
Lot-et-Garonne (47) Hautesvignes 173
0%
Pyrénées-Atlantiques (64) Herrère 389
0%
Pyrénées-Atlantiques (64) Higuères-Souye 275
0%
Charente (16) Houlette 386
0%
Pyrénées-Atlantiques (64) Ibarrolle 73
0%
Deux-Sèvres (79) Irais 208
0%
Creuse (23) Jalesches 92
0%
Creuse (23) Janaillat 318
0%
Pyrénées-Atlantiques (64) Jasses 148
0%
Charente (16) Jauldes 817
0%
Creuse (23) Jouillat 378
0%
Gironde (33) Jugazan 273
0%
Charente (16) Juignac 391
0%
Charente-Maritime (17) Jussas 155
0%
Gironde (33) Labescau 127
0%
Pyrénées-Atlantiques (64) Labeyrie 108
0%
Lot-et-Garonne (47) Labretonie 175
0%
Creuse (23) La Brionne 453
0%
Pyrénées-Atlantiques (64) Lacadée 146
0%
Creuse (23) La Celle-Dunoise 532
0%
Lot-et-Garonne (47) Lacépède 311
0%
Creuse (23) La Chaussade 96
0%
Charente (16) La Chèvrerie 138
0%
Creuse (23) Ladapeyre 351
0%
Gironde (33) Ladaux 189
0%
Gironde (33) Lados 176
0%
Creuse (23) Lafat 320
0%
Lot-et-Garonne (47) Lagarrigue 276
0%
Corrèze (19) Lagleygeolle 223
0%
Lot-et-Garonne (47) Lagruère 335
0%
Lot-et-Garonne (47) Lalandusse 223
0%
Pyrénées-Atlantiques (64) Lalongue 202
0%
Pyrénées-Atlantiques (64) Lalonquette 257
0%
Charente (16) La Magdeleine 115
0%
Pyrénées-Atlantiques (64) Lamayou 208
0%
Corrèze (19) Lamongerie 121
0%
Gironde (33) Landerrouat 226
0%
Gironde (33) Landerrouet-sur-Ségur 102
0%
Pyrénées-Atlantiques (64) Lannecaube 148
0%
Pyrénées-Atlantiques (64) Lanneplaà 304
0%
Pyrénées-Atlantiques (64) Larreule 189
0%
Pyrénées-Atlantiques (64) Larribar-Sorhapuru 183
0%
Creuse (23) La Saunière 653
0%
Pyrénées-Atlantiques (64) Lasclaveries 246
0%
Charente (16) La Tâche 109
0%
Lot-et-Garonne (47) Laussou 277
0%
Dordogne (24) Lavalade 103
0%
Creuse (23) Lavaufranche 240
0%
Gironde (33) Lavazan 229
0%
Creuse (23) La Villetelle 168
0%
Creuse (23) Le Chauchet 103
0%
Creuse (23) Le Compas 193
0%
Pyrénées-Atlantiques (64) Lecumberry 173
0%
Lot-et-Garonne (47) Lédat 1 425
0%
Creuse (23) Le Donzeil 187
0%
Charente (16) Le Grand-Madieu 156
0%
Creuse (23) Lépaud 367
0%
Creuse (23) Lépinas 126
0%
Deux-Sèvres (79) Le Retail 274
0%
Deux-Sèvres (79) Les Châteliers 459
0%
Gironde (33) Les Esseintes 240
0%
Haute-Vienne (87) Les Grands-Chézeaux 233
0%
Deux-Sèvres (79) Les Groseillers 55
0%
Pyrénées-Atlantiques (64) Lespielle 152
0%
Pyrénées-Atlantiques (64) Lespourcy 189
0%
Corrèze (19) Lestards 114
0%
Corrèze (19) Les Trois-Saints 1 367
0%
Charente (16) Le Vieux-Cérier 130
0%
Creuse (23) Leyrat 142
0%
Lot-et-Garonne (47) Leyritz-Moncassin 205
0%
Deux-Sèvres (79) Lhoumois 137
0%
Pyrénées-Atlantiques (64) Lichans-Sunhar 85
0%
Charente (16) Lichères 91
0%
Corrèze (19) Lignareix 163
0%
Gironde (33) Ligueux 144
0%
Corrèze (19) Liourdres 261
0%
Creuse (23) Lioux-les-Monges 58
0%
Creuse (23) Lizières 238
0%
Pyrénées-Atlantiques (64) Lohitzun-Oyhercq 197
0%
Pyrénées-Atlantiques (64) Lombia 208
0%
Pyrénées-Atlantiques (64) Lonçon 218
0%
Charente (16) Londigny 254
0%
Charente (16) Lonnes 186
0%
Deux-Sèvres (79) Lorigné 303
0%
Corrèze (19) Lostanges 151
0%
Gironde (33) Loubens 312
0%
Deux-Sèvres (79) Loubigné 156
0%
Deux-Sèvres (79) Loubillé 373
0%
Creuse (23) Lourdoueix-Saint-Pierre 724
0%
Pyrénées-Atlantiques (64) Louvigny 137
0%
Charente-Maritime (17) Louzignac 171
0%
Pyrénées-Atlantiques (64) Lucarré 62
0%
Gironde (33) Lugasson 317
0%
Creuse (23) Lupersat 293
0%
Charente (16) Lupsault 113
0%
Deux-Sèvres (79) Lusseray 171
0%
Charente-Maritime (17) Macqueville 291
0%
Lot-et-Garonne (47) Madaillan 664
0%
Creuse (23) Mainsat 534
0%
Charente (16) Mainzac 121
0%
Creuse (23) Maisonnisses 175
0%
Deux-Sèvres (79) Maisontiers 133
0%
Pyrénées-Atlantiques (64) Malaussanne 432
0%
Creuse (23) Malleret 42
0%
Creuse (23) Malleret-Boussac 179
0%
Creuse (23) Mansat-la-Courrière 64
0%
Deux-Sèvres (79) Marcillé 728
0%
Gironde (33) Margueron 382
0%
Gironde (33) Marimbault 186
0%
Gironde (33) Marions 216
0%
Lot-et-Garonne (47) Marmont-Pachas 168
0%
Pyrénées-Atlantiques (64) Mascaraàs-Haron 116
0%
Pyrénées-Atlantiques (64) Maspie-Lalonquère-Juillacq 241
0%
Lot-et-Garonne (47) Masquières 179
0%
Gironde (33) Masseilles 137
0%
Lot-et-Garonne (47) Massels 116
0%
Lot-et-Garonne (47) Massoulès 209
0%
Gironde (33) Massugas 219
0%
Creuse (23) Mautes 197
0%
Creuse (23) Mazeirat 125
0%
Creuse (23) Méasnes 525
0%
Corrèze (19) Ménoire 134
0%
Pyrénées-Atlantiques (64) Méracq 233
0%
Gironde (33) Mérignas 316
0%
Dordogne (24) Mescoules 180
0%
Pyrénées-Atlantiques (64) Mesplède 331
0%
Gironde (33) Mesterrieux 225
0%
Pyrénées-Atlantiques (64) Mialos 139
0%
Pyrénées-Atlantiques (64) Miossens-Lanusse 279
0%
Gironde (33) Mombrier 453
0%
Pyrénées-Atlantiques (64) Monassut-Audiracq 366
0%
Lot-et-Garonne (47) Monbahus 629
0%
Lot-et-Garonne (47) Monbalen 447
0%
Pyrénées-Atlantiques (64) Moncaup 157
0%
Lot-et-Garonne (47) Moncaut 578
0%
Lot-et-Garonne (47) Monheurt 190
0%
Dordogne (24) Monmadalès 80
0%
Dordogne (24) Monmarvès 62
0%
Pyrénées-Atlantiques (64) Monpezat 83
0%
Dordogne (24) Monplaisant 279
0%
Gironde (33) Monprimblanc 280
0%
Gironde (33) Montagoudin 177
0%
Pyrénées-Atlantiques (64) Montagut 118
0%
Creuse (23) Montaigut-le-Blanc 385
0%
Lot-et-Garonne (47) Montauriol 203
0%
Dordogne (24) Montazeau 281
0%
Creuse (23) Montboucher 362
0%
Charente (16) Montmérac 719
0%
Dordogne (24) Montpeyroux 487
0%
Lot-et-Garonne (47) Montpezat 546
0%
Lot-et-Garonne (47) Monviel 77
0%
Gironde (33) Morizès 537
0%
Creuse (23) Mortroux 275
0%
Pyrénées-Atlantiques (64) Mouhous 64
0%
Gironde (33) Mouillac 88
0%
Gironde (33) Mouliets-et-Villemartin 1 025
0%
Lot-et-Garonne (47) Moulinet 198
0%
Charente (16) Mouzon 138
0%
Pyrénées-Atlantiques (64) Nabas 86
0%
Charente (16) Nabinaud 99
0%
Charente-Maritime (17) Nachamps 198
0%
Creuse (23) Naillat 648
0%
Dordogne (24) Nastringues 128
0%
Creuse (23) Néoux 282
0%
Gironde (33) Neuffons 139
0%
Gironde (33) Noaillac 536
0%
Pyrénées-Atlantiques (64) Noguères 130
0%
Lot-et-Garonne (47) Nomdieu 253
0%
Creuse (23) Nouhant 289
0%
Creuse (23) Nouzerines 236
0%
Creuse (23) Nouzerolles 95
0%
Creuse (23) Nouziers 248
0%
Pyrénées-Atlantiques (64) Ogenne-Camptort 244
0%
Pyrénées-Atlantiques (64) Oraàs 185
0%
Charente (16) Orgedeuil 211
0%
Deux-Sèvres (79) Oroux 98
0%
Pyrénées-Atlantiques (64) Orriule 142
0%
Pyrénées-Atlantiques (64) Orsanco 107
0%
Pyrénées-Atlantiques (64) Ossenx 50
0%
Pyrénées-Atlantiques (64) Ozenx-Montestrucq 383
0%
Lot-et-Garonne (47) Pailloles 319
0%
Pyrénées-Atlantiques (64) Parbayse 326
0%
Lot-et-Garonne (47) Pardaillan 328
0%
Lot-et-Garonne (47) Parranquet 115
0%
Dordogne (24) Paunat 317
0%
Gironde (33) Petit-Palais-et-Cornemps 731
0%
Creuse (23) Peyrabout 153
0%
Lot-et-Garonne (47) Peyrière 287
0%
Pyrénées-Atlantiques (64) Piets-Plasence-Moustrou 139
0%
Lot-et-Garonne (47) Pindères 193
0%
Creuse (23) Pionnat 722
0%
Lot-et-Garonne (47) Pompiey 201
0%
Pyrénées-Atlantiques (64) Pomps 299
0%
Creuse (23) Pontcharraud 83
0%
Pyrénées-Atlantiques (64) Pontiacq-Viellepinte 181
0%
Pyrénées-Atlantiques (64) Pouliacq 50
0%
Charente (16) Poursac 204
0%
Charente-Maritime (17) Poursay-Garnaud 316
0%
Pyrénées-Atlantiques (64) Poursiugues-Boucoue 184
0%
Creuse (23) Poussanges 153
0%
Lot-et-Garonne (47) Poussignac 293
0%
Corrèze (19) Pradines 79
0%
Pyrénées-Atlantiques (64) Précilhon 400
0%
Deux-Sèvres (79) Puihardy 63
0%
Gironde (33) Puybarban 409
0%
Charente (16) Puyréaux 556
0%
Charente-Maritime (17) Puyrolland 190
0%
Lot-et-Garonne (47) Puysserampion 246
0%
Charente (16) Raix 118
0%
Pyrénées-Atlantiques (64) Ramous 487
0%
Vienne (86) Raslay 136
0%
Lot-et-Garonne (47) Rayet 177
0%
Lot-et-Garonne (47) Razimet 290
0%
Haute-Vienne (87) Rempnat 146
0%
Charente (16) Réparsac 603
0%
Creuse (23) Reterre 265
0%
Pyrénées-Atlantiques (64) Ribarrouy 81
0%
Gironde (33) Rimons 197
0%
Gironde (33) Riocaud 196
0%
Pyrénées-Atlantiques (64) Riupeyrous 233
0%
Pyrénées-Atlantiques (64) Rivehaute 271
0%
Charente-Maritime (17) Romazières 77
0%
Lot-et-Garonne (47) Romestaing 159
0%
Pyrénées-Atlantiques (64) Roquiague 121
0%
Creuse (23) Rougnat 476
0%
Lot-et-Garonne (47) Roumagne 520
0%
Lot-et-Garonne (47) Ruffiac 180
0%
Dordogne (24) Sagelat 316
0%
Creuse (23) Sagnat 193
0%
Creuse (23) Saint-Alpinien 284
0%
Creuse (23) Saint-Chabrais 306
0%
Creuse (23) Saint-Domet 161
0%
Charente (16) Sainte-Souline 121
0%
Creuse (23) Saint-Frion 254
0%
Charente (16) Saint-Gourson 128
0%
Lot-et-Garonne (47) Saint-Salvy 201
0%
Lot-et-Garonne (47) Saint-Sardos 296
0%
Lot-et-Garonne (47) Saint-Urcisse 249
0%
Charente-Maritime (17) Saleignes 57
0%
Creuse (23) Sannat 343
0%
Pyrénées-Atlantiques (64) Sarpourenx 291
0%
Pyrénées-Atlantiques (64) Sarrance 156
0%
Pyrénées-Atlantiques (64) Saubole 144
0%
Pyrénées-Atlantiques (64) Saucède 128
0%
Lot-et-Garonne (47) Sauméjan 93
0%
Charente (16) Sauvagnac 66
0%
Lot-et-Garonne (47) Sauvagnas 522
0%
Creuse (23) Savennes 210
0%
Pyrénées-Atlantiques (64) Séby 205
0%
Lot-et-Garonne (47) Ségalas 156
0%
Lot-et-Garonne (47) Sembas 141
0%
Pyrénées-Atlantiques (64) Séméacq-Blachon 159
0%
Lot-et-Garonne (47) Sénestis 204
0%
Dordogne (24) Sergeac 213
0%
Creuse (23) Sermur 105
0%
Dordogne (24) Servanches 78
0%
Corrèze (19) Servières-le-Château 581
0%
Charente-Maritime (17) Siecq 215
0%
Pyrénées-Atlantiques (64) Simacourbe 419
0%
Dordogne (24) Simeyrols 254
0%
Pyrénées-Atlantiques (64) Siros 822
0%
Creuse (23) Soubrebost 139
0%
Corrèze (19) Soudeilles 294
0%
Charente (16) Souffrignac 142
0%
Dordogne (24) Soulaures 72
0%
Creuse (23) Soumans 572
0%
Lot-et-Garonne (47) Soumensac 225
0%
Charente-Maritime (17) Sousmoulins 202
0%
Haute-Vienne (87) Surdoux 49
0%
Pyrénées-Atlantiques (64) Tabaille-Usquain 47
0%
Pyrénées-Atlantiques (64) Tadousse-Ussau 72
0%
Charente-Maritime (17) Taillant 177
0%
Gironde (33) Taillecavat 271
0%
Creuse (23) Tardes 120
0%
Pyrénées-Atlantiques (64) Tarsacq 538
0%
Lot-et-Garonne (47) Tayrac 378
0%
Dordogne (24) Teillots 99
0%
Creuse (23) Tercillat 150
0%
Charente-Maritime (17) Ternant 376
0%
Charente-Maritime (17) Thaims 377
0%
Creuse (23) Thauron 174
0%
Charente (16) Theil-Rabier 164
0%
Creuse (23) Toulx-Sainte-Croix 251
0%
Lot-et-Garonne (47) Tourliac 138
0%
Lot-et-Garonne (47) Tourtrès 140
0%
Lot-et-Garonne (47) Trémons 400
0%
Charente (16) Turgon 83
0%
Pyrénées-Atlantiques (64) Urost 76
0%
Pyrénées-Atlantiques (64) Uzan 164
0%
Deux-Sèvres (79) Valdelaume 810
0%
Corrèze (19) Valiergues 148
0%
Creuse (23) Vallière 714
0%
Deux-Sèvres (79) Vançais 227
0%
Deux-Sèvres (79) Vanzay 250
0%
Creuse (23) Vareilles 313
0%
Deux-Sèvres (79) Vausseroux 326
0%
Deux-Sèvres (79) Vautebis 122
0%
Dordogne (24) Vendoire 132
0%
Charente (16) Ventouse 120
0%
Pyrénées-Atlantiques (64) Verdets 298
0%
Creuse (23) Verneiges 121
0%
Corrèze (19) Veyrières 80
0%
Dordogne (24) Veyrignac 331
0%
Pyrénées-Atlantiques (64) Vialer 160
0%
Creuse (23) Vidaillat 195
0%
Pyrénées-Atlantiques (64) Viellenave-d’Arthez 221
0%
Pyrénées-Atlantiques (64) Viellenave-de-Navarrenx 165
0%
Pyrénées-Atlantiques (64) Vielleségure 387
0%
Creuse (23) Viersat 287
0%
Creuse (23) Vigeville 164
0%
Lot-et-Garonne (47) Villebramar 110
0%
Deux-Sèvres (79) Villefollet 209
0%
Deux-Sèvres (79) Villemain 148
0%
Charente-Maritime (17) Villemorin 123
0%
Lot-et-Garonne (47) Villeton 457
0%
Charente-Maritime (17) Villexavier 271
0%
Charente-Maritime (17) Vinax 64
0%
Charente-Maritime (17) Virollet 303
0%
Charente-Maritime (17) Voissay 170
0%
Aucun quiz correspondant
Distribution des résultats
% des personnes avec chaque résultat
Percentile par nombre de réponses
Votre historique - résultats
Vous n’avez pas pris ce quiz depuis la dernière actualisation